{"text_format":"2","workbook":"xlsx","n_sheets":5,"sheets":["Planilha Orçamentária","Cronograma","Composições","BDI's","Leis Sociais"],"not_rendered":{"charts":0,"images":0,"macros":1,"external_links":5,"defined_names":4088,"comments":0,"pivot_tables":0},"unopened":[],"bounds":{"document_bytes":16777216,"sheet_cells":100000,"run_cost":"one","rows_first":2000,"rows_last":500,"rows_between":2000,"halvings":0,"cell_chars":16384,"cell_head_chars":4096},"cells_cut":0,"cells_raw":0,"read":"whole","date_system":"1900"}

{"sheet":"Planilha Orçamentária","index":0,"n_rows":619,"n_cols":11,"rows_kept":619,"cut":false,"hidden":false,"merged":[[5,5,5,8],[12,1,13,1],[12,3,13,3],[0,1,4,10],[6,1,6,10],[5,1,5,4],[12,2,13,2],[12,5,13,5],[12,4,13,4],[12,6,13,6],[12,8,12,10],[12,7,13,7],[9,1,10,5]]}
[]
[]
[]
[]
[]
[{"$nulls":5},"COMPANHIA DE DESENVOLVIMENTO DOS                                                                                                                                                         VALES DO SÃO FRANCISCO E DO PARNAÍBA\n3ª Superintendência Regional"]
[null,"COMPLEMENTAÇÃO DAS OBRAS E DOS SERVIÇOS NECESSÁRIOS A IMPLANTAÇÃO DO SISTEMA DE ESGOTAMENTO SANITÁRIO DO MUNICÍPIO DE PETROLÂNDIA, NO ESTADO DE PERNAMBUCO, NA ÁREA DE ATUAÇÃO DA 3ª SUPERINTENDÊNCIA REGIONAL DA CODEVASF."]
[{"$nulls":5},"PETROLINA-PE",null,null,null,"SETEMBRO DE 2018"]
[{"$nulls":5},"PLANILHA ORÇAMENTÁRIA DE SERVIÇOS E MATERIAIS  "]
[null,"TABELAS DE REFERÊNCIA (SEM DESONERAÇÃO): ",{"$nulls":5},"CODEVASF","FEV/2018","ORSE","JUL/2018"]
[{"$nulls":7},"SEINFRA:","ABR/2017","SINAPI:","AGO/2018"]
[{"$nulls":6},"BDI:","SERVIÇOS:",0.25009999999999999,"MATERIAIS:",0.14000000000000001]
[null,"ITEM","TIPO","FONTE","CÓDIGO","DISCRIMINAÇÃO DOS SERVIÇOS","UNID.","QUANT.","PREÇO (R$)"]
[{"$nulls":8},"SEM BDI","COM BDI","TOTAL"]
[null,1,"INSTALAÇÕES PRELIMINARES E CANTEIRO DE OBRAS",{"$nulls":4},"Custo Total dos Serviços (R$)",null,null,1050031.58]
[null,"1.1","SERVIÇO","SINAPI","74209/1","FORNECIMENTO, MONTAGEM, MANUTENÇÃO  E INSTALAÇÃO DE PLACA DE IDENTIFICAÇÃO DE OBRA COM 2MX3M, CONFORME MODELO APRESENTADO PELA FISCALIZAÇÃO.","M²",6,329.28,411.63,2469.7800000000002]
[null,"1.2","SERVIÇO","CODEVASF","COMPOSIÇÃO","MOBILIZAÇÃO DE EQUIPAMENTOS, MATERIAIS E PESSOAL","UN ",1,8175.14,10219.74,10219.74]
[null,"1.3","SERVIÇO","CODEVASF","COMPOSIÇÃO","DESMOBILIZAÇÃO DE EQUIPAMENTOS, MATERIAIS E PESSOAL","UN ",1,8175.14,10219.74,10219.74]
[null,"1.4","SERVIÇO","CODEVASF","COMPOSIÇÃO","INSTALAÇÃO DE CANTEIRO DE OBRAS","UN ",1,147906.69,184898.15,184898.15]
[null,"1.5","SERVIÇO","CODEVASF","COMPOSIÇÃO","ADMINISTRAÇÃO LOCAL E MANUTENÇÃO DE CANTEIRO DE OBRAS","UN ",1,550501.43999999994,688181.85,688181.85]
[null,"1.6","INSUMO","CODEVASF","COMPOSIÇÃO","VEÍCULO PICK-UP CABINE DUPLA 4X4 (163 CV)","MÊS",24,5630.2,6418.43,154042.32]
[null,2,"REDE COLETORA; LINHA DE RECALQUE (EEE-01, EEE-02 e EEE-03 e EEE-04); EMISSÁRIO FINAL (ETE-A, ETE-B)",{"$nulls":4},"Custo Total dos Serviços (R$)",null,null,7866297.46]
[null,"2.1","LOCAÇÃO",{"$nulls":7},45742.32]
[null,"2.1.1","SERVIÇO","SINAPI",85323,"LOCACAO E NIVELAMENTO DE EMISSARIO/REDE COLETORA COM AUXILIO DE EQUIPAMENTO TOPOGRAFICO","M",25272,1.45,1.81,45742.32]
[null,"2.2","CADASTRO",{"$nulls":7},101846.16]
[null,"2.2.1","SERVIÇO","ORSE",11676,"CADASTRO DE REDES DE ESGOTO","M",25272,1.38,1.73,43720.56]
[null,"2.2.2","SERVIÇO","ORSE",2830,"LIMPEZA E TESTE DE REDES DE ESGOTOS SANITÁRIOS","M",25272,1.84,2.2999999999999998,58125.599999999999]
[null,"2.3","ESCAVAÇÃO EM VALAS",{"$nulls":7},2432309.71]
[null,"2.3.1","SERVIÇO","SINAPI",93358,"ESCAVAÇÃO MANUAL DE VALA COM PROFUNDIDADE MENOR OU IGUAL A 1,30 M. AF_03/2016","M³",1240.99,61.99,77.489999999999995,96164.32]
[null,"2.3.2","SERVIÇO","SINAPI",90105,"ESCAVAÇÃO MECANIZADA DE VALA COM PROFUNDIDADE ATÉ 1,5 M (MÉDIA ENTRE MONTANTE E JUSANTE/UMA COMPOSIÇÃO POR TRECHO) COM RETROESCAVADEIRA (CAPACIDADE DA CAÇAMBA DA RETRO: 0,26 M³ / POTÊNCIA: 88 HP), LARGURA MENOR QUE 0,8 M, EM SOLO DE 1A CATEGORIA, LOCAISCOM BAIXO NÍVEL DE INTERFERÊNCIA. AF_01/2015","M³",16133.03,7.63,9.5399999999999991,153909.10999999999]
[null,"2.3.3","SERVIÇO","SINAPI",90092,"ESCAVAÇÃO MECANIZADA DE VALA COM PROF. MAIOR QUE 1,5 M E ATÉ 3,0 M(MÉDIA ENTRE MONTANTE E JUSANTE/UMA COMPOSIÇÃO POR TRECHO), COM ESCAVADEIRA HIDRÁULICA (0,8 M³/111 HP), LARG. MENOR QUE 1,5 M, EM SOLO DE 1A CATEGORIA, LOCAIS COM BAIXO NÍVEL DE INTERFERÊNCIA. AF_01/2015","M³",1819.3,5.13,6.41,11661.71]
[null,"2.3.4","SERVIÇO","SINAPI",72915,"ESCAVACAO MECANICA DE VALA EM MATERIAL DE 2A. CATEGORIA ATE 2 M DE PROFUNDIDADE COM UTILIZACAO DE ESCAVADEIRA HIDRAULICA","M³",6003.48,10.81,13.51,81107.009999999995]
[null,"2.3.5","SERVIÇO","SINAPI",72917,"ESCAVACAO MECANICA DE VALA EM MATERIAL 2A. CATEGORIA DE 2,01 ATE 4,00 M DE PROFUNDIDADE COM UTILIZACAO DE ESCAVADEIRA HIDRAULICA","M³",829.46,12.35,15.44,12806.86]
[null,"2.3.6","SERVIÇO","ORSE",4357,"ESCAVAÇÃO COM PERFURATRIZ EM MATERIAL DE 2ª CATEGORIA","M³",1708.22,79.38,99.23,169506.67]
[null,"2.3.7","SERVIÇO","ORSE",4503,"ESCAVAÇÃO MANUAL DE VALA OU CAVA EM MATERIAL DE 3ª CATEGORIA, PROFUNDIDADE AT É 4,00 M, COM USO DE EXPLOSIVOS E PERFURAÇÃO MECÂNICA","M³",1708.22,240.65,300.83999999999997,513900.9]
[null,"2.3.8","SERVIÇO","SINAPI",94111,"LASTRO DE VALA COM PREPARO DE FUNDO, LARGURA MENOR QUE 1,5 M, COM CAMADA DE AREIA, LANÇAMENTO MECANIZADO, EM LOCAL COM NÍVEL BAIXO DE INTERFERÊNCIA. AF_06/2016","M³",6553.68,139.31,174.15,1141323.3700000001]
[null,"2.3.9","SERVIÇO","ORSE",2508,"CARGA MECÂNICA DE MATERIAL DE 3ª CATEGORIA","M³",10249.379999999999,3.18,3.98,40792.53]
[null,"2.3.10","SERVIÇO","SINAPI",97914,"TRANSPORTE COM CAMINHÃO BASCULANTE DE 6 M³, EM VIA URBANA PAVIMENTADA, DMT ATÉ 30 KM (UNIDADE: M³XKM). AF_01/2018","M³XKM",102493.8,1.65,2.06,211137.23]
[null,"2.4","ATERRO/REATERRO COMPACTADOS",{"$nulls":7},737953.28000000003]
[null,"2.4.1","SERVIÇO","SINAPI",93378,"REATERRO MECANIZADO DE VALA COM RETROESCAVADEIRA (CAPACIDADE DA CAÇAMBA DA RETRO: 0,26 M³ / POTÊNCIA: 88 HP), LARGURA ATÉ 0,8 M, PROFUNDIDADE ATÉ 1,5 M, COM SOLO (SEM SUBSTITUIÇÃO) DE 1ª CATEGORIA EM LOCAIS COM BAIXO NÍVEL DE INTERFERÊNCIA. AF_04/2016","M³",17374.02,23.73,29.66,515313.43]
[null,"2.4.2","SERVIÇO","SINAPI",93368,"REATERRO MECANIZADO DE VALA COM ESCAVADEIRA HIDRÁULICA (CAPACIDADE DA CAÇAMBA: 0,8 M³ / POTÊNCIA: 111 HP), LARGURA ATÉ 1,5 M, PROFUNDIDADE DE 1,5 A 3,0 M, COM SOLO (SEM SUBSTITUIÇÃO) DE 1ª CATEGORIA EM LOCAIS COM BAIXO NÍVEL DE INTERFERÊNCIA. AF_04/2016","M³",1819.3,13.72,17.149999999999999,31201]
[null,"2.4.3","SERVIÇO","SINAPI",94315,"ATERRO MECANIZADO DE VALA COM RETROESCAVADEIRA (CAPACIDADE DA CAÇAMBA DA RETRO: 0,26 M³ / POTÊNCIA: 88 HP), LARGURA ATÉ 0,8 M, PROFUNDIDADE ATÉ 1,5 M, COM SOLO ARGILO-ARENOSO. AF_05/2016","M³",3274.17,42.72,53.4,174840.68]
[null,"2.4.4","SERVIÇO","SINAPI",94305,"ATERRO MECANIZADO DE VALA COM ESCAVADEIRA HIDRÁULICA (CAPACIDADE DA CAÇAMBA: 0,8 M³ / POTÊNCIA: 111 HP), LARGURA ATÉ 1,5 M, PROFUNDIDADE DE 1,5 A 3,0 M, COM SOLO ARGILO-ARENOSO. AF_05/2016","M³",475.32,27.93,34.92,16598.169999999998]
[null,"2.5","POÇOS (INCLUSIVE ASSENTAMENTO DE TAMPÃO)",{"$nulls":7},771127.54]
[null,"2.5.1","SERVIÇO","SINAPI",98420,"(COMPOSIÇÃO REPRESENTATIVA) POÇO DE VISITA CIRCULAR PARA ESGOTO, EM CONCRETO PRÉ-MOLDADO, DIÂMETRO INTERNO = 1,0 M, PROFUNDIDADE ATÉ 1,50 M, INCLUINDO TAMPÃO DE FERRO FUNDIDO, DIÂMETRO DE 60 CM. AF_04/2018","UN",331,1293.21,1616.64,535107.83999999997]
[null,"2.5.2","SERVIÇO","SINAPI",98421,"(COMPOSIÇÃO REPRESENTATIVA) POÇO DE VISITA CIRCULAR PARA ESGOTO, EM CONCRETO PRÉ-MOLDADO, DIÂMETRO INTERNO = 1,0 M, PROFUNDIDADE DE 1,50 A 2,00 M, INCLUINDO TAMPÃO DE FERRO FUNDIDO, DIÂMETRO DE 60 CM. AF_04/2018","UN",14,1445.01,1806.41,25289.74]
[null,"2.5.3","SERVIÇO","SINAPI",98422,"(COMPOSIÇÃO REPRESENTATIVA) POÇO DE VISITA CIRCULAR PARA ESGOTO, EM CONCRETO PRÉ-MOLDADO, DIÂMETRO INTERNO = 1,0 M, PROFUNDIDADE DE 2,00 A 2,50 M, INCLUINDO TAMPÃO DE FERRO FUNDIDO, DIÂMETRO DE 60 CM. AF_04/2018","UN",14,1596.81,1996.17,27946.38]
[null,"2.5.4","SERVIÇO","SINAPI",98423,"(COMPOSIÇÃO REPRESENTATIVA) POÇO DE VISITA CIRCULAR PARA ESGOTO, EM CONCRETO PRÉ-MOLDADO, DIÂMETRO INTERNO = 1,0 M, PROFUNDIDADE DE 2,50 A 3,00 M, INCLUINDO TAMPÃO DE FERRO FUNDIDO, DIÂMETRO DE 60 CM. AF_04/2018","UN",6,1677.52,2097.0700000000002,12582.42]
[null,"2.5.5","SERVIÇO","SINAPI",98424,"(COMPOSIÇÃO REPRESENTATIVA) POÇO DE VISITA CIRCULAR PARA ESGOTO, EM CONCRETO PRÉ-MOLDADO, DIÂMETRO INTERNO = 1,0 M, PROFUNDIDADE DE 3,00 A 3,50 M, INCLUINDO TAMPÃO DE FERRO FUNDIDO, DIÂMETRO DE 60 CM. AF_04/2018","UN",17,1758.24,2197.98,37365.660000000003]
[null,"2.5.6","SERVIÇO","SINAPI",97983,"ACRÉSCIMO PARA POÇO DE VISITA CIRCULAR PARA ESGOTO, EM CONCRETO PRÉ-MOLDADO, DIÂMETRO INTERNO = 1 M. AF_05/2018","M",350,303.60000000000002,379.53,132835.5]
[null,"2.6","ASSENTAMENTO DE TUBOS E CONEXÕES EM PVC, JUNTA ELÁSTICA",{"$nulls":7},169665.38]
[null,"2.6.1","SERVIÇO","SINAPI",90734,"ASSENTAMENTO DE TUBO DE PVC PARA REDE COLETORA DE ESGOTO DE PAREDE MACIÇA, DN 150 MM, JUNTA ELÁSTICA, INSTALADO EM LOCAL COM NÍVEL BAIXO DE INTERFERÊNCIAS (NÃO INCLUI FORNECIMENTO). AF_06/2015","M",18144,3.35,4.1900000000000004,76023.360000000001]
[null,"2.6.2","SERVIÇO","SINAPI",90735,"ASSENTAMENTO DE TUBO DE PVC PARA REDE COLETORA DE ESGOTO DE PAREDE MACIÇA, DN 200 MM, JUNTA ELÁSTICA, INSTALADO EM LOCAL COM NÍVEL BAIXO DE INTERFERÊNCIAS (NÃO INCLUI FORNECIMENTO). AF_06/2015","M",1668,3.97,4.96,8273.2800000000007]
[null,"2.6.3","SERVIÇO","SINAPI",90736,"ASSENTAMENTO DE TUBO DE PVC PARA REDE COLETORA DE ESGOTO DE PAREDE MACIÇA, DN 250 MM, JUNTA ELÁSTICA, INSTALADO EM LOCAL COM NÍVEL BAIXO DE INTERFERÊNCIAS (NÃO INCLUI FORNECIMENTO). AF_06/2015","M",1878,4.59,5.74,10779.72]
[null,"2.6.4","SERVIÇO","SINAPI",90737,"ASSENTAMENTO DE TUBO DE PVC PARA REDE COLETORA DE ESGOTO DE PAREDE MACIÇA, DN 300 MM, JUNTA ELÁSTICA, INSTALADO EM LOCAL COM NÍVEL BAIXO DE INTERFERÊNCIAS (NÃO INCLUI FORNECIMENTO). AF_06/2015","M",690,5.2,6.5,4485]
[null,"2.6.5","SERVIÇO","SINAPI",90738,"ASSENTAMENTO DE TUBO DE PVC PARA REDE COLETORA DE ESGOTO DE PAREDE MACIÇA, DN 350 MM, JUNTA ELÁSTICA, INSTALADO EM LOCAL COM NÍVEL BAIXO DE INTERFERÊNCIAS (NÃO INCLUI FORNECIMENTO). AF_06/2015","M",372,5.81,7.26,2700.72]
[null,"2.6.6","SERVIÇO","SINAPI",90739,"ASSENTAMENTO DE TUBO DE PVC PARA REDE COLETORA DE ESGOTO DE PAREDE MACIÇA, DN 400 MM, JUNTA ELÁSTICA, INSTALADO EM LOCAL COM NÍVEL BAIXO DE INTERFERÊNCIAS (NÃO INCLUI FORNECIMENTO). AF_06/2015","M",438,13.16,16.45,7205.1]
[null,"2.6.7","SERVIÇO","SEINFRA","C3475","TRAVESSIA MÉTODO NÃO DESTRUTIVO P/ TUBO 100<DN<=200 (COMPLETO)","M",30,1572.31,1965.54,58966.2]
[null,"2.6.8","SERVIÇO","SINAPI",83724,"ASSENTAMENTO DE PECAS, CONEXOES, APARELHOS E ACESSORIOS DE FERRO FUNDIDO DUCTIL, JUNTA ELASTICA, MECANICA OU FLANGEADA, COM DIAMETROS DE 50 A 300 MM.","KG",400,2.46,3.08,1232]
[null,"2.7","RETIRADA DE PAVIMENTAÇÃO",{"$nulls":7},174054.38]
[null,"2.7.1","SERVIÇO","SINAPI",92970,"DEMOLIÇÃO DE PAVIMENTAÇÃO ASFÁLTICA COM UTILIZAÇÃO DE MARTELO PERFURADOR, ESPESSURA ATÉ 15 CM, EXCLUSIVE CARGA E TRANSPORTE","M²",3411.24,15.64,19.55,66689.740000000005]
[null,"2.7.2","SERVIÇO","ORSE",20,"DEMOLIÇÃO DE PAVIMENTAÇÃO EM PARALELEPÍPEDO OU PRÉ-MOLDADOS DE CONCRETO C/ RE APROVEITAMENTO","M²",11196.05,7.21,9.01,100876.41]
[null,"2.7.3","SERVIÇO","SINAPI",72898,"CARGA E DESCARGA MECANIZADAS DE ENTULHO EM CAMINHAO BASCULANTE 6 M³","M³",511.69,4.0199999999999996,5.03,2573.8000000000002]
[null,"2.7.4","SERVIÇO","SINAPI",72900,"TRANSPORTE DE ENTULHO COM CAMINHAO BASCULANTE 6 M³, RODOVIA PAVIMENTADA, DMT 0,5 A 1,0 KM","M³",511.69,6.12,7.65,3914.43]
[null,"2.8","RECOMPOSIÇÃO DE PAVIMENTAÇÃO",{"$nulls":7},1090067.06]
[null,"2.8.1","SERVIÇO","SINAPI","73790/4","REASSENTAMENTO DE PARALELEPIPEDO SOBRE COLCHAO DE PO DE PEDRA ESPESSURA 10CM, REJUNTADO COM ARGAMASSA TRACO 1:3 (CIMENTO E AREIA), CONSIDERANDO APROVEITAMENTO DO PARALELEPIPEDO","M²",11196.05,40.729999999999997,50.92,570102.87]
[null,"2.8.2","SERVIÇO","ORSE",2600,"REPOSIÇÃO DE PAVIMENTAÇÃO ASFÁLTICA, INCLUINDO PINTURA DE LIGAÇÃO, FORNECIMEN TO E APLICAÇÃO DE CBUQ","M²",3411.24,39.68,49.6,169197.5]
[null,"2.8.3","SERVIÇO","SINAPI",96396,"EXECUÇÃO E COMPACTAÇÃO DE BASE E OU SUB BASE COM BRITA GRADUADA SIMPLES - EXCLUSIVE CARGA E TRANSPORTE. AF_09/2017","M³",68.22,99.66,124.58,8498.85]
[null,"2.8.4","SERVIÇO","SINAPI","74253/1","RAMAL PREDIAL EM TUBO PEAD 20MM - FORNECIMENTO, INSTALAÇÃO, ESCAVAÇÃO E REATERRO","M",1500,22.74,28.43,42645]
[null,"2.8.5","SERVIÇO","SEINFRA","C2918","RAMAL PREDIAL DE ESGOTO EM PVC 100mm, S/ PAVIMENTO","M",750,42.99,53.74,40305]
[null,"2.8.6","SERVIÇO","SINAPI",83675,"TUBO CONCRETO SIMPLES DN 200 MM PARA DRENAGEM - FORNECIMENTO E INSTALACAO, INCLUSIVE ESCAVACAO MANUAL 1M³/M.","M",300,87,108.76,32628]
[null,"2.8.7","SERVIÇO","SINAPI",9537,"LIMPEZA FINAL DA OBRA","M²",75816,2.39,2.99,226689.84]
[null,"2.9","SINALIZAÇÃO E TRAFEGABILIDADE",{"$nulls":7},469219.2]
[null,"2.9.1","SERVIÇO","SINAPI","74219/2","PASSADICOS COM TABUAS DE MADEIRA PARA VEICULOS","M²",35,47.38,59.23,2073.0500000000002]
[null,"2.9.2","SERVIÇO","SINAPI","74219/1","PASSADICOS COM TABUAS DE MADEIRA PARA PEDESTRES","M²",24,55,68.760000000000005,1650.24]
[null,"2.9.3","SERVIÇO","CODEVASF","COMPOSIÇÃO","CONES DE SINALIZAÇÃO - FORNECIMENTO E MOVIMENTAÇÃO","UN/DIA",1800,1.05,1.31,2358]
[null,"2.9.4","SERVIÇO","SINAPI","74209/1","PLACA DE OBRA EM CHAPA DE ACO GALVANIZADO","M²",6,329.28,411.63,2469.7800000000002]
[null,"2.9.5","SERVIÇO","ORSE",59,"INTERDIÇÃO DE OBRA COM FITA DE SINALIZAÇÃO","M",20217.599999999999,6.85,8.56,173062.66]
[null,"2.9.6","SERVIÇO","ORSE",4518,"TELA DE NYLON PARA PROTEÇÃO DE FACHADA","M²",5054.3999999999996,20.98,26.23,132576.91]
[null,"2.9.7","SERVIÇO","SINAPI","74220/1","TAPUME DE CHAPA DE MADEIRA COMPENSADA, E= 6MM, COM PINTURA A CAL E REAPROVEITAMENTO DE 2X","M²",2274.48,54.52,68.16,155028.56]
[null,"2.10","ESCORAMENTO",{"$nulls":7},147366.12]
[null,"2.10.1","SERVIÇO","SINAPI",94057,"ESCORAMENTO DE VALA, TIPO DESCONTÍNUO, COM PROFUNDIDADE DE 1,5 M A 3,0 M, LARGURA MENOR QUE 1,5 M, EM LOCAL COM NÍVEL BAIXO DE INTERFERÊNCIA. AF_06/2016","M²",1151.57,18.440000000000001,23.05,26543.69]
[null,"2.10.2","SERVIÇO","SINAPI",94060,"ESCORAMENTO DE VALA, TIPO DESCONTÍNUO, COM PROFUNDIDADE DE 3,0 A 4,5 M, LARGURA MAIOR OU IGUAL A 1,5 E MENOR QUE 2,5 M, EM LOCAL COM NÍVEL BAIXO DE INTERFERÊNCIA. AF_06/2016","M²",1151.31,23.48,29.35,33790.949999999997]
[null,"2.10.3","SERVIÇO","SINAPI",94045,"ESCORAMENTO DE VALA, TIPO PONTALETEAMENTO, COM PROFUNDIDADE DE 1,5 A 3,0 M, LARGURA MENOR QUE 1,5 M, EM LOCAL COM NÍVEL BAIXO DE INTERFERÊNCIA. AF_06/2016","M²",1919.29,10.73,13.41,25737.68]
[null,"2.10.4","SERVIÇO","SINAPI",94041,"ESCORAMENTO DE VALA, TIPO PONTALETEAMENTO, COM PROFUNDIDADE DE 3,0 A 4,5 M, LARGURA MENOR QUE 1,5 M EM LOCAL COM NÍVEL ALTO DE INTERFERÊNCIA. AF_06/2016","M²",1918.86,8.73,10.91,20934.759999999998]
[null,"2.10.5","SERVIÇO","SINAPI","73877/2","ESCORAMENTO DE VALAS COM PRANCHOES METALICOS - AREA NAO CRAVADA","M²",767.72,42.05,52.57,40359.040000000001]
[null,"2.11","ESGOTAMENTO",{"$nulls":7},1690]
[null,"2.11.1","SERVIÇO","SINAPI","73891/1","ESGOTAMENTO COM MOTO-BOMBA AUTOESCOVANTE","H",250,5.41,6.76,1690]
[null,"2.12","RELAÇÃO DE MATERIAIS PARA REDE COLETORA, LINHAS DE RECALQUE E EMISSÁRIOS FINAL ",{"$nulls":7},1725256.31]
[null,"2.12.1","INSUMO","SINAPI",41936,"TUBO COLETOR DE ESGOTO, PVC, JEI, DN 150 MM  (NBR 7362)","M     ",18144,"40,19",45.82,831358.08]
[null,"2.12.2","INSUMO","SINAPI",41930,"TUBO COLETOR DE ESGOTO PVC, JEI, DN 200 MM (NBR 7362)","M     ",1668,"62,74",71.52,119295.36]
[null,"2.12.3","INSUMO","SINAPI",41931,"TUBO COLETOR DE ESGOTO PVC, JEI, DN 250 MM (NBR 7362)","M     ",1878,"106,35",121.24,227688.72]
[null,"2.12.4","INSUMO","SINAPI",41932,"TUBO COLETOR DE ESGOTO PVC, JEI, DN 300 MM (NBR 7362)","M     ",690,"172,34",196.47,135564.29999999999]
[null,"2.12.5","INSUMO","SINAPI",41933,"TUBO COLETOR DE ESGOTO PVC, JEI, DN 350 MM (NBR 7362)","M     ",372,"213,70",243.62,90626.64]
[null,"2.12.6","INSUMO","SINAPI",41934,"TUBO COLETOR DE ESGOTO PVC, JEI, DN 400 MM (NBR 7362)","M     ",438,"278,12",317.06,138872.28]
[null,"2.12.7","INSUMO","SINAPI",9825,"TUBO PVC DEFOFO, JEI, 1 MPA, DN 100 MM, PARA REDE DE AGUA (NBR 7665)","M     ",762,"35,84",40.86,31135.32]
[null,"2.12.8","INSUMO","SINAPI",9828,"TUBO PVC DEFOFO, JEI, 1 MPA, DN 150 MM, PARA REDE DE  AGUA (NBR 7665)","M     ",1320,"69,88",79.66,105151.2]
[null,"2.12.9","INSUMO","SINAPI",305,"ANEL BORRACHA, PARA TUBO PVC, REDE COLETOR ESGOTO, DN 150 MM (NBR 7362)","UN    ",3024,"7,03",8.01,24222.240000000002]
[null,"2.12.10","INSUMO","SINAPI",306,"ANEL BORRACHA, PARA TUBO PVC, REDE COLETOR ESGOTO, DN 200 MM (NBR 7362)","UN    ",278,"8,45",9.6300000000000008,2677.14]
[null,"2.12.11","INSUMO","SINAPI",307,"ANEL BORRACHA, PARA TUBO PVC, REDE COLETOR ESGOTO, DN 250 MM (NBR 7362)","UN    ",313,"16,69",19.03,5956.39]
[null,"2.12.12","INSUMO","SINAPI",308,"ANEL BORRACHA, PARA TUBO, PVC REDE COLETOR ESGOTO, DN 300 MM (NBR 7362)","UN    ",115,"22,29",25.41,2922.15]
[null,"2.12.13","INSUMO","SINAPI",309,"ANEL BORRACHA, PARA TUBO PVC, REDE COLETOR ESGOTO, DN 350 MM (NBR 7362)","UN    ",62,"34,21",39,2418]
[null,"2.12.14","INSUMO","SINAPI",310,"ANEL BORRACHA, PARA TUBO PVC, REDE COLETOR ESGOTO, DN 400 MM (NBR 7362)","UN    ",73,"43,39",49.46,3610.58]
[null,"2.12.15","INSUMO","SINAPI",311,"ANEL BORRACHA, PARA TUBO PVC DEFOFO, DN 100 MM (NBR 7665)","UN    ",127,"6,43",7.33,930.91]
[null,"2.12.16","INSUMO","SINAPI",318,"ANEL BORRACHA, PARA TUBO PVC DEFOFO, DN 150 MM (NBR 7665)","UN    ",220,"11,27",12.85,2827]
[null,3,"REDE CONDOMINIAL",{"$nulls":4},"Custo Total dos Serviços (R$)",null,null,6416319.6799999997]
[null,"3.1","LOCAÇÃO",{"$nulls":7},73187.710000000006]
[null,"3.1.1","SERVIÇO","SINAPI",85323,"LOCACAO E NIVELAMENTO DE EMISSARIO/REDE COLETORA COM AUXILIO DE EQUIPAMENTO TOPOGRAFICO","M",40435.199999999997,1.45,1.81,73187.710000000006]
[null,"3.2","CADASTRO",{"$nulls":7},162953.85999999999]
[null,"3.2.1","SERVIÇO","ORSE",11676,"CADASTRO DE REDES DE ESGOTO","M",40435.199999999997,1.38,1.73,69952.899999999994]
[null,"3.2.2","SERVIÇO","ORSE",2830,"LIMPEZA E TESTE DE REDES DE ESGOTOS SANITÁRIOS","M",40435.199999999997,1.84,2.2999999999999998,93000.960000000006]
[null,"3.3","ESCAVAÇÃO EM VALAS",{"$nulls":7},1506403.27]
[null,"3.3.1","SERVIÇO","SINAPI",93358,"ESCAVAÇÃO MANUAL DE VALA COM PROFUNDIDADE MENOR OU IGUAL A 1,30 M. AF_03/2016","M³",4043.52,61.99,77.489999999999995,313332.36]
[null,"3.3.2","SERVIÇO","SINAPI",90105,"ESCAVAÇÃO MECANIZADA DE VALA COM PROFUNDIDADE ATÉ 1,5 M (MÉDIA ENTRE MONTANTE E JUSANTE/UMA COMPOSIÇÃO POR TRECHO) COM RETROESCAVADEIRA (CAPACIDADE DA CAÇAMBA DA RETRO: 0,26 M³ / POTÊNCIA: 88 HP), LARGURA MENOR QUE 0,8 M, EM SOLO DE 1A CATEGORIA, LOCAISCOM BAIXO NÍVEL DE INTERFERÊNCIA. AF_01/2015","M³",13141.44,7.63,9.5399999999999991,125369.34]
[null,"3.3.3","SERVIÇO","ORSE",4357,"ESCAVAÇÃO COM PERFURATRIZ EM MATERIAL DE 2ª CATEGORIA","M³",3032.64,79.38,99.23,300928.87]
[null,"3.3.4","SERVIÇO","SINAPI",94342,"ATERRO MANUAL DE VALAS COM AREIA PARA ATERRO E COMPACTAÇÃO MECANIZADA. AF_05/2016","M³",6065.28,91.3,114.13,692230.41]
[null,"3.3.5","SERVIÇO","ORSE",2508,"CARGA MECÂNICA DE MATERIAL DE 3ª CATEGORIA","M³",3032.64,3.18,3.98,12069.91]
[null,"3.3.6","SERVIÇO","SINAPI",97914,"TRANSPORTE COM CAMINHÃO BASCULANTE DE 6 M³, EM VIA URBANA PAVIMENTADA, DMT ATÉ 30 KM (UNIDADE: M³XKM). AF_01/2018","M³XKM",30326.400000000001,1.65,2.06,62472.38]
[null,"3.4","ATERRO/REATERRO COMPACTADOS",{"$nulls":7},419757.81]
[null,"3.4.1","SERVIÇO","SINAPI",93378,"REATERRO MECANIZADO DE VALA COM RETROESCAVADEIRA (CAPACIDADE DA CAÇAMBA DA RETRO: 0,26 M³ / POTÊNCIA: 88 HP), LARGURA ATÉ 0,8 M, PROFUNDIDADE ATÉ 1,5 M, COM SOLO (SEM SUBSTITUIÇÃO) DE 1ª CATEGORIA EM LOCAIS COM BAIXO NÍVEL DE INTERFERÊNCIA. AF_04/2016","M³",14152.32,23.73,29.66,419757.81]
[null,"3.5","CAIXAS",{"$nulls":7},867656]
[null,"3.5.1","SERVIÇO","CODEVASF","COMPOSIÇÃO","CAIXA DE PASSAGEM EM ANEL CONCRETO ARMADO PRÉ-MOLD. DN = 0,40 PROF. H = 0,60 MC/TAMPA EM CONCRETO ARMADO","UN ",4600,119.51,149.4,687240]
[null,"3.5.1","SERVIÇO","CODEVASF","COMPOSIÇÃO","CAIXA DE PASSAGEM EM ANEL CONCRETO ARMADO PRÉ-MOLD. DN = 0,60 PROF. H = 0,60 MC/TAMPA EM CONCRETO ARMADO","UN ",800,180.4,225.52,180416]
[null,"3.6","ASSENTAMENTO DE TUBOS E CONEXÕES EM PVC E FOFO, JUNTA ELÁSTICA",{"$nulls":7},139097.09]
[null,"3.6.1","SERVIÇO","SINAPI",90733,"ASSENTAMENTO DE TUBO DE PVC PARA REDE COLETORA DE ESGOTO DE PAREDE MACIÇA, DN 100 MM, JUNTA ELÁSTICA, INSTALADO EM LOCAL COM NÍVEL BAIXO DE INTERFERÊNCIAS (NÃO INCLUI FORNECIMENTO). AF_06/2015","M",40435.199999999997,2.75,3.44,139097.09]
[null,"3.7","RETIRADA DE PAVIMENTAÇÃO",{"$nulls":7},415801.74]
[null,"3.7.1","SERVIÇO","ORSE",16,"DEMOLIÇÃO MANUAL DE PISO EM CONCRETO SIMPLES E/OU CIMENTADO","M²",10108.799999999999,17.809999999999999,22.26,225021.89]
[null,"3.7.2","SERVIÇO","ORSE",18,"DEMOLIÇÃO DE PISO CERÂMICO OU LADRILHO","M²",6065.28,9.5399999999999991,11.93,72358.789999999994]
[null,"3.7.3","SERVIÇO","ORSE",3258,"DEMOLIÇÃO DE PISO EM LAJOTA HEXAGONAL","M²",4043.52,8.7799999999999994,10.98,44397.85]
[null,"3.7.4","SERVIÇO","ORSE",21,"DEMOLIÇÃO DE MEIO-FIO GRANÍTICO OU PRE-MOLDADO","M",118,6.83,8.5399999999999991,1007.72]
[null,"3.7.5","SERVIÇO","ORSE",20,"DEMOLIÇÃO DE PAVIMENTAÇÃO EM PARALELEPÍPEDO OU PRÉ-MOLDADOS DE CONCRETO C/ RE APROVEITAMENTO","M²",1000.8,7.21,9.01,9017.2099999999991]
[null,"3.7.6","SERVIÇO","SINAPI",92970,"DEMOLIÇÃO DE PAVIMENTAÇÃO ASFÁLTICA COM UTILIZAÇÃO DE MARTELO PERFURADOR, ESPESSURA ATÉ 15 CM, EXCLUSIVE CARGA E TRANSPORTE","M²",550.4,15.64,19.55,10760.32]
[null,"3.7.7","SERVIÇO","SINAPI",72897,"CARGA MANUAL DE ENTULHO EM CAMINHAO BASCULANTE 6 M³","M³",1097.69,22.32,27.9,30625.55]
[null,"3.7.8","SERVIÇO","SINAPI",97914,"TRANSPORTE COM CAMINHÃO BASCULANTE DE 6 M³, EM VIA URBANA PAVIMENTADA, DMT ATÉ 30 KM (UNIDADE: M³XKM). AF_01/2018","M³XKM",10976.9,1.65,2.06,22612.41]
[null,"3.8","RECOMPOSIÇÃO DE PAVIMENTAÇÃO",{"$nulls":7},1844802.07]
[null,"3.8.1","SERVIÇO","SINAPI",93389,"REVESTIMENTO CERÂMICO PARA PISO COM PLACAS TIPO ESMALTADA PADRÃO POPULAR DE DIMENSÕES 35X35 CM APLICADA EM AMBIENTES DE ÁREA MENOR QUE 5 M2. AF_06/2014","M²",6065.28,40.17,50.22,304598.36]
[null,"3.8.2","SERVIÇO","SINAPI",98681,"PISO CIMENTADO, TRAÇO 1:3 (CIMENTO E AREIA), ACABAMENTO RÚSTICO, ESPESSURA 2,0 CM, PREPARO MECÂNICO DA ARGAMASSA. AF_06/2018","M²",10240.799999999999,23.7,29.63,303434.90000000002]
[null,"3.8.3","SERVIÇO","SINAPI",87702,"CONTRAPISO EM ARGAMASSA TRAÇO 1:4 (CIMENTO E AREIA), PREPARO MANUAL, APLICADO EM ÁREAS SECAS SOBRE LAJE, NÃO ADERIDO, ESPESSURA 6CM. AF_06/2014","M²",20217.599999999999,39.520000000000003,49.4,998749.44]
[null,"3.8.4","SERVIÇO","CODEVASF","COMPOSIÇÃO","RECUPERAÇÃO EM CONTENÇÃO DE DESNÍVEL DE CALÇADA EM ALVENARIA DE BLOCOS CERÂMICOS 8 FUROS ESP. 10CM, REVESTIDA EM CIMENTADO 1:3 ESPESSURA 2CM","M²",72,94.54,118.18,8508.9599999999991]
[null,"3.8.5","SERVIÇO","SINAPI","73790/4","REASSENTAMENTO DE PARALELEPIPEDO SOBRE COLCHAO DE PO DE PEDRA ESPESSURA 10CM, REJUNTADO COM ARGAMASSA TRACO 1:3 (CIMENTO E AREIA), CONSIDERANDO APROVEITAMENTO DO PARALELEPIPEDO","M²",1000.8,40.729999999999997,50.92,50960.74]
[null,"3.8.6","SERVIÇO","SINAPI",94273,"ASSENTAMENTO DE GUIA (MEIO-FIO) EM TRECHO RETO, CONFECCIONADA EM CONCRETO PRÉ-FABRICADO, DIMENSÕES 100X15X13X30 CM (COMPRIMENTO X BASE INFERIOR X BASE SUPERIOR X ALTURA), PARA VIAS URBANAS (USO VIÁRIO). AF_06/2016","M",118,32.520000000000003,40.65,4796.7]
[null,"3.8.7","SERVIÇO","ORSE",2600,"REPOSIÇÃO DE PAVIMENTAÇÃO ASFÁLTICA, INCLUINDO PINTURA DE LIGAÇÃO, FORNECIMEN TO E APLICAÇÃO DE CBUQ","M²",550.4,39.68,49.6,27299.84]
[null,"3.8.8","SERVIÇO","SINAPI",96396,"EXECUÇÃO E COMPACTAÇÃO DE BASE E OU SUB BASE COM BRITA GRADUADA SIMPLES - EXCLUSIVE CARGA E TRANSPORTE. AF_09/2017","M³",11.01,99.66,124.58,1371.63]
[null,"3.8.9","SERVIÇO","SINAPI",9537,"LIMPEZA FINAL DA OBRA","M²",48522.239999999998,2.39,2.99,145081.5]
[null,"3.9","SINALIZAÇÃO E TRAFEGABILIDADE",{"$nulls":7},104701.03]
[null,"3.9.1","SERVIÇO","SINAPI","74219/1","PASSADICOS COM TABUAS DE MADEIRA PARA PEDESTRES","M²",3,55,68.760000000000005,206.28]
[null,"3.9.2","SERVIÇO","CODEVASF","COMPOSIÇÃO","CONES DE SINALIZAÇÃO - FORNECIMENTO E MOVIMENTAÇÃO","UN/DIA",200,1.05,1.31,262]
[null,"3.9.3","SERVIÇO","ORSE",59,"INTERDIÇÃO DE OBRA COM FITA DE SINALIZAÇÃO","M",12130.56,6.85,8.56,103837.59]
[null,"3.9.4","SERVIÇO","SINAPI","74209/1","PLACA DE OBRA EM CHAPA DE ACO GALVANIZADO","M²",0.96,329.28,411.63,395.16]
[null,"3.10","RELAÇÃO DE MATERIAIS PARA REDE CONDOMINIAL",{"$nulls":7},881959.1]
[null,"3.10.1","INSUMO","SINAPI",36365,"TUBO COLETOR DE ESGOTO PVC, JEI, DN 100 MM (NBR  7362)","M     ",40435.199999999997,"18,68",21.3,861269.76]
[null,"3.10.2","INSUMO","SINAPI",303,"ANEL BORRACHA, PARA TUBO PVC, REDE COLETOR ESGOTO, DN 100 MM (NBR 7362)","UN    ",6739.2,"2,69",3.07,20689.34]
[null,4,"ESTAÇÃO ELEVATÓRIA DE ESGOTO - EEE-01",{"$nulls":4},"Custo Total dos Serviços (R$)",null,null,229202.15]
[null,"4.1","SERVIÇOS PRELIMINARES E DEMOLIÇÃO/REFORMA DE ESTRUTURAS EXISTENTES",{"$nulls":7},8736.51]
[null,"4.1.1","SERVIÇO","SINAPI","73859/2","CAPINA E LIMPEZA MANUAL DE TERRENO","M²",128,1.25,1.56,199.68]
[null,"4.1.2","SERVIÇO","ORSE",25,"DEMOLIÇÃO DE CERCA - ESTACAS DE CONCRETO COM ATÉ 20 FIOS DE ARAME FARPADO","M",47,24.11,30.14,1416.58]
[null,"4.1.3","SERVIÇO","SINAPI",97625,"DEMOLIÇÃO DE ALVENARIA PARA QUALQUER TIPO DE BLOCO, DE FORMA MECANIZADA, SEM REAPROVEITAMENTO. AF_12/2017","M³",7.28,42.29,52.87,384.89]
[null,"4.1.4","SERVIÇO","SEINFRA","C1066","DEMOLIÇÃO DE PISO CIMENTADO SOBRE LASTRO DE CONCRETO","M²",12,15.75,19.690000000000001,236.28]
[null,"4.1.5","SERVIÇO","SINAPI",97627,"DEMOLIÇÃO DE PILARES E VIGAS EM CONCRETO ARMADO, DE FORMA MECANIZADA COM MARTELETE, SEM REAPROVEITAMENTO. AF_12/2017","M³",18.61,252.2,315.27999999999997,5867.36]
[null,"4.1.6","SERVIÇO","SINAPI",72898,"CARGA E DESCARGA MECANIZADAS DE ENTULHO EM CAMINHAO BASCULANTE 6 M³","M³",27.09,4.0199999999999996,5.03,136.26]
[null,"4.1.7","SERVIÇO","SINAPI",72900,"TRANSPORTE DE ENTULHO COM CAMINHAO BASCULANTE 6 M³, RODOVIA PAVIMENTADA, DMT 0,5 A 1,0 KM","M³",27.09,6.12,7.65,207.24]
[null,"4.1.8","SERVIÇO","SEINFRA","C1630","LOCAÇÃO DA OBRA - EXECUÇÃO DE GABARITO","M²",50.3,4.58,5.73,288.22000000000003]
[null,"4.2","POÇO DE SUCÇÃO E GRADEAMENTO",{"$nulls":7},52320.87]
[null,"4.2.1","SERVIÇO","SINAPI",93358,"ESCAVAÇÃO MANUAL DE VALA COM PROFUNDIDADE MENOR OU IGUAL A 1,30 M. AF_03/2016","M³",10.33,61.99,77.489999999999995,800.47]
[null,"4.2.2","SERVIÇO","SINAPI",83338,"ESCAVACAO MECANICA, A CEU ABERTO, EM MATERIAL DE 1A CATEGORIA, COM ESCAVADEIRA HIDRAULICA, CAPACIDADE DE 0,78 M³","M³",72.3,2.57,3.21,232.08]
[null,"4.2.3","SERVIÇO","ORSE",4357,"ESCAVAÇÃO COM PERFURATRIZ EM MATERIAL DE 2ª CATEGORIA","M³",10.33,79.38,99.23,1025.05]
[null,"4.2.4","SERVIÇO","ORSE",4504,"ESCAVAÇÃO MANUAL DE VALA OU CAVA EM MATERIAL DE 3ª CATEGORIA, PROFUNDIDADE AT É 6,00 M, COM USO DE EXPLOSIVOS E PERFURAÇÃO MECÂNICA","M³",10.33,259.25,324.08999999999997,3347.85]
[null,"4.2.5","SERVIÇO","SINAPI",93382,"REATERRO MANUAL DE VALAS COM COMPACTAÇÃO MECANIZADA. AF_04/2016","M³",45.44,30.37,37.97,1725.36]
[null,"4.2.6","SERVIÇO","SINAPI",72898,"CARGA E DESCARGA MECANIZADAS DE ENTULHO EM CAMINHAO BASCULANTE 6 M³","M³",57.85,4.0199999999999996,5.03,290.99]
[null,"4.2.7","SERVIÇO","SINAPI",97914,"TRANSPORTE COM CAMINHÃO BASCULANTE DE 6 M³, EM VIA URBANA PAVIMENTADA, DMT ATÉ 30 KM (UNIDADE: M³XKM). AF_01/2018","M³XKM",57.85,1.65,2.06,119.17]
[null,"4.2.8","SERVIÇO","SINAPI",94967,"CONCRETO FCK = 40MPA, TRAÇO 1:1,6:1,9 (CIMENTO/ AREIA MÉDIA/ BRITA 1)  - PREPARO MECÂNICO COM BETONEIRA 400 L. AF_07/2016","M³",24.35,356.93,446.2,10864.97]
[null,"4.2.9","SERVIÇO","SINAPI",92873,"LANÇAMENTO COM USO DE BALDES, ADENSAMENTO E ACABAMENTO DE CONCRETO EM ESTRUTURAS. AF_12/2015","M³",24.35,159.26,199.09,4847.84]
[null,"4.2.10","SERVIÇO","ORSE",3366,"FORMA PLANA PARA ESTRUTURAS, EM COMPENSADO PLASTIFICADO DE 12MM, 07 USOS, INC LUSIVE ESCORAMENTO - REVISADA 07.2015","M²",190.3,38.18,47.73,9083.02]
[null,"4.2.11","SERVIÇO","SINAPI",92791,"CORTE E DOBRA DE AÇO CA-60, DIÂMETRO DE 5,0 MM, UTILIZADO EM ESTRUTURAS DIVERSAS, EXCETO LAJES. AF_12/2015","KG",437,6.59,8.24,3600.88]
[null,"4.2.12","SERVIÇO","SINAPI",92794,"CORTE E DOBRA DE AÇO CA-50, DIÂMETRO DE 10,0 MM, UTILIZADO EM ESTRUTURAS DIVERSAS, EXCETO LAJES. AF_12/2015","KG",1311,5.45,6.81,8927.91]
[null,"4.2.13","SERVIÇO","SINAPI",94962,"CONCRETO MAGRO PARA LASTRO, TRAÇO 1:4,5:4,5 (CIMENTO/ AREIA MÉDIA/ BRITA 1)  - PREPARO MECÂNICO COM BETONEIRA 400 L. AF_07/2016","M³",2.1,251.72,314.68,660.83]
[null,"4.2.14","SERVIÇO","SINAPI","73932/1","GRADE DE FERRO EM BARRA CHATA 3/16\"","M²",15.43,261.58999999999997,327.01,5045.76]
[null,"4.2.15","SERVIÇO","SEINFRA","C0823","COMPORTA EM FIBRA, CALHA EM ALUMÍNIO","M²",0.36,413.24,516.59,185.97]
[null,"4.2.16","SERVIÇO","SINAPI",73665,"ESCADA TIPO MARINHEIRO EM ACO CA-50 9,52MM INCLUSO PINTURA COM FUNDO ANTICORROSIVO TIPO ZARCAO","M",9.3000000000000007,60.84,76.06,707.36]
[null,"4.2.17","SERVIÇO","SINAPI",95468,"PINTURA ESMALTE BRILHANTE (2 DEMAOS) SOBRE SUPERFICIE METALICA, INCLUSIVE PROTECAO COM ZARCAO (1 DEMAO)","M²",15.43,35.93,44.92,693.12]
[null,"4.2.18","SERVIÇO","SINAPI","73891/1","ESGOTAMENTO COM MOTO-BOMBA AUTOESCOVANTE","H",24,5.41,6.76,162.24]
[null,"4.3","CASA DE COMANDO",{"$nulls":7},54603.29]
[null,"4.3.1","SERVIÇO","SINAPI",93358,"ESCAVAÇÃO MANUAL DE VALA COM PROFUNDIDADE MENOR OU IGUAL A 1,30 M. AF_03/2016","M³",6.52,61.99,77.489999999999995,505.23]
[null,"4.3.2","SERVIÇO","SINAPI",94964,"CONCRETO FCK = 20MPA, TRAÇO 1:2,7:3 (CIMENTO/ AREIA MÉDIA/ BRITA 1)  - PREPARO MECÂNICO COM BETONEIRA 400 L. AF_07/2016","M³",3.67,297.33,371.69,1364.1]
[null,"4.3.3","SERVIÇO","SINAPI",92873,"LANÇAMENTO COM USO DE BALDES, ADENSAMENTO E ACABAMENTO DE CONCRETO EM ESTRUTURAS. AF_12/2015","M³",3.67,159.26,199.09,730.66]
[null,"4.3.4","SERVIÇO","ORSE",3366,"FORMA PLANA PARA ESTRUTURAS, EM COMPENSADO PLASTIFICADO DE 12MM, 07 USOS, INC LUSIVE ESCORAMENTO - REVISADA 07.2015","M²",58.19,38.18,47.73,2777.41]
[null,"4.3.5","SERVIÇO","SINAPI",92791,"CORTE E DOBRA DE AÇO CA-60, DIÂMETRO DE 5,0 MM, UTILIZADO EM ESTRUTURAS DIVERSAS, EXCETO LAJES. AF_12/2015","KG",73.400000000000006,6.59,8.24,604.82000000000005]
[null,"4.3.6","SERVIÇO","SINAPI",92794,"CORTE E DOBRA DE AÇO CA-50, DIÂMETRO DE 10,0 MM, UTILIZADO EM ESTRUTURAS DIVERSAS, EXCETO LAJES. AF_12/2015","KG",220.2,5.45,6.81,1499.56]
[null,"4.3.7","SERVIÇO","SINAPI",87503,"ALVENARIA DE VEDAÇÃO DE BLOCOS CERÂMICOS FURADOS NA HORIZONTAL DE 9X19X19CM (ESPESSURA 9CM) DE PAREDES COM ÁREA LÍQUIDA MAIOR OU IGUAL A 6M² SEM VÃOS E ARGAMASSA DE ASSENTAMENTO COM PREPARO EM BETONEIRA. AF_06/2014","M²",99.25,54.93,68.67,6815.5]
[null,"4.3.8","SERVIÇO","SINAPI",87529,"MASSA ÚNICA, PARA RECEBIMENTO DE PINTURA, EM ARGAMASSA TRAÇO 1:2:8, PREPARO MECÂNICO COM BETONEIRA 400L, APLICADA MANUALMENTE EM FACES INTERNAS DE PAREDES, ESPESSURA DE 20MM, COM EXECUÇÃO DE TALISCAS. AF_06/2014","M²",198.5,28.33,35.42,7030.87]
[null,"4.3.9","SERVIÇO","SINAPI",88489,"APLICAÇÃO MANUAL DE PINTURA COM TINTA LÁTEX ACRÍLICA EM PAREDES, DUAS DEMÃOS. AF_06/2014","M²",198.5,10.51,13.14,2608.29]
[null,"4.3.10","SERVIÇO","SINAPI",88488,"APLICAÇÃO MANUAL DE PINTURA COM TINTA LÁTEX ACRÍLICA EM TETO, DUAS DEMÃOS. AF_06/2014","M²",63.56,11.92,14.9,947.04]
[null,"4.3.11","SERVIÇO","SINAPI",68054,"PORTAO DE FERRO EM CHAPA GALVANIZADA PLANA 14 GSG","M²",8.7899999999999991,236.59,295.76,2599.73]
[null,"4.3.12","SERVIÇO","ORSE",6320,"LASTRO DE CONCRETO, FCK=15 MPA, LANÇADO E ADENSADO","M³",2.27,394.87,493.63,1120.54]
[null,"4.3.13","SERVIÇO","SINAPI",98679,"PISO CIMENTADO, TRAÇO 1:3 (CIMENTO E AREIA), ACABAMENTO LISO, ESPESSURA 2,0 CM, PREPARO MECÂNICO DA ARGAMASSA. AF_06/2018","M²",22.71,25.44,31.8,722.18]
[null,"4.3.14","SERVIÇO","SINAPI",94998,"EXECUÇÃO DE PASSEIO (CALÇADA) OU PISO DE CONCRETO COM CONCRETO MOLDADO IN LOCO, FEITO EM OBRA, ACABAMENTO CONVENCIONAL, ESPESSURA 12 CM, ARMADO. AF_07/2016","M²",31.2,88.09,110.12,3435.74]
[null,"4.3.15","SERVIÇO","SINAPI",95465,"COBOGO CERAMICO (ELEMENTO VAZADO), 9X20X20CM, ASSENTADO COM ARGAMASSA TRACO 1:4 DE CIMENTO E AREIA","M²",7.4,114.93,143.66999999999999,1063.1600000000001]
[null,"4.3.16","SERVIÇO","SINAPI","74202/1","LAJE PRE-MOLDADA P/FORRO, SOBRECARGA 100KG/M2, VAOS ATE 3,50M/E=8CM, C/LAJOTAS E CAP.C/CONC FCK=20MPA, 3CM, INTER-EIXO 38CM, C/ESCORAMENTO (REAPR.3X) E FERRAGEM NEGATIVA","M²",58.88,65.900000000000006,82.38,4850.53]
[null,"4.3.17","SERVIÇO","SINAPI",73661,"FORNECIMENTO E INSTALACAO DE TALHA E TROLEY MANUAL DE 1 TONELADA","UN",2,2087.5700000000002,2609.67,5219.34]
[null,"4.3.18","SERVIÇO","SINAPI",83514,"FORNECIMENTO DE PERFIL SIMPLES \"I\" OU \"H\" 8 A 12\" INCLUSIVE PERDAS","KG",451.26,6.95,8.69,3921.45]
[null,"4.3.19","SERVIÇO","SEINFRA","C3498","MONTAGEM DE TUBOS, CONEXÕES E PÇS, ELEVATÓRIA C/ VAZÃO DE 10,01 À 20 l/s","UN",1,5429.28,6787.14,6787.14]
[null,"4.4","URBANIZAÇÃO",{"$nulls":7},46031.03]
[null,"4.4.1","SERVIÇO","ORSE",11146,"MURO EM ALVENARIA BLOCO CERÂMICO, E= 0,09M, C/ ALV DE PEDRA GRANÍTICA, 0,35 X 0,60M, COLUNAS (9X20CM) E CINTAMENTO (9X15CM) SUPERIOR E INFERIOR CONCRETO AR MADO FCK = 15,0 MPA CADA 3,00M, CHAPISCO E REBOCO","M²",132,140.56,175.71,23193.72]
[null,"4.4.2","SERVIÇO","ORSE",4713,"CONCERTINA EM AÇO GALVANIZADO, ESPIRAL DE Ø = 450MM, 3 CLIPES P/ ESPIRAL, LÂM INA DE 30MM E FIO INTERNO DE 2,50MM,  INCLUISIVE INSTALAÇÃO","M",46,32,40,1840]
[null,"4.4.3","SERVIÇO","SINAPI",88489,"APLICAÇÃO MANUAL DE PINTURA COM TINTA LÁTEX ACRÍLICA EM PAREDES, DUAS DEMÃOS. AF_06/2014","M²",264,10.51,13.14,3468.96]
[null,"4.4.4","SERVIÇO","SINAPI",72799,"PAVIMENTO EM PARALELEPIPEDO SOBRE COLCHAO DE AREIA REJUNTADO COM ARGAMASSA DE CIMENTO E AREIA NO TRAÇO 1:3 (PEDRAS PEQUENAS 30 A 35 PECAS POR M2)","M²",118.68,75.23,94.05,11161.85]
[null,"4.4.5","SERVIÇO","SINAPI",94998,"EXECUÇÃO DE PASSEIO (CALÇADA) OU PISO DE CONCRETO COM CONCRETO MOLDADO IN LOCO, FEITO EM OBRA, ACABAMENTO CONVENCIONAL, ESPESSURA 12 CM, ARMADO. AF_07/2016","M²",31.2,88.09,110.12,3435.74]
[null,"4.4.6","SERVIÇO","SINAPI",94263,"GUIA (MEIO-FIO) CONCRETO, MOLDADA  IN LOCO  EM TRECHO RETO COM EXTRUSORA, 11,5 CM BASE X 22 CM ALTURA. AF_06/2016","M",10,21.04,26.3,263]
[null,"4.4.7","SERVIÇO","SINAPI",68054,"PORTAO DE FERRO EM CHAPA GALVANIZADA PLANA 14 GSG","M²",9.02,236.59,295.76,2667.76]
[null,"4.5","RELAÇÃO DE MATERIAIS E EQUIPAMENTOS PARA EEE-01",{"$nulls":7},67510.45]
[null,"4.5.1","INSUMO","SULZER","COTAÇÃO","CONJUNTO MOTOR-BOMBA SUBMERSÍVEL SULZER OU SIMILAR, MODELO EJ 50B 380V STD (CÓDIGO SC883WCA0A0), PARA ESGOTO COM AS SEGUINTES CARACTERÍSTICAS, CONFORME PROPOSTA FINANCEIRA APRESETANDA PELO FABRICANTE: Q = 47,72 M³/H (13,26 L/S), H = 13,67 MCA, P = 5 CV. INCLUSIVE EQUIPAMENTOS ACESSÓRIOS PARA INSTALAÇÃO COMPLETA: PEDESTAL DN75/80 SCAV-B-TUB2 B; TUBO ACO D2 AZ; CORRENTE 1/4 ELO 23X43EXT 6M AZ; MANILHA 5/16 RETA ZINCADA.","UN",2,9883.39,11267.06,22534.12]
[null,"4.5.2","INSUMO","SEINFRA","I7268","TUBO FoFo PB JE K-9 P/ ESGOTO DN 250","M",1,458.54,522.74,522.74]
[null,"4.5.3","INSUMO","SEINFRA","I3895","JUNTA GIBAULT DN 250","UN",1,454.97,518.66999999999996,518.66999999999996]
[null,"4.5.4","INSUMO","SEINFRA","I3798","EXTREMIDADE FLANGE E PONTA DN 250 PN10","UN",1,673.19,767.44,767.44]
[null,"4.5.5","INSUMO","ORSE",5651,"REGISTRO GAVETA FOFO, C/ FLANGES, CUNHA BORRACHA, CORPO CURTO E CABEÇOTE, PN  16, TIPO EURO 23, D=  250MM","UN",1,1563.01,1781.83,1781.83]
[null,"4.5.6","INSUMO","SEINFRA","I4677","TUBO FoFo C/FLANGE E PONTA DN 250 PN10 - L=1000","UN",1,1137.08,1296.27,1296.27]
[null,"4.5.7","INSUMO","SEINFRA","I4083","REDUÇÃO FoFo FF DN 150 x 75 PN10","UN",2,359.91,410.3,820.6]
[null,"4.5.8","INSUMO","SEINFRA","I4474","TUBO FoFo C/ FLANGES DN 150 PN10 - L=3500","UN",2,1876.65,2139.38,4278.76]
[null,"4.5.9","INSUMO","SEINFRA","I3426","CURVA FoFo 90 FF DN 150 PN10","UN",2,335.13,382.05,764.1]
[null,"4.5.10","INSUMO","SEINFRA","I3993","TOCO C/ FLANGES E ABA DE VEDAÇÃO DN 150 PN10","UN",2,706.84,805.8,1611.6]
[null,"4.5.11","INSUMO","SEINFRA","I8745","VÁLVULA RETENÇÃO PORTA ÚNICA C/FLANGES DN 150 P/ESGOTO","UN",2,1756.65,2002.58,4005.16]
[null,"4.5.12","INSUMO","SEINFRA","I3796","EXTREMIDADE FLANGE E PONTA DN 150 PN10","UN",4,272.99,311.20999999999998,1244.8399999999999]
[null,"4.5.13","INSUMO","ORSE",6343,"REGISTRO GAVETA FOFO, C/ FLANGES, CUNHA BORRACHA, CORPO CURTO E CABEÇOTE, TIP O EURO 23,  PN16, DIAM  = 150MM","UN",2,589.22,671.71,1343.42]
[null,"4.5.14","INSUMO","SEINFRA","I3409","CURVA FoFo 45 FF DN 150 PN10","UN",2,310.61,354.1,708.2]
[null,"4.5.15","INSUMO","SEINFRA","I3877","JUNÇÃO 45 FoFo FFF DN 150 x 150 PN10","UN",2,926.97,1056.75,2113.5]
[null,"4.5.16","INSUMO","ORSE",5468,"FLANGE CEGO, EM FOFO, PN 10 / 16, D=  150MM","UN",1,102.11,116.41,116.41]
[null,"4.5.17","INSUMO","SEINFRA","I3962","TUBO FoFo C/ FLANGES DN 150 PN10 - L=250","UN",2,282.76,322.35000000000002,644.70000000000005]
[null,"4.5.18","INSUMO","SEINFRA","I3648","TE FoFo FF DN 150 x 100 PN10","UN",1,614.32000000000005,700.32,700.32]
[null,"4.5.19","INSUMO","SEINFRA","I4658","TUBO FoFo C/FLANGE E PONTA DN 150 PN10 - L=2500","UN",1,1178.03,1342.95,1342.95]
[null,"4.5.20","INSUMO","SEINFRA","I3364","CURVA 90 FoFo BB JUNTA ELÁSTICA DN 150","UN",1,332.82,379.41,379.41]
[null,"4.5.21","INSUMO","SEINFRA","I3425","CURVA FoFo 90 FF DN 100 PN10","UN",2,156.74,178.68,357.36]
[null,"4.5.22","INSUMO","SEINFRA","I3961","TUBO FoFo C/ FLANGES DN 100  PN10 - L=500","UN",1,256.64,292.57,292.57]
[null,"4.5.23","INSUMO","ORSE",12532,"REGISTRO GAVETA FOFO, C/ FLANGES, CUNHA BORRACHA, CORPO CURTO E VOLANTE, TIPO EURO 23,  PN16, DIAM  = 100MM","UN",1,532.16999999999996,606.66999999999996,606.66999999999996]
[null,"4.5.24","INSUMO","SEINFRA","I4459","TUBO FoFo C/ FLANGES DN 100 PN10 - L=1500","UN",1,921.26,1050.24,1050.24]
[null,"4.5.25","INSUMO","SEINFRA","I4633","TUBO FoFo C/FLANGE E PONTA DN 75 PN10 - L=1000","UN",1,489.77,558.34,558.34]
[null,"4.5.26","INSUMO","SEINFRA","I3424","CURVA FoFo 90 FF DN 75 PN10","UN",1,147.93,168.64,168.64]
[null,"4.5.27","INSUMO","SEINFRA","I4241","PARAFUSO C/ PORCAS PARA FLANGES DN 16 x 80","UN",64,31.88,36.340000000000003,2325.7600000000002]
[null,"4.5.28","INSUMO","SEINFRA","I4242","PARAFUSO C/ PORCAS PARA FLANGES DN 20 x 90","UN",200,51.2,58.37,11674]
[null,"4.5.29","INSUMO","SEINFRA","I4145","ARRUELA  BORRACHA P/ FLANGES DN 250 PN10 P/ ESGOTO","UN",2,130.69,148.99,297.98]
[null,"4.5.30","INSUMO","SEINFRA","I4143","ARRUELA  BORRACHA P/ FLANGES DN 150 PN10 P/ ESGOTO","UN",22,94.02,107.18,2357.96]
[null,"4.5.31","INSUMO","SEINFRA","I4142","ARRUELA  BORRACHA P/ FLANGES DN 100 PN10 P/ ESGOTO","UN",5,46.66,53.19,265.95]
[null,"4.5.32","INSUMO","SEINFRA","I4141","ARRUELA  BORRACHA P/ FLANGES DN 75 PN10 P/ ESGOTO","UN",3,17.53,19.98,59.94]
[null,5,"ESTAÇÃO ELEVATÓRIA DE ESGOTO - EEE-02",{"$nulls":4},"Custo Total dos Serviços (R$)",null,null,216822.21]
[null,"5.1","SERVIÇOS PRELIMINARES E DEMOLIÇÃO/REFORMA DE ESTRUTURAS EXISTENTES",{"$nulls":7},9945.0400000000009]
[null,"5.1.1","SERVIÇO","SINAPI","73859/2","CAPINA E LIMPEZA MANUAL DE TERRENO","M²",360,1.25,1.56,561.6]
[null,"5.1.2","SERVIÇO","ORSE",25,"DEMOLIÇÃO DE CERCA - ESTACAS DE CONCRETO COM ATÉ 20 FIOS DE ARAME FARPADO","M",84,24.11,30.14,2531.7600000000002]
[null,"5.1.3","SERVIÇO","SINAPI",97625,"DEMOLIÇÃO DE ALVENARIA PARA QUALQUER TIPO DE BLOCO, DE FORMA MECANIZADA, SEM REAPROVEITAMENTO. AF_12/2017","M³",10.28,42.29,52.87,543.5]
[null,"5.1.4","SERVIÇO","SEINFRA","C1066","DEMOLIÇÃO DE PISO CIMENTADO SOBRE LASTRO DE CONCRETO","M²",13.12,15.75,19.690000000000001,258.33]
[null,"5.1.5","SERVIÇO","SINAPI",97627,"DEMOLIÇÃO DE PILARES E VIGAS EM CONCRETO ARMADO, DE FORMA MECANIZADA COM MARTELETE, SEM REAPROVEITAMENTO. AF_12/2017","M³",17.12,252.2,315.27999999999997,5397.59]
[null,"5.1.6","SERVIÇO","SINAPI",72898,"CARGA E DESCARGA MECANIZADAS DE ENTULHO EM CAMINHAO BASCULANTE 6 M³","M³",28.71,4.0199999999999996,5.03,144.41]
[null,"5.1.7","SERVIÇO","SINAPI",72900,"TRANSPORTE DE ENTULHO COM CAMINHAO BASCULANTE 6 M³, RODOVIA PAVIMENTADA, DMT 0,5 A 1,0 KM","M³",28.71,6.12,7.65,219.63]
[null,"5.1.8","SERVIÇO","SEINFRA","C1630","LOCAÇÃO DA OBRA - EXECUÇÃO DE GABARITO","M²",50.3,4.58,5.73,288.22000000000003]
[null,"5.2","POÇO DE SUCÇÃO E GRADEAMENTO",{"$nulls":7},41093.519999999997]
[null,"5.2.1","SERVIÇO","SINAPI",93358,"ESCAVAÇÃO MANUAL DE VALA COM PROFUNDIDADE MENOR OU IGUAL A 1,30 M. AF_03/2016","M³",7.84,61.99,77.489999999999995,607.52]
[null,"5.2.2","SERVIÇO","SINAPI",83338,"ESCAVACAO MECANICA, A CEU ABERTO, EM MATERIAL DE 1A CATEGORIA, COM ESCAVADEIRA HIDRAULICA, CAPACIDADE DE 0,78 M³","M³",54.9,2.57,3.21,176.23]
[null,"5.2.3","SERVIÇO","ORSE",4357,"ESCAVAÇÃO COM PERFURATRIZ EM MATERIAL DE 2ª CATEGORIA","M³",7.84,79.38,99.23,777.96]
[null,"5.2.4","SERVIÇO","ORSE",4504,"ESCAVAÇÃO MANUAL DE VALA OU CAVA EM MATERIAL DE 3ª CATEGORIA, PROFUNDIDADE AT É 6,00 M, COM USO DE EXPLOSIVOS E PERFURAÇÃO MECÂNICA","M³",7.84,259.25,324.08999999999997,2540.87]
[null,"5.2.5","SERVIÇO","SINAPI",93382,"REATERRO MANUAL DE VALAS COM COMPACTAÇÃO MECANIZADA. AF_04/2016","M³",36.33,30.37,37.97,1379.45]
[null,"5.2.6","SERVIÇO","SINAPI",72898,"CARGA E DESCARGA MECANIZADAS DE ENTULHO EM CAMINHAO BASCULANTE 6 M³","M³",42.09,4.0199999999999996,5.03,211.71]
[null,"5.2.7","SERVIÇO","SINAPI",97914,"TRANSPORTE COM CAMINHÃO BASCULANTE DE 6 M³, EM VIA URBANA PAVIMENTADA, DMT ATÉ 30 KM (UNIDADE: M³XKM). AF_01/2018","M³XKM",42.09,1.65,2.06,86.71]
[null,"5.2.8","SERVIÇO","SINAPI",94967,"CONCRETO FCK = 40MPA, TRAÇO 1:1,6:1,9 (CIMENTO/ AREIA MÉDIA/ BRITA 1)  - PREPARO MECÂNICO COM BETONEIRA 400 L. AF_07/2016","M³",19.02,356.93,446.2,8486.7199999999993]
[null,"5.2.9","SERVIÇO","SINAPI",92873,"LANÇAMENTO COM USO DE BALDES, ADENSAMENTO E ACABAMENTO DE CONCRETO EM ESTRUTURAS. AF_12/2015","M³",19.02,159.26,199.09,3786.69]
[null,"5.2.10","SERVIÇO","ORSE",3366,"FORMA PLANA PARA ESTRUTURAS, EM COMPENSADO PLASTIFICADO DE 12MM, 07 USOS, INC LUSIVE ESCORAMENTO - REVISADA 07.2015","M²",141.83000000000001,38.18,47.73,6769.55]
[null,"5.2.11","SERVIÇO","SINAPI",92791,"CORTE E DOBRA DE AÇO CA-60, DIÂMETRO DE 5,0 MM, UTILIZADO EM ESTRUTURAS DIVERSAS, EXCETO LAJES. AF_12/2015","KG",333.2,6.59,8.24,2745.57]
[null,"5.2.12","SERVIÇO","SINAPI",92794,"CORTE E DOBRA DE AÇO CA-50, DIÂMETRO DE 10,0 MM, UTILIZADO EM ESTRUTURAS DIVERSAS, EXCETO LAJES. AF_12/2015","KG",999.6,5.45,6.81,6807.28]
[null,"5.2.13","SERVIÇO","SINAPI",94962,"CONCRETO MAGRO PARA LASTRO, TRAÇO 1:4,5:4,5 (CIMENTO/ AREIA MÉDIA/ BRITA 1)  - PREPARO MECÂNICO COM BETONEIRA 400 L. AF_07/2016","M³",1.87,251.72,314.68,588.45000000000005]
[null,"5.2.14","SERVIÇO","SINAPI","73932/1","GRADE DE FERRO EM BARRA CHATA 3/16\"","M²",14.06,261.58999999999997,327.01,4597.76]
[null,"5.2.15","SERVIÇO","SEINFRA","C0823","COMPORTA EM FIBRA, CALHA EM ALUMÍNIO","M²",0.36,413.24,516.59,185.97]
[null,"5.2.16","SERVIÇO","SINAPI",73665,"ESCADA TIPO MARINHEIRO EM ACO CA-50 9,52MM INCLUSO PINTURA COM FUNDO ANTICORROSIVO TIPO ZARCAO","M",7.1,60.84,76.06,540.03]
[null,"5.2.17","SERVIÇO","SINAPI",95468,"PINTURA ESMALTE BRILHANTE (2 DEMAOS) SOBRE SUPERFICIE METALICA, INCLUSIVE PROTECAO COM ZARCAO (1 DEMAO)","M²",14.31,35.93,44.92,642.80999999999995]
[null,"5.2.18","SERVIÇO","SINAPI","73891/1","ESGOTAMENTO COM MOTO-BOMBA AUTOESCOVANTE","H",24,5.41,6.76,162.24]
[null,"5.3","CASA DE COMANDO",{"$nulls":7},50439.95]
[null,"5.3.1","SERVIÇO","SINAPI",93358,"ESCAVAÇÃO MANUAL DE VALA COM PROFUNDIDADE MENOR OU IGUAL A 1,30 M. AF_03/2016","M³",6.52,61.99,77.489999999999995,505.23]
[null,"5.3.2","SERVIÇO","SINAPI",94964,"CONCRETO FCK = 20MPA, TRAÇO 1:2,7:3 (CIMENTO/ AREIA MÉDIA/ BRITA 1)  - PREPARO MECÂNICO COM BETONEIRA 400 L. AF_07/2016","M³",3.67,297.33,371.69,1364.1]
[null,"5.3.3","SERVIÇO","SINAPI",92873,"LANÇAMENTO COM USO DE BALDES, ADENSAMENTO E ACABAMENTO DE CONCRETO EM ESTRUTURAS. AF_12/2015","M³",3.67,159.26,199.09,730.66]
[null,"5.3.4","SERVIÇO","ORSE",3366,"FORMA PLANA PARA ESTRUTURAS, EM COMPENSADO PLASTIFICADO DE 12MM, 07 USOS, INC LUSIVE ESCORAMENTO - REVISADA 07.2015","M²",58.19,38.18,47.73,2777.41]
[null,"5.3.5","SERVIÇO","SINAPI",92791,"CORTE E DOBRA DE AÇO CA-60, DIÂMETRO DE 5,0 MM, UTILIZADO EM ESTRUTURAS DIVERSAS, EXCETO LAJES. AF_12/2015","KG",73.400000000000006,6.59,8.24,604.82000000000005]
[null,"5.3.6","SERVIÇO","SINAPI",92794,"CORTE E DOBRA DE AÇO CA-50, DIÂMETRO DE 10,0 MM, UTILIZADO EM ESTRUTURAS DIVERSAS, EXCETO LAJES. AF_12/2015","KG",220.2,5.45,6.81,1499.56]
[null,"5.3.7","SERVIÇO","SINAPI",87503,"ALVENARIA DE VEDAÇÃO DE BLOCOS CERÂMICOS FURADOS NA HORIZONTAL DE 9X19X19CM (ESPESSURA 9CM) DE PAREDES COM ÁREA LÍQUIDA MAIOR OU IGUAL A 6M² SEM VÃOS E ARGAMASSA DE ASSENTAMENTO COM PREPARO EM BETONEIRA. AF_06/2014","M²",99.25,54.93,68.67,6815.5]
[null,"5.3.8","SERVIÇO","SINAPI",87529,"MASSA ÚNICA, PARA RECEBIMENTO DE PINTURA, EM ARGAMASSA TRAÇO 1:2:8, PREPARO MECÂNICO COM BETONEIRA 400L, APLICADA MANUALMENTE EM FACES INTERNAS DE PAREDES, ESPESSURA DE 20MM, COM EXECUÇÃO DE TALISCAS. AF_06/2014","M²",198.5,28.33,35.42,7030.87]
[null,"5.3.9","SERVIÇO","SINAPI",88489,"APLICAÇÃO MANUAL DE PINTURA COM TINTA LÁTEX ACRÍLICA EM PAREDES, DUAS DEMÃOS. AF_06/2014","M²",198.5,10.51,13.14,2608.29]
[null,"5.3.10","SERVIÇO","SINAPI",88488,"APLICAÇÃO MANUAL DE PINTURA COM TINTA LÁTEX ACRÍLICA EM TETO, DUAS DEMÃOS. AF_06/2014","M²",63.56,11.92,14.9,947.04]
[null,"5.3.11","SERVIÇO","SINAPI",68054,"PORTAO DE FERRO EM CHAPA GALVANIZADA PLANA 14 GSG","M²",8.7899999999999991,236.59,295.76,2599.73]
[null,"5.3.12","SERVIÇO","ORSE",6320,"LASTRO DE CONCRETO, FCK=15 MPA, LANÇADO E ADENSADO","M³",2.27,394.87,493.63,1120.54]
[null,"5.3.13","SERVIÇO","SINAPI",98679,"PISO CIMENTADO, TRAÇO 1:3 (CIMENTO E AREIA), ACABAMENTO LISO, ESPESSURA 2,0 CM, PREPARO MECÂNICO DA ARGAMASSA. AF_06/2018","M²",22.71,25.44,31.8,722.18]
[null,"5.3.14","SERVIÇO","SINAPI",94998,"EXECUÇÃO DE PASSEIO (CALÇADA) OU PISO DE CONCRETO COM CONCRETO MOLDADO IN LOCO, FEITO EM OBRA, ACABAMENTO CONVENCIONAL, ESPESSURA 12 CM, ARMADO. AF_07/2016","M²",31.2,88.09,110.12,3435.74]
[null,"5.3.15","SERVIÇO","SINAPI",95465,"COBOGO CERAMICO (ELEMENTO VAZADO), 9X20X20CM, ASSENTADO COM ARGAMASSA TRACO 1:4 DE CIMENTO E AREIA","M²",7.4,114.93,143.66999999999999,1063.1600000000001]
[null,"5.3.16","SERVIÇO","SINAPI","74202/1","LAJE PRE-MOLDADA P/FORRO, SOBRECARGA 100KG/M2, VAOS ATE 3,50M/E=8CM, C/LAJOTAS E CAP.C/CONC FCK=20MPA, 3CM, INTER-EIXO 38CM, C/ESCORAMENTO (REAPR.3X) E FERRAGEM NEGATIVA","M²",58.88,65.900000000000006,82.38,4850.53]
[null,"5.3.17","SERVIÇO","SINAPI",73661,"FORNECIMENTO E INSTALACAO DE TALHA E TROLEY MANUAL DE 1 TONELADA","UN",2,2087.5700000000002,2609.67,5219.34]
[null,"5.3.18","SERVIÇO","SINAPI",83514,"FORNECIMENTO DE PERFIL SIMPLES \"I\" OU \"H\" 8 A 12\" INCLUSIVE PERDAS","KG",451.26,6.95,8.69,3921.45]
[null,"5.3.19","SERVIÇO","SEINFRA","C3497","MONTAGEM DE TUBOS, CONEXÕES E PÇS, ELEVATÓRIA C/ VAZÃO DE 5,01 À 10 l/s","UN",1,2098.87,2623.8,2623.8]
[null,"5.4","URBANIZAÇÃO",{"$nulls":7},73316.7]
[null,"5.4.1","SERVIÇO","ORSE",11146,"MURO EM ALVENARIA BLOCO CERÂMICO, E= 0,09M, C/ ALV DE PEDRA GRANÍTICA, 0,35 X 0,60M, COLUNAS (9X20CM) E CINTAMENTO (9X15CM) SUPERIOR E INFERIOR CONCRETO AR MADO FCK = 15,0 MPA CADA 3,00M, CHAPISCO E REBOCO","M²",184.8,140.56,175.71,32471.21]
[null,"5.4.2","SERVIÇO","ORSE",4713,"CONCERTINA EM AÇO GALVANIZADO, ESPIRAL DE Ø = 450MM, 3 CLIPES P/ ESPIRAL, LÂM INA DE 30MM E FIO INTERNO DE 2,50MM,  INCLUISIVE INSTALAÇÃO","M",84,32,40,3360]
[null,"5.4.3","SERVIÇO","SINAPI",88489,"APLICAÇÃO MANUAL DE PINTURA COM TINTA LÁTEX ACRÍLICA EM PAREDES, DUAS DEMÃOS. AF_06/2014","M²",369.6,10.51,13.14,4856.54]
[null,"5.4.4","SERVIÇO","SINAPI",72799,"PAVIMENTO EM PARALELEPIPEDO SOBRE COLCHAO DE AREIA REJUNTADO COM ARGAMASSA DE CIMENTO E AREIA NO TRAÇO 1:3 (PEDRAS PEQUENAS 30 A 35 PECAS POR M2)","M²",278.68,75.23,94.05,26209.85]
[null,"5.4.5","SERVIÇO","SINAPI",94998,"EXECUÇÃO DE PASSEIO (CALÇADA) OU PISO DE CONCRETO COM CONCRETO MOLDADO IN LOCO, FEITO EM OBRA, ACABAMENTO CONVENCIONAL, ESPESSURA 12 CM, ARMADO. AF_07/2016","M²",31.2,88.09,110.12,3435.74]
[null,"5.4.6","SERVIÇO","SINAPI",94263,"GUIA (MEIO-FIO) CONCRETO, MOLDADA  IN LOCO  EM TRECHO RETO COM EXTRUSORA, 11,5 CM BASE X 22 CM ALTURA. AF_06/2016","M",12,21.04,26.3,315.60000000000002]
[null,"5.4.7","SERVIÇO","SINAPI",68054,"PORTAO DE FERRO EM CHAPA GALVANIZADA PLANA 14 GSG","M²",9.02,236.59,295.76,2667.76]
[null,"5.5","RELAÇÃO DE MATERIAIS E EQUIPAMENTOS PARA EEE-02",{"$nulls":7},42027]
[null,"5.5.1","INSUMO","COTAÇÃO","COTAÇÃO","CONJUNTO MOTOR-BOMBA SUBMERSÍVEL SULZER OU SIMILAR, MODELO EJ 20B 380V STD (CÓDIGO SC881WCA0A0), PARA ESGOTO COM AS SEGUINTES CARACTERÍSTICAS, CONFORME PROPOSTA FINANCEIRA APRESETANDA PELO FABRICANTE: Q = 25,57 M³/H (7,10 L/S), H = 10,90 MCA, P = 3 CV. INCLUSIVE EQUIPAMENTOS ACESSÓRIOS PARA INSTALAÇÃO COMPLETA: PEDESTAL DN75/80 SCAV-B-TUB2 B; TUBO ACO D2 AZ; CORRENTE 1/4 ELO 23X43EXT 6M AZ; MANILHA 5/16 RETA ZINCADA.                                                               ","UN",2,5010.93,5712.46,11424.92]
[null,"5.5.2","INSUMO","SEINFRA","I7267","TUBO FoFo PB JE K-9 P/ ESGOTO DN 200","M",1,373.53,425.82,425.82]
[null,"5.5.3","INSUMO","SEINFRA","I3894","JUNTA GIBAULT DN 200","UN",1,340.82,388.53,388.53]
[null,"5.5.4","INSUMO","SEINFRA","I3797","EXTREMIDADE FLANGE E PONTA DN 200 PN10","UN",1,517.19000000000005,589.6,589.6]
[null,"5.5.5","INSUMO","ORSE",5647,"REGISTRO GAVETA FOFO, C/ FLANGES, CUNHA BORRACHA, CORPO CURTO E CABEÇOTE, PN  10, TIPO EURO 23, D=  200MM","UN",1,1120.75,1277.6600000000001,1277.6600000000001]
[null,"5.5.6","INSUMO","SEINFRA","I4666","TUBO FoFo C/FLANGE E PONTA DN 200 PN10 - L=1000","UN",1,862.58,983.34,983.34]
[null,"5.5.7","INSUMO","SEINFRA","I7138","REDUÇÃO FoFo FF DN 100 x 80 PN10","UN",2,263.73,300.64999999999998,601.29999999999995]
[null,"5.5.8","INSUMO","SEINFRA","I4461","TUBO FoFo C/ FLANGES DN 100 PN10 - L=2500","UN",2,1163.3699999999999,1326.24,2652.48]
[null,"5.5.9","INSUMO","SEINFRA","I3425","CURVA FoFo 90 FF DN 100 PN10","UN",2,156.74,178.68,357.36]
[null,"5.5.10","INSUMO","SEINFRA","I3992","TOCO C/ FLANGES E ABA DE VEDAÇÃO DN 100 PN10","UN",2,436.95,498.12,996.24]
[null,"5.5.11","INSUMO","SEINFRA","I8744","VÁLVULA RETENÇÃO PORTA ÚNICA C/FLANGES DN 100 P/ESGOTO","UN",2,1064.7,1213.76,2427.52]
[null,"5.5.12","INSUMO","SEINFRA","I3795","EXTREMIDADE FLANGE E PONTA DN 100 PN10","UN",4,188.15,214.49,857.96]
[null,"5.5.13","INSUMO","ORSE",12532,"REGISTRO GAVETA FOFO, C/ FLANGES, CUNHA BORRACHA, CORPO CURTO E VOLANTE, TIPO EURO 23,  PN16, DIAM  = 100MM","UN",2,532.16999999999996,606.66999999999996,1213.3399999999999]
[null,"5.5.14","INSUMO","SEINFRA","I3408","CURVA FoFo 45 FF DN 100 PN10","UN",2,192.5,219.45,438.9]
[null,"5.5.15","INSUMO","SEINFRA","I3875","JUNÇÃO 45 FoFo FFF DN 100 x 100 PN10","UN",2,329.57,375.71,751.42]
[null,"5.5.16","INSUMO","ORSE",5467,"FLANGE CEGO, EM FOFO, PN 10 / 16, D=  100MM","UN",1,67.959999999999994,77.47,77.47]
[null,"5.5.17","INSUMO","SEINFRA","I3960","TUBO FoFo C/ FLANGES DN 100  PN10 - L=250","UN",2,202.98,231.4,462.8]
[null,"5.5.18","INSUMO","SEINFRA","I7174","TE FoFo FF DN 100 x 80 PN10","UN",1,456.64,520.57000000000005,520.57000000000005]
[null,"5.5.19","INSUMO","SEINFRA","I4647","TUBO FoFo C/FLANGE E PONTA DN 100 PN10 - L=2500","UN",1,879.03,1002.09,1002.09]
[null,"5.5.20","INSUMO","SEINFRA","I3363","CURVA 90 FoFo BB JUNTA ELÁSTICA DN 100","UN",1,213.48,243.37,243.37]
[null,"5.5.21","INSUMO","SEINFRA","I7119","CURVA FoFo 90 FF DN 80 PN10","UN",2,147.93,168.64,337.28]
[null,"5.5.22","INSUMO","SEINFRA","I7183","TUBO FoFo C/ FLANGES DN 80 PN10 - L=1000","UN",1,764.18,871.17,871.17]
[null,"5.5.23","INSUMO","ORSE",12531,"REGISTRO GAVETA FOFO, C/ FLANGES, CUNHA BORRACHA, CORPO CURTO E VOLANTE, TIPO EURO 23,  PN16, DIAM  = 80MM","UN",1,509.09,580.36,580.36]
[null,"5.5.24","INSUMO","SEINFRA","I7183","TUBO FoFo C/ FLANGES DN 80 PN10 - L=1000","UN",1,764.18,871.17,871.17]
[null,"5.5.25","INSUMO","SEINFRA","I4633","TUBO FoFo C/FLANGE E PONTA DN 75 PN10 - L=1000","UN",1,489.77,558.34,558.34]
[null,"5.5.26","INSUMO","SEINFRA","I3424","CURVA FoFo 90 FF DN 75 PN10","UN",1,147.93,168.64,168.64]
[null,"5.5.27","INSUMO","SEINFRA","I4241","PARAFUSO C/ PORCAS PARA FLANGES DN 16 x 80","UN",256,31.88,36.340000000000003,9303.0400000000009]
[null,"5.5.29","INSUMO","SEINFRA","I4144","ARRUELA  BORRACHA P/ FLANGES DN 200 PN10 P/ ESGOTO","UN",2,112.89,128.69,257.38]
[null,"5.5.30","INSUMO","SEINFRA","I4142","ARRUELA  BORRACHA P/ FLANGES DN 100 PN10 P/ ESGOTO","UN",22,46.66,53.19,1170.18]
[null,"5.5.31","INSUMO","SEINFRA","I7096","ARRUELA  BORRACHA P/ FLANGES DN 80 PN10 P/ ESGOTO","UN",7,24.66,28.11,196.77]
[null,"5.5.32","INSUMO","SEINFRA","I4141","ARRUELA  BORRACHA P/ FLANGES DN 75 PN10 P/ ESGOTO","UN",1,17.53,19.98,19.98]
[null,6,"ESTAÇÃO ELEVATÓRIA DE ESGOTO - EEE-03",{"$nulls":4},"Custo Total dos Serviços (R$)",null,null,236104.95999999999]
[null,"6.1","SERVIÇOS PRELIMINARES E DEMOLIÇÃO/REFORMA DE ESTRUTURAS EXISTENTES",{"$nulls":7},9064.73]
[null,"6.1.1","SERVIÇO","SINAPI","73859/2","CAPINA E LIMPEZA MANUAL DE TERRENO","M²",450,1.25,1.56,702]
[null,"6.1.2","SERVIÇO","ORSE",25,"DEMOLIÇÃO DE CERCA - ESTACAS DE CONCRETO COM ATÉ 20 FIOS DE ARAME FARPADO","M",90,24.11,30.14,2712.6]
[null,"6.1.3","SERVIÇO","SINAPI",97625,"DEMOLIÇÃO DE ALVENARIA PARA QUALQUER TIPO DE BLOCO, DE FORMA MECANIZADA, SEM REAPROVEITAMENTO. AF_12/2017","M³",10.88,42.29,52.87,575.23]
[null,"6.1.4","SERVIÇO","SEINFRA","C1066","DEMOLIÇÃO DE PISO CIMENTADO SOBRE LASTRO DE CONCRETO","M²",14,15.75,19.690000000000001,275.66000000000003]
[null,"6.1.5","SERVIÇO","SINAPI",97627,"DEMOLIÇÃO DE PILARES E VIGAS EM CONCRETO ARMADO, DE FORMA MECANIZADA COM MARTELETE, SEM REAPROVEITAMENTO. AF_12/2017","M³",13.28,252.2,315.27999999999997,4186.92]
[null,"6.1.6","SERVIÇO","SINAPI",72898,"CARGA E DESCARGA MECANIZADAS DE ENTULHO EM CAMINHAO BASCULANTE 6 M³","M³",25.56,4.0199999999999996,5.03,128.57]
[null,"6.1.7","SERVIÇO","SINAPI",72900,"TRANSPORTE DE ENTULHO COM CAMINHAO BASCULANTE 6 M³, RODOVIA PAVIMENTADA, DMT 0,5 A 1,0 KM","M³",25.56,6.12,7.65,195.53]
[null,"6.1.8","SERVIÇO","SEINFRA","C1630","LOCAÇÃO DA OBRA - EXECUÇÃO DE GABARITO","M²",50.3,4.58,5.73,288.22000000000003]
[null,"6.2","POÇO DE SUCÇÃO E GRADEAMENTO",{"$nulls":7},40191.29]
[null,"6.2.1","SERVIÇO","SINAPI",93358,"ESCAVAÇÃO MANUAL DE VALA COM PROFUNDIDADE MENOR OU IGUAL A 1,30 M. AF_03/2016","M³",7.72,61.99,77.489999999999995,598.22]
[null,"6.2.2","SERVIÇO","SINAPI",83338,"ESCAVACAO MECANICA, A CEU ABERTO, EM MATERIAL DE 1A CATEGORIA, COM ESCAVADEIRA HIDRAULICA, CAPACIDADE DE 0,78 M³","M³",54.07,2.57,3.21,173.56]
[null,"6.2.3","SERVIÇO","ORSE",4357,"ESCAVAÇÃO COM PERFURATRIZ EM MATERIAL DE 2ª CATEGORIA","M³",7.72,79.38,99.23,766.06]
[null,"6.2.4","SERVIÇO","ORSE",4504,"ESCAVAÇÃO MANUAL DE VALA OU CAVA EM MATERIAL DE 3ª CATEGORIA, PROFUNDIDADE AT É 6,00 M, COM USO DE EXPLOSIVOS E PERFURAÇÃO MECÂNICA","M³",7.72,259.25,324.08999999999997,2501.9699999999998]
[null,"6.2.5","SERVIÇO","SINAPI",93382,"REATERRO MANUAL DE VALAS COM COMPACTAÇÃO MECANIZADA. AF_04/2016","M³",36.28,30.37,37.97,1377.55]
[null,"6.2.6","SERVIÇO","SINAPI",72898,"CARGA E DESCARGA MECANIZADAS DE ENTULHO EM CAMINHAO BASCULANTE 6 M³","M³",40.950000000000003,4.0199999999999996,5.03,205.98]
[null,"6.2.7","SERVIÇO","SINAPI",97914,"TRANSPORTE COM CAMINHÃO BASCULANTE DE 6 M³, EM VIA URBANA PAVIMENTADA, DMT ATÉ 30 KM (UNIDADE: M³XKM). AF_01/2018","M³XKM",40.950000000000003,1.65,2.06,84.36]
[null,"6.2.8","SERVIÇO","SINAPI",94967,"CONCRETO FCK = 40MPA, TRAÇO 1:1,6:1,9 (CIMENTO/ AREIA MÉDIA/ BRITA 1)  - PREPARO MECÂNICO COM BETONEIRA 400 L. AF_07/2016","M³",18.600000000000001,356.93,446.2,8299.32]
[null,"6.2.9","SERVIÇO","SINAPI",92873,"LANÇAMENTO COM USO DE BALDES, ADENSAMENTO E ACABAMENTO DE CONCRETO EM ESTRUTURAS. AF_12/2015","M³",18.600000000000001,159.26,199.09,3703.07]
[null,"6.2.10","SERVIÇO","ORSE",3366,"FORMA PLANA PARA ESTRUTURAS, EM COMPENSADO PLASTIFICADO DE 12MM, 07 USOS, INC LUSIVE ESCORAMENTO - REVISADA 07.2015","M²",140.15,38.18,47.73,6689.36]
[null,"6.2.11","SERVIÇO","SINAPI",92791,"CORTE E DOBRA DE AÇO CA-60, DIÂMETRO DE 5,0 MM, UTILIZADO EM ESTRUTURAS DIVERSAS, EXCETO LAJES. AF_12/2015","KG",326.8,6.59,8.24,2692.83]
[null,"6.2.12","SERVIÇO","SINAPI",92794,"CORTE E DOBRA DE AÇO CA-50, DIÂMETRO DE 10,0 MM, UTILIZADO EM ESTRUTURAS DIVERSAS, EXCETO LAJES. AF_12/2015","KG",980.4,5.45,6.81,6676.52]
[null,"6.2.13","SERVIÇO","SINAPI",94962,"CONCRETO MAGRO PARA LASTRO, TRAÇO 1:4,5:4,5 (CIMENTO/ AREIA MÉDIA/ BRITA 1)  - PREPARO MECÂNICO COM BETONEIRA 400 L. AF_07/2016","M³",1.77,251.72,314.68,556.98]
[null,"6.2.14","SERVIÇO","SINAPI","73932/1","GRADE DE FERRO EM BARRA CHATA 3/16\"","M²",13.31,261.58999999999997,327.01,4352.5]
[null,"6.2.15","SERVIÇO","SEINFRA","C0823","COMPORTA EM FIBRA, CALHA EM ALUMÍNIO","M²",0.36,413.24,516.59,185.97]
[null,"6.2.16","SERVIÇO","SINAPI",73665,"ESCADA TIPO MARINHEIRO EM ACO CA-50 9,52MM INCLUSO PINTURA COM FUNDO ANTICORROSIVO TIPO ZARCAO","M",7.3,60.84,76.06,555.24]
[null,"6.2.17","SERVIÇO","SINAPI",95468,"PINTURA ESMALTE BRILHANTE (2 DEMAOS) SOBRE SUPERFICIE METALICA, INCLUSIVE PROTECAO COM ZARCAO (1 DEMAO)","M²",13.57,35.93,44.92,609.55999999999995]
[null,"6.2.18","SERVIÇO","SINAPI","73891/1","ESGOTAMENTO COM MOTO-BOMBA AUTOESCOVANTE","H",24,5.41,6.76,162.24]
[null,"6.3","CASA DE COMANDO",{"$nulls":7},50439.95]
[null,"6.3.1","SERVIÇO","SINAPI",93358,"ESCAVAÇÃO MANUAL DE VALA COM PROFUNDIDADE MENOR OU IGUAL A 1,30 M. AF_03/2016","M³",6.52,61.99,77.489999999999995,505.23]
[null,"6.3.2","SERVIÇO","SINAPI",94964,"CONCRETO FCK = 20MPA, TRAÇO 1:2,7:3 (CIMENTO/ AREIA MÉDIA/ BRITA 1)  - PREPARO MECÂNICO COM BETONEIRA 400 L. AF_07/2016","M³",3.67,297.33,371.69,1364.1]
[null,"6.3.3","SERVIÇO","SINAPI",92873,"LANÇAMENTO COM USO DE BALDES, ADENSAMENTO E ACABAMENTO DE CONCRETO EM ESTRUTURAS. AF_12/2015","M³",3.67,159.26,199.09,730.66]
[null,"6.3.4","SERVIÇO","ORSE",3366,"FORMA PLANA PARA ESTRUTURAS, EM COMPENSADO PLASTIFICADO DE 12MM, 07 USOS, INC LUSIVE ESCORAMENTO - REVISADA 07.2015","M²",58.19,38.18,47.73,2777.41]
[null,"6.3.5","SERVIÇO","SINAPI",92791,"CORTE E DOBRA DE AÇO CA-60, DIÂMETRO DE 5,0 MM, UTILIZADO EM ESTRUTURAS DIVERSAS, EXCETO LAJES. AF_12/2015","KG",73.400000000000006,6.59,8.24,604.82000000000005]
[null,"6.3.6","SERVIÇO","SINAPI",92794,"CORTE E DOBRA DE AÇO CA-50, DIÂMETRO DE 10,0 MM, UTILIZADO EM ESTRUTURAS DIVERSAS, EXCETO LAJES. AF_12/2015","KG",220.2,5.45,6.81,1499.56]
[null,"6.3.7","SERVIÇO","SINAPI",87503,"ALVENARIA DE VEDAÇÃO DE BLOCOS CERÂMICOS FURADOS NA HORIZONTAL DE 9X19X19CM (ESPESSURA 9CM) DE PAREDES COM ÁREA LÍQUIDA MAIOR OU IGUAL A 6M² SEM VÃOS E ARGAMASSA DE ASSENTAMENTO COM PREPARO EM BETONEIRA. AF_06/2014","M²",99.25,54.93,68.67,6815.5]
[null,"6.3.8","SERVIÇO","SINAPI",87529,"MASSA ÚNICA, PARA RECEBIMENTO DE PINTURA, EM ARGAMASSA TRAÇO 1:2:8, PREPARO MECÂNICO COM BETONEIRA 400L, APLICADA MANUALMENTE EM FACES INTERNAS DE PAREDES, ESPESSURA DE 20MM, COM EXECUÇÃO DE TALISCAS. AF_06/2014","M²",198.5,28.33,35.42,7030.87]
[null,"6.3.9","SERVIÇO","SINAPI",88489,"APLICAÇÃO MANUAL DE PINTURA COM TINTA LÁTEX ACRÍLICA EM PAREDES, DUAS DEMÃOS. AF_06/2014","M²",198.5,10.51,13.14,2608.29]
[null,"6.3.10","SERVIÇO","SINAPI",88488,"APLICAÇÃO MANUAL DE PINTURA COM TINTA LÁTEX ACRÍLICA EM TETO, DUAS DEMÃOS. AF_06/2014","M²",63.56,11.92,14.9,947.04]
[null,"6.3.11","SERVIÇO","SINAPI",68054,"PORTAO DE FERRO EM CHAPA GALVANIZADA PLANA 14 GSG","M²",8.7899999999999991,236.59,295.76,2599.73]
[null,"6.3.12","SERVIÇO","ORSE",6320,"LASTRO DE CONCRETO, FCK=15 MPA, LANÇADO E ADENSADO","M³",2.27,394.87,493.63,1120.54]
[null,"6.3.13","SERVIÇO","SINAPI",98679,"PISO CIMENTADO, TRAÇO 1:3 (CIMENTO E AREIA), ACABAMENTO LISO, ESPESSURA 2,0 CM, PREPARO MECÂNICO DA ARGAMASSA. AF_06/2018","M²",22.71,25.44,31.8,722.18]
[null,"6.3.14","SERVIÇO","SINAPI",94998,"EXECUÇÃO DE PASSEIO (CALÇADA) OU PISO DE CONCRETO COM CONCRETO MOLDADO IN LOCO, FEITO EM OBRA, ACABAMENTO CONVENCIONAL, ESPESSURA 12 CM, ARMADO. AF_07/2016","M²",31.2,88.09,110.12,3435.74]
[null,"6.3.15","SERVIÇO","SINAPI",95465,"COBOGO CERAMICO (ELEMENTO VAZADO), 9X20X20CM, ASSENTADO COM ARGAMASSA TRACO 1:4 DE CIMENTO E AREIA","M²",7.4,114.93,143.66999999999999,1063.1600000000001]
[null,"6.3.16","SERVIÇO","SINAPI","74202/1","LAJE PRE-MOLDADA P/FORRO, SOBRECARGA 100KG/M2, VAOS ATE 3,50M/E=8CM, C/LAJOTAS E CAP.C/CONC FCK=20MPA, 3CM, INTER-EIXO 38CM, C/ESCORAMENTO (REAPR.3X) E FERRAGEM NEGATIVA","M²",58.88,65.900000000000006,82.38,4850.53]
[null,"6.3.17","SERVIÇO","SINAPI",73661,"FORNECIMENTO E INSTALACAO DE TALHA E TROLEY MANUAL DE 1 TONELADA","UN",2,2087.5700000000002,2609.67,5219.34]
[null,"6.3.18","SERVIÇO","SINAPI",83514,"FORNECIMENTO DE PERFIL SIMPLES \"I\" OU \"H\" 8 A 12\" INCLUSIVE PERDAS","KG",451.26,6.95,8.69,3921.45]
[null,"6.3.19","SERVIÇO","SEINFRA","C3497","MONTAGEM DE TUBOS, CONEXÕES E PÇS, ELEVATÓRIA C/ VAZÃO DE 5,01 À 10 l/s","UN",1,2098.87,2623.8,2623.8]
[null,"6.4","URBANIZAÇÃO",{"$nulls":7},84766.37]
[null,"6.4.1","SERVIÇO","ORSE",11146,"MURO EM ALVENARIA BLOCO CERÂMICO, E= 0,09M, C/ ALV DE PEDRA GRANÍTICA, 0,35 X 0,60M, COLUNAS (9X20CM) E CINTAMENTO (9X15CM) SUPERIOR E INFERIOR CONCRETO AR MADO FCK = 15,0 MPA CADA 3,00M, CHAPISCO E REBOCO","M²",198,140.56,175.71,34790.58]
[null,"6.4.2","SERVIÇO","ORSE",4713,"CONCERTINA EM AÇO GALVANIZADO, ESPIRAL DE Ø = 450MM, 3 CLIPES P/ ESPIRAL, LÂM INA DE 30MM E FIO INTERNO DE 2,50MM,  INCLUISIVE INSTALAÇÃO","M",90,32,40,3600]
[null,"6.4.3","SERVIÇO","SINAPI",88489,"APLICAÇÃO MANUAL DE PINTURA COM TINTA LÁTEX ACRÍLICA EM PAREDES, DUAS DEMÃOS. AF_06/2014","M²",396,10.51,13.14,5203.4399999999996]
[null,"6.4.4","SERVIÇO","SINAPI",72799,"PAVIMENTO EM PARALELEPIPEDO SOBRE COLCHAO DE AREIA REJUNTADO COM ARGAMASSA DE CIMENTO E AREIA NO TRAÇO 1:3 (PEDRAS PEQUENAS 30 A 35 PECAS POR M2)","M²",368.68,75.23,94.05,34674.35]
[null,"6.4.5","SERVIÇO","SINAPI",94998,"EXECUÇÃO DE PASSEIO (CALÇADA) OU PISO DE CONCRETO COM CONCRETO MOLDADO IN LOCO, FEITO EM OBRA, ACABAMENTO CONVENCIONAL, ESPESSURA 12 CM, ARMADO. AF_07/2016","M²",31.2,88.09,110.12,3435.74]
[null,"6.4.6","SERVIÇO","SINAPI",94263,"GUIA (MEIO-FIO) CONCRETO, MOLDADA  IN LOCO  EM TRECHO RETO COM EXTRUSORA, 11,5 CM BASE X 22 CM ALTURA. AF_06/2016","M",15,21.04,26.3,394.5]
[null,"6.4.7","SERVIÇO","SINAPI",68054,"PORTAO DE FERRO EM CHAPA GALVANIZADA PLANA 14 GSG","M²",9.02,236.59,295.76,2667.76]
[null,"6.5","RELAÇÃO DE MATERIAIS E EQUIPAMENTOS PARA EEE-03",{"$nulls":7},51642.62]
[null,"6.5.1","INSUMO","SULZER","COTAÇÃO","CONJUNTO MOTOR-BOMBA SUBMERSÍVEL SULZER OU SIMILAR, MODELOEJ 40B 380V D110 (CÓDIGOSC925WCB0A0), PARA ESGOTO COM AS SEGUINTES CARACTERÍSTICAS, CONFORME PROPOSTA FINANCEIRA APRESETANDA PELO FABRICANTE: Q =29,37 M³/H (8,16 L/S), H = 14,52 MCA, P = 5 CV. INCLUSIVE EQUIPAMENTOS ACESSÓRIOS PARA INSTALAÇÃO COMPLETA: PEDESTAL DN75/80 SCAV-B-TUB2 B; TUBO ACO D2 AZ; CORRENTE 1/4 ELO 23X43EXT 6M AZ; MANILHA 5/16 RETA ZINCADA.                 ","UN",2,9228.31,10520.27,21040.54]
[null,"6.5.2","INSUMO","SEINFRA","I7267","TUBO FoFo PB JE K-9 P/ ESGOTO DN 200","M",1,373.53,425.82,425.82]
[null,"6.5.3","INSUMO","SEINFRA","I3894","JUNTA GIBAULT DN 200","UN",1,340.82,388.53,388.53]
[null,"6.5.4","INSUMO","SEINFRA","I3797","EXTREMIDADE FLANGE E PONTA DN 200 PN10","UN",1,517.19000000000005,589.6,589.6]
[null,"6.5.5","INSUMO","ORSE",5647,"REGISTRO GAVETA FOFO, C/ FLANGES, CUNHA BORRACHA, CORPO CURTO E CABEÇOTE, PN  10, TIPO EURO 23, D=  200MM","UN",1,1120.75,1277.6600000000001,1277.6600000000001]
[null,"6.5.6","INSUMO","SEINFRA","I4666","TUBO FoFo C/FLANGE E PONTA DN 200 PN10 - L=1000","UN",1,862.58,983.34,983.34]
[null,"6.5.7","INSUMO","SEINFRA","I7138","REDUÇÃO FoFo FF DN 100 x 80 PN10","UN",2,263.73,300.64999999999998,601.29999999999995]
[null,"6.5.8","INSUMO","SEINFRA","I4461","TUBO FoFo C/ FLANGES DN 100 PN10 - L=2500","UN",2,1163.3699999999999,1326.24,2652.48]
[null,"6.5.9","INSUMO","SEINFRA","I3425","CURVA FoFo 90 FF DN 100 PN10","UN",2,156.74,178.68,357.36]
[null,"6.5.10","INSUMO","SEINFRA","I3992","TOCO C/ FLANGES E ABA DE VEDAÇÃO DN 100 PN10","UN",2,436.95,498.12,996.24]
[null,"6.5.11","INSUMO","SEINFRA","I8744","VÁLVULA RETENÇÃO PORTA ÚNICA C/FLANGES DN 100 P/ESGOTO","UN",2,1064.7,1213.76,2427.52]
[null,"6.5.12","INSUMO","SEINFRA","I3795","EXTREMIDADE FLANGE E PONTA DN 100 PN10","UN",4,188.15,214.49,857.96]
[null,"6.5.13","INSUMO","ORSE",12532,"REGISTRO GAVETA FOFO, C/ FLANGES, CUNHA BORRACHA, CORPO CURTO E VOLANTE, TIPO EURO 23,  PN16, DIAM  = 100MM","UN",2,532.16999999999996,606.66999999999996,1213.3399999999999]
[null,"6.5.14","INSUMO","SEINFRA","I3408","CURVA FoFo 45 FF DN 100 PN10","UN",2,192.5,219.45,438.9]
[null,"6.5.15","INSUMO","SEINFRA","I3875","JUNÇÃO 45 FoFo FFF DN 100 x 100 PN10","UN",2,329.57,375.71,751.42]
[null,"6.5.16","INSUMO","ORSE",5467,"FLANGE CEGO, EM FOFO, PN 10 / 16, D=  100MM","UN",1,67.959999999999994,77.47,77.47]
[null,"6.5.17","INSUMO","SEINFRA","I3960","TUBO FoFo C/ FLANGES DN 100  PN10 - L=250","UN",2,202.98,231.4,462.8]
[null,"6.5.18","INSUMO","SEINFRA","I7174","TE FoFo FF DN 100 x 80 PN10","UN",1,456.64,520.57000000000005,520.57000000000005]
[null,"6.5.19","INSUMO","SEINFRA","I4647","TUBO FoFo C/FLANGE E PONTA DN 100 PN10 - L=2500","UN",1,879.03,1002.09,1002.09]
[null,"6.5.20","INSUMO","SEINFRA","I3363","CURVA 90 FoFo BB JUNTA ELÁSTICA DN 100","UN",1,213.48,243.37,243.37]
[null,"6.5.21","INSUMO","SEINFRA","I7119","CURVA FoFo 90 FF DN 80 PN10","UN",2,147.93,168.64,337.28]
[null,"6.5.22","INSUMO","SEINFRA","I7183","TUBO FoFo C/ FLANGES DN 80 PN10 - L=1000","UN",1,764.18,871.17,871.17]
[null,"6.5.23","INSUMO","ORSE",12531,"REGISTRO GAVETA FOFO, C/ FLANGES, CUNHA BORRACHA, CORPO CURTO E VOLANTE, TIPO EURO 23,  PN16, DIAM  = 80MM","UN",1,509.09,580.36,580.36]
[null,"6.5.24","INSUMO","SEINFRA","I7183","TUBO FoFo C/ FLANGES DN 80 PN10 - L=1000","UN",1,764.18,871.17,871.17]
[null,"6.5.25","INSUMO","SEINFRA","I4633","TUBO FoFo C/FLANGE E PONTA DN 75 PN10 - L=1000","UN",1,489.77,558.34,558.34]
[null,"6.5.26","INSUMO","SEINFRA","I3424","CURVA FoFo 90 FF DN 75 PN10","UN",1,147.93,168.64,168.64]
[null,"6.5.27","INSUMO","SEINFRA","I4241","PARAFUSO C/ PORCAS PARA FLANGES DN 16 x 80","UN",256,31.88,36.340000000000003,9303.0400000000009]
[null,"6.5.29","INSUMO","SEINFRA","I4144","ARRUELA  BORRACHA P/ FLANGES DN 200 PN10 P/ ESGOTO","UN",2,112.89,128.69,257.38]
[null,"6.5.30","INSUMO","SEINFRA","I4142","ARRUELA  BORRACHA P/ FLANGES DN 100 PN10 P/ ESGOTO","UN",22,46.66,53.19,1170.18]
[null,"6.5.31","INSUMO","SEINFRA","I7096","ARRUELA  BORRACHA P/ FLANGES DN 80 PN10 P/ ESGOTO","UN",7,24.66,28.11,196.77]
[null,"6.5.32","INSUMO","SEINFRA","I4141","ARRUELA  BORRACHA P/ FLANGES DN 75 PN10 P/ ESGOTO","UN",1,17.53,19.98,19.98]
[null,7,"ESTAÇÃO DE TRATAMENTO DE ESGOTOS \"A\"",{"$nulls":4},"Custo Total dos Serviços (R$)",null,null,2335629.29]
[null,"7.1","TRATAMENTO PRELIMINAR ",{"$nulls":7},71221.56]
[null,"7.1.1","SERVIÇO","SINAPI","73859/2","CAPINA E LIMPEZA MANUAL DE TERRENO","M²",65.790000000000006,1.25,1.56,102.63]
[null,"7.1.2","SERVIÇO","SEINFRA","C1630","LOCAÇÃO DA OBRA - EXECUÇÃO DE GABARITO","M²",35.130000000000003,4.58,5.73,201.29]
[null,"7.1.3","SERVIÇO","SINAPI",93358,"ESCAVAÇÃO MANUAL DE VALA COM PROFUNDIDADE MENOR OU IGUAL A 1,30 M. AF_03/2016","M³",4.79,61.99,77.489999999999995,371.18]
[null,"7.1.4","SERVIÇO","SINAPI",83338,"ESCAVACAO MECANICA, A CEU ABERTO, EM MATERIAL DE 1A CATEGORIA, COM ESCAVADEIRA HIDRAULICA, CAPACIDADE DE 0,78 M³","M³",33.549999999999997,2.57,3.21,107.7]
[null,"7.1.5","SERVIÇO","ORSE",4357,"ESCAVAÇÃO COM PERFURATRIZ EM MATERIAL DE 2ª CATEGORIA","M³",9.58,79.38,99.23,950.62]
[null,"7.1.6","SERVIÇO","SINAPI",93382,"REATERRO MANUAL DE VALAS COM COMPACTAÇÃO MECANIZADA. AF_04/2016","M³",13.6,30.37,37.97,516.39]
[null,"7.1.7","SERVIÇO","ORSE",4986,"CARGA MECÂNICA DE MATERIAL DE 1ª CATEGORIA","M³",24.74,0.72,0.9,22.27]
[null,"7.1.8","SERVIÇO","ORSE",2507,"CARGA MECÂNICA DE MATERIAL DE 2ª CATEGORIA","M³",9.58,2.23,2.79,26.73]
[null,"7.1.9","SERVIÇO","SINAPI",97914,"TRANSPORTE COM CAMINHÃO BASCULANTE DE 6 M³, EM VIA URBANA PAVIMENTADA, DMT ATÉ 30 KM (UNIDADE: M³XKM). AF_01/2018","M³XKM",34.32,1.65,2.06,70.7]
[null,"7.1.10","SERVIÇO","SINAPI",94967,"CONCRETO FCK = 40MPA, TRAÇO 1:1,6:1,9 (CIMENTO/ AREIA MÉDIA/ BRITA 1)  - PREPARO MECÂNICO COM BETONEIRA 400 L. AF_07/2016","M³",39.020000000000003,356.93,446.2,17410.72]
[null,"7.1.11","SERVIÇO","SINAPI",92873,"LANÇAMENTO COM USO DE BALDES, ADENSAMENTO E ACABAMENTO DE CONCRETO EM ESTRUTURAS. AF_12/2015","M³",39.020000000000003,159.26,199.09,7768.49]
[null,"7.1.12","SERVIÇO","ORSE",3366,"FORMA PLANA PARA ESTRUTURAS, EM COMPENSADO PLASTIFICADO DE 12MM, 07 USOS, INC LUSIVE ESCORAMENTO - REVISADA 07.2015","M²",159.37,38.18,47.73,7606.73]
[null,"7.1.13","SERVIÇO","SINAPI",92791,"CORTE E DOBRA DE AÇO CA-60, DIÂMETRO DE 5,0 MM, UTILIZADO EM ESTRUTURAS DIVERSAS, EXCETO LAJES. AF_12/2015","KG",754.4,6.59,8.24,6216.26]
[null,"7.1.14","SERVIÇO","SINAPI",92794,"CORTE E DOBRA DE AÇO CA-50, DIÂMETRO DE 10,0 MM, UTILIZADO EM ESTRUTURAS DIVERSAS, EXCETO LAJES. AF_12/2015","KG",2263.1999999999998,5.45,6.81,15412.39]
[null,"7.1.15","SERVIÇO","SINAPI",94962,"CONCRETO MAGRO PARA LASTRO, TRAÇO 1:4,5:4,5 (CIMENTO/ AREIA MÉDIA/ BRITA 1)  - PREPARO MECÂNICO COM BETONEIRA 400 L. AF_07/2016","M³",3.52,251.72,314.68,1107.67]
[null,"7.1.16","SERVIÇO","SEINFRA","C0823","COMPORTA EM FIBRA, CALHA EM ALUMÍNIO","M²",3.8,413.24,516.59,1963.04]
[null,"7.1.17","SERVIÇO","SINAPI","73932/1","GRADE DE FERRO EM BARRA CHATA 3/16\"","M²",29.66,261.58999999999997,327.01,9699.1200000000008]
[null,"7.1.18","SERVIÇO","SINAPI",73665,"ESCADA TIPO MARINHEIRO EM ACO CA-50 9,52MM INCLUSO PINTURA COM FUNDO ANTICORROSIVO TIPO ZARCAO","M",2.2400000000000002,60.84,76.06,170.37]
[null,"7.1.19","SERVIÇO","SINAPI",95468,"PINTURA ESMALTE BRILHANTE (2 DEMAOS) SOBRE SUPERFICIE METALICA, INCLUSIVE PROTECAO COM ZARCAO (1 DEMAO)","M²",29.72,35.93,44.92,1335.02]
[null,"7.1.20","SERVIÇO","SINAPI","73891/1","ESGOTAMENTO COM MOTO-BOMBA AUTOESCOVANTE","H",24,5.41,6.76,162.24]
[null,"7.2","LAGOA ANAERÓBIA - SERVIÇOS PRELIMINARES ",{"$nulls":7},17803.37]
[null,"7.2.1","SERVIÇO","SINAPI",73672,"DESMATAMENTO E LIMPEZA MECANIZADA DE TERRENO COM ARVORES ATE Ø 15CM, UTILIZANDO TRATOR DE ESTEIRAS","M²",4875,0.36,0.45,2193.75]
[null,"7.2.2","SERVIÇO","SINAPI",72898,"CARGA E DESCARGA MECANIZADAS DE ENTULHO EM CAMINHAO BASCULANTE 6 M³","M³",1218.75,4.0199999999999996,5.03,6130.31]
[null,"7.2.3","SERVIÇO","SINAPI",97912,"TRANSPORTE COM CAMINHÃO BASCULANTE DE 6 M³, EM VIA URBANA EM LEITO NATURAL (UNIDADE: M³XKM). AF_01/2018","M³XKM",1218.75,2.2999999999999998,2.88,3510]
[null,"7.2.4","SERVIÇO","SINAPI",83344,"ESPALHAMENTO DE MATERIAL EM BOTA FORA, COM UTILIZACAO DE TRATOR DE ESTEIRAS DE 165 HP","M³",1218.75,0.92,1.1499999999999999,1401.56]
[null,"7.2.5","SERVIÇO","ORSE",2548,"LOCAÇÃO DE SERVIÇOS DE TERRAPLENAGEM DE OBRAS CIVIS","M²",3025,1.21,1.51,4567.75]
[null,"7.3","LAGOA ANAERÓBIA - MOVIMENTO DE TERRA",{"$nulls":7},1473052.4]
[null,"7.3.1","SERVIÇO","SINAPI",83338,"ESCAVACAO MECANICA, A CEU ABERTO, EM MATERIAL DE 1A CATEGORIA, COM ESCAVADEIRA HIDRAULICA, CAPACIDADE DE 0,78 M³","M³",14534.52,2.57,3.21,46655.81]
[null,"7.3.2","SERVIÇO","ORSE",4357,"ESCAVAÇÃO COM PERFURATRIZ EM MATERIAL DE 2ª CATEGORIA","M³",4152.72,79.38,99.23,412074.41]
[null,"7.3.3","SERVIÇO","ORSE",4502,"ESCAVAÇÃO MANUAL DE VALA OU CAVA EM MATERIAL DE 3ª CATEGORIA, PROFUNDIDADE AT É 2,00 M, COM USO DE EXPLOSIVOS E PERFURAÇÃO MECÂNICA","M³",798.6,222.04,277.57,221667.4]
[null,"7.3.4","SERVIÇO","ORSE",4503,"ESCAVAÇÃO MANUAL DE VALA OU CAVA EM MATERIAL DE 3ª CATEGORIA, PROFUNDIDADE AT É 4,00 M, COM USO DE EXPLOSIVOS E PERFURAÇÃO MECÂNICA","M³",798.6,240.65,300.83999999999997,240250.82]
[null,"7.3.5","SERVIÇO","ORSE",4504,"ESCAVAÇÃO MANUAL DE VALA OU CAVA EM MATERIAL DE 3ª CATEGORIA, PROFUNDIDADE AT É 6,00 M, COM USO DE EXPLOSIVOS E PERFURAÇÃO MECÂNICA","M³",479.16,259.25,324.08999999999997,155290.96]
[null,"7.3.6","SERVIÇO","ORSE",4986,"CARGA MECÂNICA DE MATERIAL DE 1ª CATEGORIA","M³",14534.52,0.72,0.9,13081.07]
[null,"7.3.7","SERVIÇO","ORSE",2507,"CARGA MECÂNICA DE MATERIAL DE 2ª CATEGORIA","M³",4152.72,2.23,2.79,11586.09]
[null,"7.3.8","SERVIÇO","ORSE",2508,"CARGA MECÂNICA DE MATERIAL DE 3ª CATEGORIA","M³",2076.36,3.18,3.98,8263.91]
[null,"7.3.9","SERVIÇO","SINAPI",97912,"TRANSPORTE COM CAMINHÃO BASCULANTE DE 6 M³, EM VIA URBANA EM LEITO NATURAL (UNIDADE: M³XKM). AF_01/2018","M³XKM",20763.599999999999,2.2999999999999998,2.88,59799.17]
[null,"7.3.10","SERVIÇO","SINAPI",83344,"ESPALHAMENTO DE MATERIAL EM BOTA FORA, COM UTILIZACAO DE TRATOR DE ESTEIRAS DE 165 HP","M³",20763.599999999999,0.92,1.1499999999999999,23878.14]
[null,"7.3.11","SERVIÇO","SINAPI",83338,"ESCAVACAO MECANICA, A CEU ABERTO, EM MATERIAL DE 1A CATEGORIA, COM ESCAVADEIRA HIDRAULICA, CAPACIDADE DE 0,78 M³","M³",10494,2.57,3.21,33685.74]
[null,"7.3.12","SERVIÇO","SINAPI","74010/1","CARGA E DESCARGA MECANICA DE SOLO UTILIZANDO CAMINHAO BASCULANTE 6,0M³/16T E PA CARREGADEIRA SOBRE PNEUS 128 HP, CAPACIDADE DA CAÇAMBA 1,7 A 2,8 M³, PESO OPERACIONAL 11632 KG","M³",10494,1.76,2.2000000000000002,23086.799999999999]
[null,"7.3.13","SERVIÇO","SINAPI",97912,"TRANSPORTE COM CAMINHÃO BASCULANTE DE 6 M³, EM VIA URBANA EM LEITO NATURAL (UNIDADE: M³XKM). AF_01/2018","M³XKM",62964,2.2999999999999998,2.88,181336.32000000001]
[null,"7.3.14","SERVIÇO","ORSE",7086,"ATERRO MECANIZADO COM TRATOR DE ESTEIRA, INCLUSIVE COMPACTAÇÃO (MÃO DE OBRA,  CAMINHÃO PIPA, E ROLO)","M³",10494,3.23,4.04,42395.76]
[null,"7.4","LAGOA ANAERÓBIA - CAIXAS DE PASSAGEM E PROTEÇÃO DOS TALUDES",{"$nulls":7},64863.5]
[null,"7.4.1","SERVIÇO","SINAPI",93358,"ESCAVAÇÃO MANUAL DE VALA COM PROFUNDIDADE MENOR OU IGUAL A 1,30 M. AF_03/2016","M³",92.56,61.99,77.489999999999995,7172.47]
[null,"7.4.2","SERVIÇO","SINAPI",90736,"ASSENTAMENTO DE TUBO DE PVC PARA REDE COLETORA DE ESGOTO DE PAREDE MACIÇA, DN 250 MM, JUNTA ELÁSTICA, INSTALADO EM LOCAL COM NÍVEL BAIXO DE INTERFERÊNCIAS (NÃO INCLUI FORNECIMENTO). AF_06/2015","M",54,4.59,5.74,309.95999999999998]
[null,"7.4.3","SERVIÇO","SINAPI",93382,"REATERRO MANUAL DE VALAS COM COMPACTAÇÃO MECANIZADA. AF_04/2016","M³",43.25,30.37,37.97,1642.2]
[null,"7.4.4","SERVIÇO","SINAPI",94964,"CONCRETO FCK = 20MPA, TRAÇO 1:2,7:3 (CIMENTO/ AREIA MÉDIA/ BRITA 1)  - PREPARO MECÂNICO COM BETONEIRA 400 L. AF_07/2016","M³",45.41,297.33,371.69,16878.439999999999]
[null,"7.4.5","SERVIÇO","SINAPI",92873,"LANÇAMENTO COM USO DE BALDES, ADENSAMENTO E ACABAMENTO DE CONCRETO EM ESTRUTURAS. AF_12/2015","M³",45.41,159.26,199.09,9040.68]
[null,"7.4.6","SERVIÇO","ORSE",3366,"FORMA PLANA PARA ESTRUTURAS, EM COMPENSADO PLASTIFICADO DE 12MM, 07 USOS, INC LUSIVE ESCORAMENTO - REVISADA 07.2015","M²",79.23,38.18,47.73,3781.65]
[null,"7.4.7","SERVIÇO","SINAPI",92791,"CORTE E DOBRA DE AÇO CA-60, DIÂMETRO DE 5,0 MM, UTILIZADO EM ESTRUTURAS DIVERSAS, EXCETO LAJES. AF_12/2015, CONFORME QUANTITATIVOS DO PROJETO ESTRUTURAL","KG",908.2,6.59,8.24,7483.57]
[null,"7.4.8","SERVIÇO","SINAPI",92794,"CORTE E DOBRA DE AÇO CA-50, DIÂMETRO DE 10,0 MM, UTILIZADO EM ESTRUTURAS DIVERSAS, EXCETO LAJES. AF_12/2015, CONFORME QUANTITATIVOS DO PROJETO ESTRUTURAL","KG",2724.6,5.45,6.81,18554.53]
[null,"7.5","LAGOA FACULTATIVA - PROTEÇÃO DOS TALUDES",{"$nulls":7},158515.66]
[null,"7.5.1","SERVIÇO","SINAPI",93358,"ESCAVAÇÃO MANUAL DE VALA COM PROFUNDIDADE MENOR OU IGUAL A 1,30 M. AF_03/2016","M³",125.49,61.99,77.489999999999995,9724.2199999999993]
[null,"7.5.2","SERVIÇO","SINAPI",94964,"CONCRETO FCK = 20MPA, TRAÇO 1:2,7:3 (CIMENTO/ AREIA MÉDIA/ BRITA 1)  - PREPARO MECÂNICO COM BETONEIRA 400 L. AF_07/2016","M³",125.49,297.33,371.69,46643.38]
[null,"7.5.3","SERVIÇO","SINAPI",92873,"LANÇAMENTO COM USO DE BALDES, ADENSAMENTO E ACABAMENTO DE CONCRETO EM ESTRUTURAS. AF_12/2015","M³",125.49,159.26,199.09,24983.8]
[null,"7.5.4","SERVIÇO","ORSE",3366,"FORMA PLANA PARA ESTRUTURAS, EM COMPENSADO PLASTIFICADO DE 12MM, 07 USOS, INC LUSIVE ESCORAMENTO - REVISADA 07.2015","M²",109.12,38.18,47.73,5208.3]
[null,"7.5.5","SERVIÇO","SINAPI",92791,"CORTE E DOBRA DE AÇO CA-60, DIÂMETRO DE 5,0 MM, UTILIZADO EM ESTRUTURAS DIVERSAS, EXCETO LAJES. AF_12/2015, CONFORME QUANTITATIVOS DO PROJETO ESTRUTURAL","KG",2509.8000000000002,6.59,8.24,20680.75]
[null,"7.5.6","SERVIÇO","SINAPI",92794,"CORTE E DOBRA DE AÇO CA-50, DIÂMETRO DE 10,0 MM, UTILIZADO EM ESTRUTURAS DIVERSAS, EXCETO LAJES. AF_12/2015, CONFORME QUANTITATIVOS DO PROJETO ESTRUTURAL","KG",7529.4,5.45,6.81,51275.21]
[null,"7.6","LAGOAS DE MATURAÇÃO - PROTEÇÃO DOS TALUDES",{"$nulls":7},201400.35]
[null,"7.6.1","SERVIÇO","SINAPI",93358,"ESCAVAÇÃO MANUAL DE VALA COM PROFUNDIDADE MENOR OU IGUAL A 1,30 M. AF_03/2016","M³",159.44,61.99,77.489999999999995,12355.01]
[null,"7.6.2","SERVIÇO","SINAPI",94964,"CONCRETO FCK = 20MPA, TRAÇO 1:2,7:3 (CIMENTO/ AREIA MÉDIA/ BRITA 1)  - PREPARO MECÂNICO COM BETONEIRA 400 L. AF_07/2016","M³",159.44,297.33,371.69,59262.25]
[null,"7.6.3","SERVIÇO","SINAPI",92873,"LANÇAMENTO COM USO DE BALDES, ADENSAMENTO E ACABAMENTO DE CONCRETO EM ESTRUTURAS. AF_12/2015","M³",159.44,159.26,199.09,31742.91]
[null,"7.6.4","SERVIÇO","ORSE",3366,"FORMA PLANA PARA ESTRUTURAS, EM COMPENSADO PLASTIFICADO DE 12MM, 07 USOS, INC LUSIVE ESCORAMENTO - REVISADA 07.2015","M²",138.63999999999999,38.18,47.73,6617.29]
[null,"7.6.5","SERVIÇO","SINAPI",92791,"CORTE E DOBRA DE AÇO CA-60, DIÂMETRO DE 5,0 MM, UTILIZADO EM ESTRUTURAS DIVERSAS, EXCETO LAJES. AF_12/2015, CONFORME QUANTITATIVOS DO PROJETO ESTRUTURAL","KG",3188.8,6.59,8.24,26275.71]
[null,"7.6.6","SERVIÇO","SINAPI",92794,"CORTE E DOBRA DE AÇO CA-50, DIÂMETRO DE 10,0 MM, UTILIZADO EM ESTRUTURAS DIVERSAS, EXCETO LAJES. AF_12/2015, CONFORME QUANTITATIVOS DO PROJETO ESTRUTURAL","KG",9566.4,5.45,6.81,65147.18]
[null,"7.7","URBANIZAÇÃO",{"$nulls":7},269338.23]
[null,"7.7.1","SERVIÇO","SINAPI","74142/4","CERCA COM MOUROES DE CONCRETO, SECAO \"T\" PONTA INCLINADA, 10X10CM, ESPACAMENTO DE 3M, CRAVADOS 0,5M, COM 11 FIOS DE ARAME FARPADO Nº 16","M",1200,59.04,73.81,88572]
[null,"7.7.2","SERVIÇO","SEINFRA","C2904","PORTÃO DE TUBO DE AÇO GALVANIZADO DE 2\" (4X2)m, INCL.. PILARES DE SUSTENTAÇÃO","UN",1,2426.84,3033.79,3033.79]
[null,"7.7.3","SERVIÇO","SINAPI",68054,"PORTAO DE FERRO EM CHAPA GALVANIZADA PLANA 14 GSG, PARA PEDESTRE","M²",6.2,236.59,295.76,1833.71]
[null,"7.7.4","SERVIÇO","SINAPI",94269,"GUIA (MEIO-FIO) E SARJETA CONJUGADOS DE CONCRETO, MOLDADA \u0093IN LOCO\u0094 EM TRECHO RETO COM EXTRUSORA, GUIA 13,5 CM BASE X 26 CM ALTURA, SARJETA 45 CM BASE X 11 CM ALTURA. AF_06/2016, PARA PEDESTRE","M",2812.24,42.69,53.37,150089.25]
[null,"7.7.5","SERVIÇO","SINAPI",83675,"TUBO CONCRETO SIMPLES DN 200 MM PARA DRENAGEM - FORNECIMENTO E INSTALACAO, INCLUSIVE ESCAVACAO MANUAL 1M³/M., PARA PEDESTRE","M",180,87,108.76,19576.8]
[null,"7.7.6","SERVIÇO","SINAPI",98510,"PLANTIO DE ÁRVORE ORNAMENTAL COM ALTURA DE MUDA MENOR OU IGUAL A 2,00 M. AF_05/2018, PARA PEDESTRE","UN",87,57.31,71.64,6232.68]
[null,"7.8","RELAÇÃO DE MATERIAIS E EQUIPAMENTOS PARA ETE \"A\"",{"$nulls":7},79434.22]
[null,"7.8.1","INSUMO","SEINFRA","I3369","CURVA 90 FoFo BB JUNTA ELÁSTICA DN 400","UN",2,3753.48,4278.97,8557.94]
[null,"7.8.2","INSUMO","SEINFRA","I8543","TUBO FoFo DÚCTIL JGS JE INTEGRAL K-7 P/ ESGOTO DN 400","M",0.5,590.16999999999996,672.79,336.4]
[null,"7.8.3","INSUMO","SEINFRA","I4710","TUBO FoFo C/FLANGE E PONTA DN 400 PN10 - L=1000","UN",2,1874.49,2136.92,4273.84]
[null,"7.8.4","INSUMO","SEINFRA","I5098","REGISTRO C/ VOLANTE E FLANGE DN 400 PN10","UN",1,22359.85,25490.23,25490.23]
[null,"7.8.5","INSUMO","SEINFRA","I8540","TUBO FoFo DÚCTIL JGS JE INTEGRAL K-7 P/ ESGOTO DN 250","M",60,378.54,431.54,25892.400000000001]
[null,"7.8.6","INSUMO","SEINFRA","I4282","TUBO FoFo C/FLANGE E BOLSA JE DN 100 PN10 - L=5800","UN",2,1695.99,1933.43,3866.86]
[null,"7.8.7","INSUMO","SEINFRA","I8537","TUBO FoFo DÚCTIL JGS JE INTEGRAL K-7 P/ ESGOTO DN 100","M",1,206.94,235.91,235.91]
[null,"7.8.8","INSUMO","SEINFRA","I5093","REGISTRO GAVETA P/ PVC COM VOLANTE DN 100 PN10","UN",2,903.08,1029.51,2059.02]
[null,"7.8.9","INSUMO","SEINFRA","I7441","CALHA PARSHALL EM FIBRA DE VIDRO P/ ESGOTO W:3\"","UN",1,1907.6,2174.66,2174.66]
[null,"7.8.10","INSUMO","SINAPI",41931,"TUBO COLETOR DE ESGOTO PVC, JEI, DN 250 MM (NBR 7362)","M     ",54,"106,35",121.24,6546.96]
[null,8,"ESTAÇÃO DE TRATAMENTO DE ESGOTOS \"B\"",{"$nulls":4},"Custo Total dos Serviços (R$)",null,null,2309880.9500000002]
[null,"8.1","TRATAMENTO PRELIMINAR ",{"$nulls":7},65285.54]
[null,"8.1.1","SERVIÇO","SINAPI","73859/2","CAPINA E LIMPEZA MANUAL DE TERRENO","M²",59.66,1.25,1.56,93.07]
[null,"8.1.2","SERVIÇO","SEINFRA","C1630","LOCAÇÃO DA OBRA - EXECUÇÃO DE GABARITO","M²",26.95,4.58,5.73,154.41999999999999]
[null,"8.1.3","SERVIÇO","SINAPI",93358,"ESCAVAÇÃO MANUAL DE VALA COM PROFUNDIDADE MENOR OU IGUAL A 1,30 M. AF_03/2016","M³",4.29,61.99,77.489999999999995,332.43]
[null,"8.1.4","SERVIÇO","SINAPI",83338,"ESCAVACAO MECANICA, A CEU ABERTO, EM MATERIAL DE 1A CATEGORIA, COM ESCAVADEIRA HIDRAULICA, CAPACIDADE DE 0,78 M³","M³",30.04,2.57,3.21,96.43]
[null,"8.1.5","SERVIÇO","ORSE",4357,"ESCAVAÇÃO COM PERFURATRIZ EM MATERIAL DE 2ª CATEGORIA","M³",8.58,79.38,99.23,851.39]
[null,"8.1.6","SERVIÇO","SINAPI",93382,"REATERRO MANUAL DE VALAS COM COMPACTAÇÃO MECANIZADA. AF_04/2016","M³",12.51,30.37,37.97,475]
[null,"8.1.7","SERVIÇO","ORSE",4986,"CARGA MECÂNICA DE MATERIAL DE 1ª CATEGORIA","M³",21.82,0.72,0.9,19.64]
[null,"8.1.8","SERVIÇO","ORSE",2507,"CARGA MECÂNICA DE MATERIAL DE 2ª CATEGORIA","M³",8.58,2.23,2.79,23.94]
[null,"8.1.9","SERVIÇO","SINAPI",97914,"TRANSPORTE COM CAMINHÃO BASCULANTE DE 6 M³, EM VIA URBANA PAVIMENTADA, DMT ATÉ 30 KM (UNIDADE: M³XKM). AF_01/2018","M³XKM",30.4,1.65,2.06,62.62]
[null,"8.1.10","SERVIÇO","SINAPI",94967,"CONCRETO FCK = 40MPA, TRAÇO 1:1,6:1,9 (CIMENTO/ AREIA MÉDIA/ BRITA 1)  - PREPARO MECÂNICO COM BETONEIRA 400 L. AF_07/2016","M³",36.049999999999997,356.93,446.2,16085.51]
[null,"8.1.11","SERVIÇO","SINAPI",92873,"LANÇAMENTO COM USO DE BALDES, ADENSAMENTO E ACABAMENTO DE CONCRETO EM ESTRUTURAS. AF_12/2015","M³",36.049999999999997,159.26,199.09,7177.19]
[null,"8.1.12","SERVIÇO","ORSE",3366,"FORMA PLANA PARA ESTRUTURAS, EM COMPENSADO PLASTIFICADO DE 12MM, 07 USOS, INC LUSIVE ESCORAMENTO - REVISADA 07.2015","M²",147.61000000000001,38.18,47.73,7045.43]
[null,"8.1.13","SERVIÇO","SINAPI",92791,"CORTE E DOBRA DE AÇO CA-60, DIÂMETRO DE 5,0 MM, UTILIZADO EM ESTRUTURAS DIVERSAS, EXCETO LAJES. AF_12/2015","KG",695,6.59,8.24,5726.8]
[null,"8.1.14","SERVIÇO","SINAPI",92794,"CORTE E DOBRA DE AÇO CA-50, DIÂMETRO DE 10,0 MM, UTILIZADO EM ESTRUTURAS DIVERSAS, EXCETO LAJES. AF_12/2015","KG",2085,5.45,6.81,14198.85]
[null,"8.1.15","SERVIÇO","SINAPI",94962,"CONCRETO MAGRO PARA LASTRO, TRAÇO 1:4,5:4,5 (CIMENTO/ AREIA MÉDIA/ BRITA 1)  - PREPARO MECÂNICO COM BETONEIRA 400 L. AF_07/2016","M³",3.15,251.72,314.68,991.24]
[null,"8.1.16","SERVIÇO","SEINFRA","C0823","COMPORTA EM FIBRA, CALHA EM ALUMÍNIO","M²",3.4,413.24,516.59,1756.41]
[null,"8.1.17","SERVIÇO","SINAPI","73932/1","GRADE DE FERRO EM BARRA CHATA 3/16\"","M²",26.51,261.58999999999997,327.01,8669.0400000000009]
[null,"8.1.18","SERVIÇO","SINAPI",73665,"ESCADA TIPO MARINHEIRO EM ACO CA-50 9,52MM INCLUSO PINTURA COM FUNDO ANTICORROSIVO TIPO ZARCAO","M",2.2400000000000002,60.84,76.06,170.37]
[null,"8.1.19","SERVIÇO","SINAPI",95468,"PINTURA ESMALTE BRILHANTE (2 DEMAOS) SOBRE SUPERFICIE METALICA, INCLUSIVE PROTECAO COM ZARCAO (1 DEMAO)","M²",26.57,35.93,44.92,1193.52]
[null,"8.1.20","SERVIÇO","SINAPI","73891/1","ESGOTAMENTO COM MOTO-BOMBA AUTOESCOVANTE","H",24,5.41,6.76,162.24]
[null,"8.2","LAGOA ANAERÓBIA - SERVIÇOS PRELIMINARES ",{"$nulls":7},17803.37]
[null,"8.2.1","SERVIÇO","SINAPI",73672,"DESMATAMENTO E LIMPEZA MECANIZADA DE TERRENO COM ARVORES ATE Ø 15CM, UTILIZANDO TRATOR DE ESTEIRAS","M²",4875,0.36,0.45,2193.75]
[null,"8.2.2","SERVIÇO","SINAPI",72898,"CARGA E DESCARGA MECANIZADAS DE ENTULHO EM CAMINHAO BASCULANTE 6 M³","M³",1218.75,4.0199999999999996,5.03,6130.31]
[null,"8.2.3","SERVIÇO","SINAPI",97912,"TRANSPORTE COM CAMINHÃO BASCULANTE DE 6 M³, EM VIA URBANA EM LEITO NATURAL (UNIDADE: M³XKM). AF_01/2018","M³XKM",1218.75,2.2999999999999998,2.88,3510]
[null,"8.2.4","SERVIÇO","SINAPI",83344,"ESPALHAMENTO DE MATERIAL EM BOTA FORA, COM UTILIZACAO DE TRATOR DE ESTEIRAS DE 165 HP","M³",1218.75,0.92,1.1499999999999999,1401.56]
[null,"8.2.5","SERVIÇO","ORSE",2548,"LOCAÇÃO DE SERVIÇOS DE TERRAPLENAGEM DE OBRAS CIVIS","M²",3025,1.21,1.51,4567.75]
[null,"8.3","LAGOA ANAERÓBIA - MOVIMENTO DE TERRA",{"$nulls":7},1545067.77]
[null,"8.3.1","SERVIÇO","SINAPI",83338,"ESCAVACAO MECANICA, A CEU ABERTO, EM MATERIAL DE 1A CATEGORIA, COM ESCAVADEIRA HIDRAULICA, CAPACIDADE DE 0,78 M³","M³",15373.05,2.57,3.21,49347.49]
[null,"8.3.2","SERVIÇO","ORSE",4357,"ESCAVAÇÃO COM PERFURATRIZ EM MATERIAL DE 2ª CATEGORIA","M³",4392.3,79.38,99.23,435847.93]
[null,"8.3.3","SERVIÇO","ORSE",4502,"ESCAVAÇÃO MANUAL DE VALA OU CAVA EM MATERIAL DE 3ª CATEGORIA, PROFUNDIDADE AT É 2,00 M, COM USO DE EXPLOSIVOS E PERFURAÇÃO MECÂNICA","M³",798.6,222.04,277.57,221667.4]
[null,"8.3.4","SERVIÇO","ORSE",4503,"ESCAVAÇÃO MANUAL DE VALA OU CAVA EM MATERIAL DE 3ª CATEGORIA, PROFUNDIDADE AT É 4,00 M, COM USO DE EXPLOSIVOS E PERFURAÇÃO MECÂNICA","M³",798.6,240.65,300.83999999999997,240250.82]
[null,"8.3.5","SERVIÇO","ORSE",4504,"ESCAVAÇÃO MANUAL DE VALA OU CAVA EM MATERIAL DE 3ª CATEGORIA, PROFUNDIDADE AT É 6,00 M, COM USO DE EXPLOSIVOS E PERFURAÇÃO MECÂNICA","M³",598.95000000000005,259.25,324.08999999999997,194113.71]
[null,"8.3.6","SERVIÇO","ORSE",4986,"CARGA MECÂNICA DE MATERIAL DE 1ª CATEGORIA","M³",15373.05,0.72,0.9,13835.75]
[null,"8.3.7","SERVIÇO","ORSE",2507,"CARGA MECÂNICA DE MATERIAL DE 2ª CATEGORIA","M³",4392.3,2.23,2.79,12254.52]
[null,"8.3.8","SERVIÇO","ORSE",2508,"CARGA MECÂNICA DE MATERIAL DE 3ª CATEGORIA","M³",2196.15,3.18,3.98,8740.68]
[null,"8.3.9","SERVIÇO","SINAPI",97912,"TRANSPORTE COM CAMINHÃO BASCULANTE DE 6 M³, EM VIA URBANA EM LEITO NATURAL (UNIDADE: M³XKM). AF_01/2018","M³XKM",21961.5,2.2999999999999998,2.88,63249.120000000003]
[null,"8.3.10","SERVIÇO","SINAPI",83344,"ESPALHAMENTO DE MATERIAL EM BOTA FORA, COM UTILIZACAO DE TRATOR DE ESTEIRAS DE 165 HP","M³",21961.5,0.92,1.1499999999999999,25255.73]
[null,"8.3.11","SERVIÇO","SINAPI",83338,"ESCAVACAO MECANICA, A CEU ABERTO, EM MATERIAL DE 1A CATEGORIA, COM ESCAVADEIRA HIDRAULICA, CAPACIDADE DE 0,78 M³","M³",10494,2.57,3.21,33685.74]
[null,"8.3.12","SERVIÇO","SINAPI","74010/1","CARGA E DESCARGA MECANICA DE SOLO UTILIZANDO CAMINHAO BASCULANTE 6,0M³/16T E PA CARREGADEIRA SOBRE PNEUS 128 HP, CAPACIDADE DA CAÇAMBA 1,7 A 2,8 M³, PESO OPERACIONAL 11632 KG","M³",10494,1.76,2.2000000000000002,23086.799999999999]
[null,"8.3.13","SERVIÇO","SINAPI",97912,"TRANSPORTE COM CAMINHÃO BASCULANTE DE 6 M³, EM VIA URBANA EM LEITO NATURAL (UNIDADE: M³XKM). AF_01/2018","M³XKM",62964,2.2999999999999998,2.88,181336.32000000001]
[null,"8.3.14","SERVIÇO","ORSE",7086,"ATERRO MECANIZADO COM TRATOR DE ESTEIRA, INCLUSIVE COMPACTAÇÃO (MÃO DE OBRA,  CAMINHÃO PIPA, E ROLO)","M³",10494,3.23,4.04,42395.76]
[null,"8.4","LAGOA ANAERÓBIA - CAIXAS DE PASSAGEM E PROTEÇÃO DOS TALUDES",{"$nulls":7},64863.5]
[null,"8.4.1","SERVIÇO","SINAPI",93358,"ESCAVAÇÃO MANUAL DE VALA COM PROFUNDIDADE MENOR OU IGUAL A 1,30 M. AF_03/2016","M³",92.56,61.99,77.489999999999995,7172.47]
[null,"8.4.2","SERVIÇO","SINAPI",90736,"ASSENTAMENTO DE TUBO DE PVC PARA REDE COLETORA DE ESGOTO DE PAREDE MACIÇA, DN 250 MM, JUNTA ELÁSTICA, INSTALADO EM LOCAL COM NÍVEL BAIXO DE INTERFERÊNCIAS (NÃO INCLUI FORNECIMENTO). AF_06/2015","M",54,4.59,5.74,309.95999999999998]
[null,"8.4.3","SERVIÇO","SINAPI",93382,"REATERRO MANUAL DE VALAS COM COMPACTAÇÃO MECANIZADA. AF_04/2016","M³",43.25,30.37,37.97,1642.2]
[null,"8.4.4","SERVIÇO","SINAPI",94964,"CONCRETO FCK = 20MPA, TRAÇO 1:2,7:3 (CIMENTO/ AREIA MÉDIA/ BRITA 1)  - PREPARO MECÂNICO COM BETONEIRA 400 L. AF_07/2016","M³",45.41,297.33,371.69,16878.439999999999]
[null,"8.4.5","SERVIÇO","SINAPI",92873,"LANÇAMENTO COM USO DE BALDES, ADENSAMENTO E ACABAMENTO DE CONCRETO EM ESTRUTURAS. AF_12/2015","M³",45.41,159.26,199.09,9040.68]
[null,"8.4.6","SERVIÇO","ORSE",3366,"FORMA PLANA PARA ESTRUTURAS, EM COMPENSADO PLASTIFICADO DE 12MM, 07 USOS, INC LUSIVE ESCORAMENTO - REVISADA 07.2015","M²",79.23,38.18,47.73,3781.65]
[null,"8.4.7","SERVIÇO","SINAPI",92791,"CORTE E DOBRA DE AÇO CA-60, DIÂMETRO DE 5,0 MM, UTILIZADO EM ESTRUTURAS DIVERSAS, EXCETO LAJES. AF_12/2015, CONFORME QUANTITATIVOS DO PROJETO ESTRUTURAL","KG",908.2,6.59,8.24,7483.57]
[null,"8.4.8","SERVIÇO","SINAPI",92794,"CORTE E DOBRA DE AÇO CA-50, DIÂMETRO DE 10,0 MM, UTILIZADO EM ESTRUTURAS DIVERSAS, EXCETO LAJES. AF_12/2015, CONFORME QUANTITATIVOS DO PROJETO ESTRUTURAL","KG",2724.6,5.45,6.81,18554.53]
[null,"8.5","LAGOA FACULTATIVA - PROTEÇÃO DOS TALUDES",{"$nulls":7},134856.26999999999]
[null,"8.5.1","SERVIÇO","SINAPI",93358,"ESCAVAÇÃO MANUAL DE VALA COM PROFUNDIDADE MENOR OU IGUAL A 1,30 M. AF_03/2016","M³",106.76,61.99,77.489999999999995,8272.83]
[null,"8.5.2","SERVIÇO","SINAPI",94964,"CONCRETO FCK = 20MPA, TRAÇO 1:2,7:3 (CIMENTO/ AREIA MÉDIA/ BRITA 1)  - PREPARO MECÂNICO COM BETONEIRA 400 L. AF_07/2016","M³",106.76,297.33,371.69,39681.620000000003]
[null,"8.5.3","SERVIÇO","SINAPI",92873,"LANÇAMENTO COM USO DE BALDES, ADENSAMENTO E ACABAMENTO DE CONCRETO EM ESTRUTURAS. AF_12/2015","M³",106.76,159.26,199.09,21254.85]
[null,"8.5.4","SERVIÇO","ORSE",3366,"FORMA PLANA PARA ESTRUTURAS, EM COMPENSADO PLASTIFICADO DE 12MM, 07 USOS, INC LUSIVE ESCORAMENTO - REVISADA 07.2015","M²",92.83,38.18,47.73,4430.78]
[null,"8.5.5","SERVIÇO","SINAPI",92791,"CORTE E DOBRA DE AÇO CA-60, DIÂMETRO DE 5,0 MM, UTILIZADO EM ESTRUTURAS DIVERSAS, EXCETO LAJES. AF_12/2015, CONFORME QUANTITATIVOS DO PROJETO ESTRUTURAL","KG",2135.1999999999998,6.59,8.24,17594.05]
[null,"8.5.6","SERVIÇO","SINAPI",92794,"CORTE E DOBRA DE AÇO CA-50, DIÂMETRO DE 10,0 MM, UTILIZADO EM ESTRUTURAS DIVERSAS, EXCETO LAJES. AF_12/2015, CONFORME QUANTITATIVOS DO PROJETO ESTRUTURAL","KG",6405.6,5.45,6.81,43622.14]
[null,"8.6","LAGOAS DE MATURAÇÃO - PROTEÇÃO DOS TALUDES",{"$nulls":7},195931.06]
[null,"8.6.1","SERVIÇO","SINAPI",93358,"ESCAVAÇÃO MANUAL DE VALA COM PROFUNDIDADE MENOR OU IGUAL A 1,30 M. AF_03/2016","M³",155.11000000000001,61.99,77.489999999999995,12019.47]
[null,"8.6.2","SERVIÇO","SINAPI",94964,"CONCRETO FCK = 20MPA, TRAÇO 1:2,7:3 (CIMENTO/ AREIA MÉDIA/ BRITA 1)  - PREPARO MECÂNICO COM BETONEIRA 400 L. AF_07/2016","M³",155.11000000000001,297.33,371.69,57652.84]
[null,"8.6.3","SERVIÇO","SINAPI",92873,"LANÇAMENTO COM USO DE BALDES, ADENSAMENTO E ACABAMENTO DE CONCRETO EM ESTRUTURAS. AF_12/2015","M³",155.11000000000001,159.26,199.09,30880.85]
[null,"8.6.4","SERVIÇO","ORSE",3366,"FORMA PLANA PARA ESTRUTURAS, EM COMPENSADO PLASTIFICADO DE 12MM, 07 USOS, INC LUSIVE ESCORAMENTO - REVISADA 07.2015","M²",134.88,38.18,47.73,6437.82]
[null,"8.6.5","SERVIÇO","SINAPI",92791,"CORTE E DOBRA DE AÇO CA-60, DIÂMETRO DE 5,0 MM, UTILIZADO EM ESTRUTURAS DIVERSAS, EXCETO LAJES. AF_12/2015, CONFORME QUANTITATIVOS DO PROJETO ESTRUTURAL","KG",3102.2,6.59,8.24,25562.13]
[null,"8.6.6","SERVIÇO","SINAPI",92794,"CORTE E DOBRA DE AÇO CA-50, DIÂMETRO DE 10,0 MM, UTILIZADO EM ESTRUTURAS DIVERSAS, EXCETO LAJES. AF_12/2015, CONFORME QUANTITATIVOS DO PROJETO ESTRUTURAL","KG",9306.6,5.45,6.81,63377.95]
[null,"8.7","URBANIZAÇÃO",{"$nulls":7},235925.24]
[null,"8.7.1","SERVIÇO","SINAPI","74142/4","CERCA COM MOUROES DE CONCRETO, SECAO \"T\" PONTA INCLINADA, 10X10CM, ESPACAMENTO DE 3M, CRAVADOS 0,5M, COM 11 FIOS DE ARAME FARPADO Nº 16","M",900,59.04,73.81,66429]
[null,"8.7.2","SERVIÇO","SEINFRA","C2904","PORTÃO DE TUBO DE AÇO GALVANIZADO DE 2\" (4X2)m, INCL.. PILARES DE SUSTENTAÇÃO","UN",1,2426.84,3033.79,3033.79]
[null,"8.7.3","SERVIÇO","SINAPI",68054,"PORTAO DE FERRO EM CHAPA GALVANIZADA PLANA 14 GSG, PARA PEDESTRE","M²",6.2,236.59,295.76,1833.71]
[null,"8.7.4","SERVIÇO","SINAPI",94269,"GUIA (MEIO-FIO) E SARJETA CONJUGADOS DE CONCRETO, MOLDADA \u0093IN LOCO\u0094 EM TRECHO RETO COM EXTRUSORA, GUIA 13,5 CM BASE X 26 CM ALTURA, SARJETA 45 CM BASE X 11 CM ALTURA. AF_06/2016, PARA PEDESTRE","M",2613.3000000000002,42.69,53.37,139471.82]
[null,"8.7.5","SERVIÇO","SINAPI",83675,"TUBO CONCRETO SIMPLES DN 200 MM PARA DRENAGEM - FORNECIMENTO E INSTALACAO, INCLUSIVE ESCAVACAO MANUAL 1M³/M., PARA PEDESTRE","M",174,87,108.76,18924.240000000002]
[null,"8.7.6","SERVIÇO","SINAPI",98510,"PLANTIO DE ÁRVORE ORNAMENTAL COM ALTURA DE MUDA MENOR OU IGUAL A 2,00 M. AF_05/2018","UN",87,57.31,71.64,6232.68]
[null,"8.8","RELAÇÃO DE MATERIAIS E EQUIPAMENTOS PARA ETE \"B\"",{"$nulls":7},50148.2]
[null,"8.8.1","INSUMO","SEINFRA","I3366","CURVA 90 FoFo BB JUNTA ELÁSTICA DN 250","UN",2,752.18,857.49,1714.98]
[null,"8.8.2","INSUMO","SEINFRA","I8540","TUBO FoFo DÚCTIL JGS JE INTEGRAL K-7 P/ ESGOTO DN 250","M",0.5,378.54,431.54,215.77]
[null,"8.8.3","INSUMO","SEINFRA","I4677","TUBO FoFo C/FLANGE E PONTA DN 250 PN10 - L=1000","UN",2,1137.08,1296.27,2592.54]
[null,"8.8.4","INSUMO","SEINFRA","I5095","REGISTRO C/ VOLANTE E FLANGE DN 250 PN10","UN",1,4253.6000000000004,4849.1000000000004,4849.1000000000004]
[null,"8.8.5","INSUMO","SEINFRA","I8540","TUBO FoFo DÚCTIL JGS JE INTEGRAL K-7 P/ ESGOTO DN 250","M",60,378.54,431.54,25892.400000000001]
[null,"8.8.6","INSUMO","SEINFRA","I4282","TUBO FoFo C/FLANGE E BOLSA JE DN 100 PN10 - L=5800","UN",2,1695.99,1933.43,3866.86]
[null,"8.8.7","INSUMO","SEINFRA","I8537","TUBO FoFo DÚCTIL JGS JE INTEGRAL K-7 P/ ESGOTO DN 100","M",1,206.94,235.91,235.91]
[null,"8.8.8","INSUMO","SEINFRA","I5093","REGISTRO GAVETA P/ PVC COM VOLANTE DN 100 PN10","UN",2,903.08,1029.51,2059.02]
[null,"8.8.9","INSUMO","SEINFRA","I7441","CALHA PARSHALL EM FIBRA DE VIDRO P/ ESGOTO W:3\"","UN",1,1907.6,2174.66,2174.66]
[null,"8.8.10","INSUMO","SINAPI",41931,"TUBO COLETOR DE ESGOTO PVC, JEI, DN 250 MM (NBR 7362)","M     ",54,"106,35",121.24,6546.96]
[null,9,"INSTALAÇÕES ELÉTRICAS (EEE-01, EEE-02, EEE-03, ETE-A, ETE-B)",{"$nulls":4},"Custo Total dos Serviços (R$)",null,null,297728.37]
[null,"9.1","SERVIÇOS E MATERIAIS PARA SISTEMA ELÉTRICO DA EEE-01, EEE-02 E EEE-03",{"$nulls":7},261286.47]
[null,"9.1.1","INSUMO","CODEVASF","ELE01","FORNECIMENTO DOS MATERIAIS PARA O SISTEMA ELÉTRICO DE UMA EEE","UN",3,68546,78142.44,234427.32]
[null,"9.1.2","SERVIÇO","CODEVASF","ELE02","SERVIÇO PARA INSTALAÇÃO DOS MATERIAIS ELÉTRICOS DE UMA EEE","UN ",3,4119.3599999999997,5149.6099999999997,15448.83]
[null,"9.1.3","SERVIÇO","CODEVASF","ELE03","COMISSIONAMENTO E STARTUP PARA CADA EEE","UN ",3,1373.12,1716.54,5149.62]
[null,"9.1.4","SERVIÇO","ORSE",11386,"ENTRADA DE ENERGIA ELÉTRICA TRIFÁSICA DEMANDA ENTRE 0 E 15,2 KW","UN",3,1669.39,2086.9,6260.7]
[null,"9.2","SERVIÇOS E MATERIAIS PARA SISTEMA ELÉTRICO PARA ETE-A E ETE-B",{"$nulls":7},23694.720000000001]
[null,"9.2.1","INSUMO","CODEVASF","ELE04","FORNECIMENTO DOS MATERIAIS PARA O SISTEMA ELÉTRICO DE UMA ETE","UN",2,7918.4,9026.98,18053.96]
[null,"9.2.2","SERVIÇO","CODEVASF","ELE05","SERVIÇO PARA INSTALAÇÃO DOS MATERIAIS ELÉTRICOS DE UMA ETE","UN ",2,1278.24,1597.93,3195.86]
[null,"9.2.3","SERVIÇO","ORSE",11122,"ENTRADA DE ENERGIA ELÉTRICA MONOFÁSICA DEMANDA ENTRE 0 E 3,8 KW","UN",2,977.88,1222.45,2444.9]
[null,"9.3","SERVIÇOS E MATERIAIS PARA EXTENSÃO DE REDE PARA ETE-A",{"$nulls":7},6373.59]
[null,"9.3.1","INSUMO","CODEVASF","ELE06","FORNECIMENTO DOS MATERIAIS PARA EXTENSÃO DE REDE BT PARA CADA EEE","KM",0.1,31730.42,36172.68,3617.27]
[null,"9.3.2","SERVIÇO","CODEVASF","ELE07","SERVIÇO PARA PROJETO DA EXTENSÃO DE REDE BT PARA CADA EEE","UN ",1,1094.7,1368.48,1368.48]
[null,"9.3.3","SERVIÇO","CODEVASF","ELE08","SERVIÇO PARA EXECUÇÃO DA EXTENSÃO DE REDE BT PARA CADA EEE","UN ",1,1110.18,1387.84,1387.84]
[null,"9.4","SERVIÇOS E MATERIAIS PARA EXTENSÃO DE REDE PARA ETE-B",{"$nulls":7},6373.59]
[null,"9.4.1","INSUMO","CODEVASF","ELE06","FORNECIMENTO DOS MATERIAIS PARA EXTENSÃO DE REDE BT PARA CADA EEE","KM",0.1,31730.42,36172.68,3617.27]
[null,"9.4.2","SERVIÇO","CODEVASF","ELE07","SERVIÇO PARA PROJETO DA EXTENSÃO DE REDE BT PARA CADA EEE","UN ",1,1094.7,1368.48,1368.48]
[null,"9.4.3","SERVIÇO","CODEVASF","ELE08","SERVIÇO PARA EXECUÇÃO DA EXTENSÃO DE REDE BT PARA CADA EEE","UN ",1,1110.18,1387.84,1387.84]
[null,10,"ELABORAÇÃO DOS PROJETOS EXECUTIVOS HIDRÁULICO, ELÉTRICO, ESTRUTURAL E SONDAGENS",{"$nulls":4},"Custo Total dos Serviços (R$)",null,null,109426.62]
[null,"10.1","PROJETOS",{"$nulls":7},52429.09]
[null,"10.1.1","SERVIÇO","CODEVASF","COMPOSIÇÃO","ELABORAÇÃO DO PROJETO ESTRUTURAL","UN ",1,12115.2,15145.21,15145.21]
[null,"10.1.2","SERVIÇO","CODEVASF","COMPOSIÇÃO","ELABORAÇÃO DO PROJETO ELÉTRICO","UN ",1,10509.12,13137.45,13137.45]
[null,"10.1.3","SERVIÇO","CODEVASF","COMPOSIÇÃO","ELABORAÇÃO DO PROJETO HIDRÁULICO/ARQUITETÔNICO  E RELATÓRIOS","UN ",1,12889.2,16112.79,16112.79]
[null,"10.1.4","SERVIÇO","CODEVASF","COMPOSIÇÃO","ELABORAÇÃO DE PLANILHAS ORÇAMENTÁRIAS","UN ",1,6426.4,8033.64,8033.64]
[null,"10.2","SERVIÇOS DE SONDAGEM",{"$nulls":7},56997.53]
[null,"10.2.1","SERVIÇO","CODEVASF","COMPOSIÇÃO","SONDAGEM A TRADO (4\")","M",759,49.34,61.68,46815.12]
[null,"10.2.2","SERVIÇO","CODEVASF","COMPOSIÇÃO","MOBILIZAÇÃO E DESMOBILIZAÇÃO DE EQUIPAMENTOS PARA SONDAGEM A PERCUSSÃO","UN ",1,590.78,738.53,738.53]
[null,"10.2.3","SERVIÇO","CODEVASF","COMPOSIÇÃO","SONDAGEM À PERCUSSÃO COM SPT","M",80,51.81,64.77,5181.6000000000004]
[null,"10.2.4","SERVIÇO","CODEVASF","COMPOSIÇÃO","DESLOCAMENTO E INSTALAÇÃO DE EQUIPAMENTO 0 A 200 METROS","UN ",4,409.13,511.45,2045.8]
[null,"10.2.5","SERVIÇO","CODEVASF","COMPOSIÇÃO","DESLOCAMENTO E INSTALAÇÃO DE EQUIPAMENTO ACIMA DE 500 METROS","UN ",2,886.52,1108.24,2216.48]
[{"$nulls":7},"TOTAL GERAL DOS SERVIÇOS:",null,null,21067443.27]

{"sheet":"Cronograma","index":1,"n_rows":39,"n_cols":34,"rows_kept":39,"cut":false,"hidden":false,"merged":[[29,0,30,0],[29,1,30,1],[29,2,30,2],[23,0,24,0],[23,1,24,1],[23,2,24,2],[26,0,27,0],[26,1,27,1],[26,2,27,2],[5,1,6,1],[14,1,15,1],[14,2,15,2],[1,0,1,33],[3,0,4,0],[3,1,4,1],[5,2,6,2],[8,0,9,0],[8,1,9,1],[8,2,9,2],[14,0,15,0],[3,2,4,2],[3,3,3,32],[3,33,4,33],[2,0,2,33],[0,14,0,18],[0,19,0,23],[0,9,0,13],[32,2,33,2],[11,0,12,0],[11,1,12,1],[11,2,12,2],[17,0,18,0],[17,1,18,1],[17,2,18,2],[20,0,21,0],[20,1,21,1],[20,2,21,2],[32,0,33,0],[32,1,33,1],[5,0,6,0]]}
[{"$nulls":14},"COMPANHIA DE DESENVOLVIMENTO DOS                                                                                                                                                         VALES DO SÃO FRANCISCO E DO PARNAÍBA\n3ª Superintendência Regional"]
["COMPLEMENTAÇÃO DAS OBRAS E DOS SERVIÇOS NECESSÁRIOS A IMPLANTAÇÃO DO SISTEMA DE ESGOTAMENTO SANITÁRIO DO MUNICÍPIO DE PETROLÂNDIA, NO ESTADO DE PERNAMBUCO, NA ÁREA DE ATUAÇÃO DA 3ª SUPERINTENDÊNCIA REGIONAL DA CODEVASF."]
["CRONOGRAMA FÍSICO-FINANCEIRO"]
["ITEM","DESCRIÇÃO",null,"M E S E S",{"$nulls":29},"TOTAL "]
[null,null,null,"1º","2º","3º","4º","5º","6º","7º","8º","9º","10º","11º","12º","13º","14º","15º","16º","17º","18º","19º","20º","21º","22º","23º","24º","25º","26º","27º","28º","29º","30º"]
[1,"INSTALAÇÕES PRELIMINARES E CANTEIRO DE OBRAS",1050031.58,105003.16,31500.95,31500.95,31500.95,31500.95,31500.95,31500.95,31500.95,31500.95,31500.95,31500.95,31500.95,31500.95,31500.95,31500.95,31500.95,31500.95,31500.95,31500.95,31500.95,31500.95,31500.95,31500.95,31500.95,31500.95,31500.95,31500.95,31500.95,31500.95,63001.89,1050031.6499999999]
[null,null,null,0.1,0.03,0.03,0.03,0.03,0.03,0.03,0.03,0.03,0.03,0.03,0.03,0.03,0.03,0.03,0.03,0.03,0.03,0.03,0.03,0.03,0.03,0.03,0.03,0.03,0.03,0.03,0.03,0.03,0.06,1]
[]
[2,"REDE COLETORA; LINHA DE RECALQUE (EEE-01, EEE-02 e EEE-03 e EEE-04); EMISSÁRIO FINAL (ETE-A, ETE-B)",7866297.46,null,314651.90000000002,314651.90000000002,314651.90000000002,314651.90000000002,314651.90000000002,314651.90000000002,314651.90000000002,314651.90000000002,314651.90000000002,314651.90000000002,314651.90000000002,314651.90000000002,314651.90000000002,314651.90000000002,314651.90000000002,314651.90000000002,314651.90000000002,314651.90000000002,314651.90000000002,314651.90000000002,314651.90000000002,314651.90000000002,314651.90000000002,314651.90000000002,314651.90000000002,{"$nulls":4},7866297.5]
[{"$nulls":4},0.04,0.04,0.04,0.04,0.04,0.04,0.04,0.04,0.04,0.04,0.04,0.04,0.04,0.04,0.04,0.04,0.04,0.04,0.04,0.04,0.04,0.04,0.04,0.04,0.04,{"$nulls":4},1]
[]
[3,"REDE CONDOMINIAL",6416319.6799999997,null,null,null,128326.39,128326.39,256652.79,256652.79,256652.79,256652.79,256652.79,256652.79,256652.79,256652.79,256652.79,256652.79,256652.79,256652.79,256652.79,256652.79,256652.79,256652.79,256652.79,256652.79,256652.79,256652.79,256652.79,384979.18,384979.18,null,null,6416319.7300000004]
[{"$nulls":6},0.02,0.02,0.04,0.04,0.04,0.04,0.04,0.04,0.04,0.04,0.04,0.04,0.04,0.04,0.04,0.04,0.04,0.04,0.04,0.04,0.04,0.04,0.04,0.06,0.06,null,null,1]
[]
[4,"ESTAÇÃO ELEVATÓRIA DE ESGOTO - EEE-01",229202.15,68760.649999999994,68760.649999999994,45840.43,22920.22,22920.22,{"$nulls":25},229202.17]
[null,null,null,0.3,0.3,0.2,0.1,0.1,{"$nulls":25},1]
[]
[5,"ESTAÇÃO ELEVATÓRIA DE ESGOTO - EEE-02",216822.21,43364.44,43364.44,43364.44,43364.44,43364.44,{"$nulls":25},216822.2]
[null,null,null,0.2,0.2,0.2,0.2,0.2,{"$nulls":25},1]
[]
[6,"ESTAÇÃO ELEVATÓRIA DE ESGOTO - EEE-03",236104.95999999999,47220.99,47220.99,47220.99,47220.99,47220.99,{"$nulls":25},236104.95]
[null,null,null,0.2,0.2,0.2,0.2,0.2,{"$nulls":25},1]
[]
[7,"ESTAÇÃO DE TRATAMENTO DE ESGOTOS \"A\"",2335629.29,467125.86,467125.86,467125.86,467125.86,467125.86,{"$nulls":25},2335629.2999999998]
[null,null,null,0.2,0.2,0.2,0.2,0.2,{"$nulls":25},1]
[]
[8,"ESTAÇÃO DE TRATAMENTO DE ESGOTOS \"B\"",2309880.9500000002,{"$nulls":25},461976.19,461976.19,461976.19,461976.19,461976.19,2309880.9500000002]
[{"$nulls":28},0.2,0.2,0.2,0.2,0.2,1]
[]
[9,"INSTALAÇÕES ELÉTRICAS (EEE-01, EEE-02, EEE-03, ETE-A, ETE-B)",297728.37,null,null,null,74432.09,74432.09,74432.09,74432.09,{"$nulls":23},297728.36]
[{"$nulls":6},0.25,0.25,0.25,0.25,{"$nulls":23},1]
[]
[10,"ELABORAÇÃO DOS PROJETOS EXECUTIVOS HIDRÁULICO, ELÉTRICO, ESTRUTURAL E SONDAGENS",109426.62,109426.62,{"$nulls":29},109426.62]
[null,null,null,1,{"$nulls":29},1]
[]
[null,"TOTAL MENSAL",null,840901.72,972624.79,949704.57,1129542.8400000001,1129542.8400000001,677237.73,677237.73,602805.64,602805.64,602805.64,602805.64,602805.64,602805.64,602805.64,602805.64,602805.64,602805.64,602805.64,602805.64,602805.64,602805.64,602805.64,602805.64,602805.64,602805.64,1064781.83,878456.31999999995,878456.31999999995,493477.14,524978.07999999996,21067443.43]
[null,"TOTAL ACUMULADO",21067443.27,840901.72,1813526.51,2763231.08,3892773.92,5022316.76,5699554.4900000002,6376792.2199999997,6979597.8600000003,7582403.5,8185209.1399999997,8788014.7799999993,9390820.4199999999,9993626.0600000005,10596431.699999999,11199237.34,11802042.98,12404848.619999999,13007654.26,13610459.9,14213265.539999999,14816071.18,15418876.82,16021682.460000001,16624488.1,17227293.739999998,18292075.57,19170531.890000001,20048988.210000001,20542465.350000001,21067443.43,21067443.43]
[null,"PERCENTUAL MENSAL ","",3.9899999999999998E-2,4.6199999999999998E-2,4.5100000000000001E-2,5.3600000000000002E-2,5.3600000000000002E-2,3.2099999999999997E-2,3.2099999999999997E-2,2.86E-2,2.86E-2,2.86E-2,2.86E-2,2.86E-2,2.86E-2,2.86E-2,2.86E-2,2.86E-2,2.86E-2,2.86E-2,2.86E-2,2.86E-2,2.86E-2,2.86E-2,2.86E-2,2.86E-2,2.86E-2,5.0500000000000003E-2,4.1700000000000001E-2,4.1700000000000001E-2,2.3400000000000001E-2,2.4899999999999999E-2,1]
[null,"PERCENTUAL MENSAL ACUMULADO",null,3.9899999999999998E-2,8.6099999999999996E-2,0.13120000000000001,0.18479999999999999,0.2384,0.27050000000000002,0.30259999999999998,0.33119999999999999,0.35980000000000001,0.38840000000000002,0.41699999999999998,0.4456,0.47420000000000001,0.50280000000000002,0.53139999999999998,0.56000000000000005,0.58860000000000001,0.61719999999999997,0.64580000000000004,0.6744,0.70299999999999996,0.73160000000000003,0.76019999999999999,0.78879999999999995,0.81740000000000002,0.8679,0.90959999999999996,0.95130000000000003,0.97470000000000001,1,1]

{"sheet":"Composições","index":2,"n_rows":434,"n_cols":9,"rows_kept":434,"cut":false,"hidden":false,"merged":[]}
[]
[null,"CODEVASF","ITEM","TIPO"," COMPOSIÇÃO DE PREÇO UNITÁRIO","SETEMBRO DE 2018",null,"UNIDADE: ","UN "]
[null,"COMPOSIÇÃO","1.2","SERVIÇO /\nMATERIAL:","MOBILIZAÇÃO DE EQUIPAMENTOS, MATERIAIS E PESSOAL","COMP. DE REFERÊNCIA:",null,"CÓDIGO:"]
[{"$nulls":4},"MATERIAIS / MÃO DE OBRA"]
[null,"TIPO"," REFER.","CÓDIGO","DISCRIMINAÇÃO","UNID.","QUANT.","P.UNIT.","P.TOTAL"]
[null,"INSUMO","SINAPI",4093,"MOTORISTA DE CAMINHAO","H     ",16,"27,77",444.32]
[{"$nulls":7},"SUB-TOTAL",444.32]
[{"$nulls":4},"SERVIÇOS / EQUIPAMENTOS"]
[null,"TIPO"," REFER.","CÓDIGO","DISCRIMINAÇÃO","UNID.","QUANT.","P.UNIT.","P.TOTAL"]
[{"$nulls":4},"CAMINHÃO BASCULANTE 6 M³ TOCO, PESO BRUTO TOTAL 16.000 KG, CARGA ÚTIL MÁXIMA 11.130 KG, DISTÂNCIA ENTRE EIXOS 5,36 M, POTÊNCIA 185 CV, INCLUSIVE CAÇAMBA METÁLICA - CHP DIURNO. AF_06/2014","CHP",8,148.25,1186]
[{"$nulls":4},"CAMINHÃO TRUCADO (C/ TERCEIRO EIXO) ELETRÔNICO - POTÊNCIA 231CV - PBT = 22000KG - DIST. ENTRE EIXOS 5170 MM - INCLUI CARROCERIA FIXA ABERTA DE MADEIRA - CHP DIURNO. AF_06/2015","CHP",8,168.33,1346.64]
[{"$nulls":4},"RETROESCAVADEIRA SOBRE RODAS COM CARREGADEIRA, TRAÇÃO 4X4, POTÊNCIA LÍQ. 72 HP, CAÇAMBA CARREG. CAP. MÍN. 0,79 M³, CAÇAMBA RETRO CAP. 0,18 M³, PESO OPERACIONAL MÍN. 7.140 KG, PROFUNDIDADE ESCAVAÇÃO MÁX. 4,50 M - CHI DIURNO. AF_06/2014","CHI",8,54.57,436.56]
[{"$nulls":4},"VEÍCULO PICK-UP CABINE DUPLA 4X4 (163 CV), COM MOTORISTA","MÊS",0.5,9523.23,4761.62]
[{"$nulls":7},"SUB-TOTAL",7730.82]
[{"$nulls":5},"TOTAL DO SERVIÇO - R$",null,null,8175.14]
[]
[null,"CODEVASF","ITEM","TIPO"," COMPOSIÇÃO DE PREÇO UNITÁRIO","SETEMBRO DE 2018",null,"UNIDADE: ","UN "]
[null,"COMPOSIÇÃO","1.3","SERVIÇO /\nMATERIAL:","DESMOBILIZAÇÃO DE EQUIPAMENTOS, MATERIAIS E PESSOAL","COMP. DE REFERÊNCIA:",null,"CÓDIGO:"]
[{"$nulls":4},"MATERIAIS / MÃO DE OBRA"]
[null,"TIPO"," REFER.","CÓDIGO","DISCRIMINAÇÃO","UNID.","QUANT.","P.UNIT.","P.TOTAL"]
[{"$nulls":4},"MOTORISTA DE CAMINHAO","H     ",16,"27,77",444.32]
[{"$nulls":7},"SUB-TOTAL",444.32]
[{"$nulls":4},"SERVIÇOS / EQUIPAMENTOS"]
[null,"TIPO"," REFER.","CÓDIGO","DISCRIMINAÇÃO","UNID.","QUANT.","P.UNIT.","P.TOTAL"]
[{"$nulls":4},"CAMINHÃO BASCULANTE 6 M³ TOCO, PESO BRUTO TOTAL 16.000 KG, CARGA ÚTIL MÁXIMA 11.130 KG, DISTÂNCIA ENTRE EIXOS 5,36 M, POTÊNCIA 185 CV, INCLUSIVE CAÇAMBA METÁLICA - CHP DIURNO. AF_06/2014","CHP",8,148.25,1186]
[{"$nulls":4},"CAMINHÃO TRUCADO (C/ TERCEIRO EIXO) ELETRÔNICO - POTÊNCIA 231CV - PBT = 22000KG - DIST. ENTRE EIXOS 5170 MM - INCLUI CARROCERIA FIXA ABERTA DE MADEIRA - CHP DIURNO. AF_06/2015","CHP",8,168.33,1346.64]
[{"$nulls":4},"RETROESCAVADEIRA SOBRE RODAS COM CARREGADEIRA, TRAÇÃO 4X4, POTÊNCIA LÍQ. 72 HP, CAÇAMBA CARREG. CAP. MÍN. 0,79 M³, CAÇAMBA RETRO CAP. 0,18 M³, PESO OPERACIONAL MÍN. 7.140 KG, PROFUNDIDADE ESCAVAÇÃO MÁX. 4,50 M - CHI DIURNO. AF_06/2014","CHI",8,54.57,436.56]
[{"$nulls":4},"VEÍCULO PICK-UP CABINE DUPLA 4X4 (163 CV), COM MOTORISTA","MÊS",0.5,9523.23,4761.62]
[{"$nulls":7},"SUB-TOTAL",7730.82]
[{"$nulls":5},"TOTAL DO SERVIÇO - R$",null,null,8175.14]
[]
[null,"CODEVASF","ITEM","TIPO"," COMPOSIÇÃO DE PREÇO UNITÁRIO","SETEMBRO DE 2018",null,"UNIDADE: ","UN "]
[null,"COMPOSIÇÃO","1.4","SERVIÇO /\nMATERIAL:","INSTALAÇÃO DE CANTEIRO DE OBRAS","COMP. DE REFERÊNCIA:",null,"CÓDIGO:"]
[{"$nulls":4},"MATERIAIS / MÃO DE OBRA"]
[null,"TIPO"," REFER.","CÓDIGO","DISCRIMINAÇÃO","UNID.","QUANT.","P.UNIT.","P.TOTAL"]
[]
[{"$nulls":7},"SUB-TOTAL",0]
[{"$nulls":4},"SERVIÇOS / EQUIPAMENTOS"]
[null,"TIPO"," REFER.","CÓDIGO","DISCRIMINAÇÃO","UNID.","QUANT.","P.UNIT.","P.TOTAL"]
[{"$nulls":4},"MURO EM ALVENARIA BLOCO CERÂMICO, E= 0,09M, C/ ALV DE PEDRA GRANÍTICA, 0,35 X 0,60M, COLUNAS (9X20CM) E CINTAMENTO (9X15CM) SUPERIOR E INFERIOR CONCRETO AR MADO FCK = 15,0 MPA CADA 3,00M, CHAPISCO E REBOCO","M²",400,140.56,56224]
[{"$nulls":4},"PORTAO DE FERRO EM CHAPA GALVANIZADA PLANA 14 GSG","M²",8,236.59,1892.72]
[{"$nulls":4},"EXECUÇÃO DE ESCRITÓRIO EM CANTEIRO DE OBRA EM ALVENARIA, NÃO INCLUSO MOBILIÁRIO E EQUIPAMENTOS. AF_02/2016","M²",48,786.38,37746.239999999998]
[{"$nulls":4},"EXECUÇÃO DE ALMOXARIFADO EM CANTEIRO DE OBRA EM CHAPA DE MADEIRA COMPENSADA, INCLUSO PRATELEIRAS. AF_02/2016","M²",32,539.26,17256.32]
[{"$nulls":4},"EXECUÇÃO DE REFEITÓRIO EM CANTEIRO DE OBRA EM ALVENARIA, NÃO INCLUSO MOBILIÁRIO E EQUIPAMENTOS. AF_02/2016","M²",32,400.08,12802.56]
[{"$nulls":4},"EXECUÇÃO DE SANITÁRIO E VESTIÁRIO EM CANTEIRO DE OBRA EM ALVENARIA, NÃO INCLUSO MOBILIÁRIO. AF_02/2016","M²",22,725.79,15967.38]
[{"$nulls":4},"EXECUÇÃO DE RESERVATÓRIO ELEVADO DE ÁGUA (2000 LITROS) EM CANTEIRO DE OBRA, APOIADO EM ESTRUTURA DE MADEIRA. AF_02/2016","UN",1,6017.47,6017.47]
[{"$nulls":7},"SUB-TOTAL",147906.69]
[{"$nulls":5},"TOTAL DO SERVIÇO - R$",null,null,147906.69]
[]
[null,"CODEVASF","ITEM","TIPO"," COMPOSIÇÃO DE PREÇO UNITÁRIO","SETEMBRO DE 2018",null,"UNIDADE: ","UN "]
[null,"COMPOSIÇÃO","1.5","SERVIÇO /\nMATERIAL:","ADMINISTRAÇÃO LOCAL E MANUTENÇÃO DE CANTEIRO DE OBRAS","COMP. DE REFERÊNCIA:",null,"CÓDIGO:"]
[{"$nulls":4},"MATERIAIS / MÃO DE OBRA"]
[null,"TIPO"," REFER.","CÓDIGO","DISCRIMINAÇÃO","UNID.","QUANT.","P.UNIT.","P.TOTAL"]
[{"$nulls":4},"ENGENHEIRO CIVIL DE OBRA JUNIOR (MENSALISTA)","MES   ",0.5,"14.018,98",7009.49]
[{"$nulls":4},"ENCARREGADO GERAL DE OBRAS (MENSALISTA)","MES   ",1,"5.794,81",5794.81]
[{"$nulls":4},"TECNICO EM SEGURANCA DO TRABALHO (MENSALISTA)","MES   ",1,"3.479,68",3479.68]
[{"$nulls":4},"AUXILIAR DE ESCRITORIO (MENSALISTA)","MES   ",1,"2.573,36",2573.36]
[{"$nulls":4},"VIGIA NOTURNO, HORA EFETIVAMENTE TRABALHADA DE 22 H AS 5 H (COM ADICIONAL NOTURNO)","H     ",154,"14,24",2192.96]
[{"$nulls":4},"VIGIA DIURNO","H     ",88,"11,55",1016.4]
[{"$nulls":4},"MEDICAMENTOS PRIMEIROS SOCORROS","MÊS",1,28.67,28.67]
[{"$nulls":4},"MATERIAL DE LIMPEZA","MÊS",1,75.53,75.53]
[{"$nulls":4},"KIT BÁSICO DE EPI - FARDAMENTO, BOTA DE COURO, CAPACETE, LUVA RASPA, ÓCULOS,  MÁSCARA FILTRO PAPEL, FILTRO SOLAR FPS30 (CUSTO MENSAL)","UN",2,124.18,248.36]
[{"$nulls":4},"ENERGIA ELETRICA COMERCIAL, BAIXA TENSAO, RELATIVA AO CONSUMO DE ATE 100 KWH, INCLUINDO ICMS, PIS/PASEP E COFINS","KW/H  ",500,"0,52",260]
[{"$nulls":4},"TARIFA \"A\" ENTRE  0 E 20M³ FORNECIMENTO D'AGUA","M³    ",10,"9,83",98.3]
[{"$nulls":4},"MATERIAL DE ESCRITÓRIO","MÊS",1,30,30]
[{"$nulls":4},"INTERNET","UNxMÊS",1,130,130]
[{"$nulls":7},"SUB-TOTAL",22937.56]
[{"$nulls":4},"SERVIÇOS / EQUIPAMENTOS"]
[null,"TIPO"," REFER.","CÓDIGO","DISCRIMINAÇÃO","UNID.","QUANT.","P.UNIT.","P.TOTAL"]
[]
[{"$nulls":7},"SUB-TOTAL",0]
[{"$nulls":5},"TOTAL DO SERVIÇO - R$","MESES:",24,550501.43999999994]
[]
[null,"CODEVASF","ITEM","TIPO"," COMPOSIÇÃO DE PREÇO UNITÁRIO","SETEMBRO DE 2018",null,"UNIDADE: ","M"]
[null,"COMPOSIÇÃO","2.5.6","SERVIÇO /\nMATERIAL:","ADICIONAL DE PREÇO PARA ACRÉSCIMO NA ALTURA DE POÇO DE VISITA EM ANÉIS PRÉ-MOLDADO DE CONCRETO (BALÃO DIÂMETRO IGUAL 1,0 M)","COMP. DE REFERÊNCIA:",null,"CÓDIGO:"]
[{"$nulls":4},"MATERIAIS / MÃO DE OBRA"]
[null,"TIPO"," REFER.","CÓDIGO","DISCRIMINAÇÃO","UNID.","QUANT.","P.UNIT.","P.TOTAL"]
[{"$nulls":4},"ANEL DE CONCRETO ARMADO, D = 0,60 M, H = 0,30 M","UN    ",3.33,"39,67",132.1]
[{"$nulls":4},"ARGAMASSA TRAÇO 1:3 (CIMENTO E AREIA MÉDIA), PREPARO MECÂNICO COM BETONEIRA 400 L. AF_08/2014","M³",1.2999999999999999E-2,346.68,4.51]
[{"$nulls":4},"PEDREIRO","H     ",0.5,"14,74",7.37]
[{"$nulls":4},"SERVENTE DE OBRAS","H     ",0.5,"11,09",5.55]
[{"$nulls":7},"SUB-TOTAL",149.53]
[{"$nulls":4},"SERVIÇOS / EQUIPAMENTOS"]
[null,"TIPO"," REFER.","CÓDIGO","DISCRIMINAÇÃO","UNID.","QUANT.","P.UNIT.","P.TOTAL"]
[{"$nulls":4},"CAMINHÃO TRUCADO (C/ TERCEIRO EIXO) ELETRÔNICO - POTÊNCIA 231CV - PBT = 22000KG - DIST. ENTRE EIXOS 5170 MM - INCLUI CARROCERIA FIXA ABERTA DE MADEIRA - CHP DIURNO. AF_06/2015","CHP",0.2,168.33,33.67]
[{"$nulls":7},"SUB-TOTAL",33.67]
[{"$nulls":5},"TOTAL DO SERVIÇO - R$",null,null,183.2]
[]
[null,"CODEVASF","ITEM","TIPO"," COMPOSIÇÃO DE PREÇO UNITÁRIO","SETEMBRO DE 2018",null,"UNIDADE: ","UN/DIA"]
[null,"COMPOSIÇÃO","2.9.3","SERVIÇO /\nMATERIAL:","CONES DE SINALIZAÇÃO - FORNECIMENTO E MOVIMENTAÇÃO","COMP. DE REFERÊNCIA:",null,"CÓDIGO:"]
[{"$nulls":4},"MATERIAIS / MÃO DE OBRA"]
[null,"TIPO"," REFER.","CÓDIGO","DISCRIMINAÇÃO","UNID.","QUANT.","P.UNIT.","P.TOTAL"]
[{"$nulls":4},"CONE DE SINALIZACAO EM PVC RIGIDO COM FAIXA REFLETIVA, H = 70 / 76 CM","UN    ",0.01,"50,00",0.5]
[{"$nulls":4},"SERVENTE DE OBRAS","H     ",0.05,"11,09",0.55000000000000004]
[{"$nulls":7},"SUB-TOTAL",1.05]
[{"$nulls":4},"SERVIÇOS / EQUIPAMENTOS"]
[null,"TIPO"," REFER.","CÓDIGO","DISCRIMINAÇÃO","UNID.","QUANT.","P.UNIT.","P.TOTAL"]
[{"$nulls":8},0]
[{"$nulls":7},"SUB-TOTAL",0]
[{"$nulls":5},"TOTAL DO SERVIÇO - R$",null,null,1.05]
[]
[null,"CODEVASF","ITEM","TIPO"," COMPOSIÇÃO DE PREÇO UNITÁRIO","SETEMBRO DE 2018",null,"UNIDADE: ","UN "]
[null,"COMPOSIÇÃO",{"$error":"#REF!"},"SERVIÇO /\nMATERIAL:","DESOBSTRUÇÃO E LIMPEZA MANUAL DE POÇO DE VISITA DN - 1,2M E PROFUNDIDADE ATÉ 4,0M ","COMP. DE REFERÊNCIA:","COMPESA 38.01.04u","CÓDIGO:"]
[{"$nulls":4},"MATERIAIS / MÃO DE OBRA"]
[null,"TIPO"," REFER.","CÓDIGO","DISCRIMINAÇÃO","UNID.","QUANT.","P.UNIT.","P.TOTAL"]
[{"$nulls":4},"SERVENTE DE OBRAS","H     ",6.05,"11,09",67.09]
[{"$nulls":7},"SUB-TOTAL",67.09]
[{"$nulls":4},"SERVIÇOS / EQUIPAMENTOS"]
[null,"TIPO"," REFER.","CÓDIGO","DISCRIMINAÇÃO","UNID.","QUANT.","P.UNIT.","P.TOTAL"]
[{"$nulls":8},0]
[{"$nulls":7},"SUB-TOTAL",0]
[{"$nulls":5},"TOTAL DO SERVIÇO - R$",null,null,67.09]
[]
[null,"CODEVASF","ITEM","TIPO"," COMPOSIÇÃO DE PREÇO UNITÁRIO","SETEMBRO DE 2018",null,"UNIDADE: ","M"]
[null,"COMPOSIÇÃO",{"$error":"#REF!"},"SERVIÇO /\nMATERIAL:","DESOBSTRUÇÃO E LIMPEZA MANUAL DO COLETOR DE ESGOTOS ATÉ 200MM ","COMP. DE REFERÊNCIA:","COMPESA 38.01.05u","CÓDIGO:"]
[{"$nulls":4},"MATERIAIS / MÃO DE OBRA"]
[null,"TIPO"," REFER.","CÓDIGO","DISCRIMINAÇÃO","UNID.","QUANT.","P.UNIT.","P.TOTAL"]
[{"$nulls":4},"SERVENTE DE OBRAS","H     ",0.92,"11,09",10.199999999999999]
[{"$nulls":7},"SUB-TOTAL",10.199999999999999]
[{"$nulls":4},"SERVIÇOS / EQUIPAMENTOS"]
[null,"TIPO"," REFER.","CÓDIGO","DISCRIMINAÇÃO","UNID.","QUANT.","P.UNIT.","P.TOTAL"]
[{"$nulls":8},0]
[{"$nulls":7},"SUB-TOTAL",0]
[{"$nulls":5},"TOTAL DO SERVIÇO - R$",null,null,10.199999999999999]
[]
[null,"CODEVASF","ITEM","TIPO"," COMPOSIÇÃO DE PREÇO UNITÁRIO","SETEMBRO DE 2018",null,"UNIDADE: ","UN "]
[null,"COMPOSIÇÃO","2.12.4","SERVIÇO /\nMATERIAL:","CAIXA DE PASSAGEM EM ANEL CONCRETO ARMADO PRÉ-MOLD. DN = 0,40 PROF. H = 0,60 MC/TAMPA EM CONCRETO ARMADO","COMP. DE REFERÊNCIA:",null,"CÓDIGO:"]
[{"$nulls":4},"MATERIAIS / MÃO DE OBRA"]
[null,"TIPO"," REFER.","CÓDIGO","DISCRIMINAÇÃO","UNID.","QUANT.","P.UNIT.","P.TOTAL"]
[{"$nulls":4},"TUBO DE CONCRETO ARMADO CA1, D = 500MM","M",0.6,98.33,59]
[{"$nulls":4},"ARGAMASSA TRAÇO 1:4 (CIMENTO E AREIA MÉDIA), PREPARO MECÂNICO COM BETONEIRA 400 L. AF_08/2014","M³",6.0000000000000001E-3,313.33,1.88]
[{"$nulls":4},"CONCRETO USINADO FCK=10 MPA","M³",1.2999999999999999E-2,236,3.07]
[{"$nulls":4},"CONCRETO USINADO FCK=15 MPA","M³",1.2999999999999999E-2,242,3.15]
[{"$nulls":4},"ARAME RECOZIDO 18 BWG, 1,25 MM (0,01 KG/M)","KG    ",0.05,"9,80",0.49]
[{"$nulls":4},"ACO CA-25, 6,3 MM, VERGALHAO","KG    ",1.2,"4,63",5.56]
[{"$nulls":4},"PREGO DE ACO POLIDO COM CABECA 18 X 30 (2 3/4 X 10)","KG    ",0.05,"11,39",0.56999999999999995]
[{"$nulls":4},"TABUA MADEIRA 2A QUALIDADE 2,5 X 30,0CM (1 X 12\") NAO APARELHADA","M     ",0.4,"7,39",2.96]
[{"$nulls":4},"ESCAVAÇÃO MANUAL DE VALA COM PROFUNDIDADE MENOR OU IGUAL A 1,30 M. AF_03/2016","M³",0.17,61.99,10.54]
[{"$nulls":4},"PEDREIRO","H     ",1.25,"14,74",18.43]
[{"$nulls":4},"SERVENTE DE OBRAS","H     ",1.25,"11,09",13.86]
[{"$nulls":7},"SUB-TOTAL",119.51]
[{"$nulls":4},"SERVIÇOS / EQUIPAMENTOS"]
[null,"TIPO"," REFER.","CÓDIGO","DISCRIMINAÇÃO","UNID.","QUANT.","P.UNIT.","P.TOTAL"]
[{"$nulls":8},0]
[{"$nulls":7},"SUB-TOTAL",0]
[{"$nulls":5},"TOTAL DO SERVIÇO - R$",null,null,119.51]
[null,"CODEVASF","ITEM","TIPO"," COMPOSIÇÃO DE PREÇO UNITÁRIO","SETEMBRO DE 2018",null,"UNIDADE: ","UN "]
[null,"COMPOSIÇÃO","3.5.1","SERVIÇO /\nMATERIAL:","CAIXA DE PASSAGEM EM ANEL CONCRETO ARMADO PRÉ-MOLD. DN = 0,60 PROF. H = 0,60 MC/TAMPA EM CONCRETO ARMADO","COMP. DE REFERÊNCIA:",null,"CÓDIGO:"]
[{"$nulls":4},"MATERIAIS / MÃO DE OBRA"]
[null,"TIPO"," REFER.","CÓDIGO","DISCRIMINAÇÃO","UNID.","QUANT.","P.UNIT.","P.TOTAL"]
[{"$nulls":4},"ANEL DE CONCRETO ARMADO, D = 0,60 M, H = 0,30 M","UN    ",1,"39,67",39.67]
[{"$nulls":4},"ANEL DE CONCRETO ARMADO, D = 0,60 M, H = 0,10 M","UN    ",3,"26,74",80.22]
[{"$nulls":4},"ARGAMASSA TRAÇO 1:4 (CIMENTO E AREIA MÉDIA), PREPARO MECÂNICO COM BETONEIRA 400 L. AF_08/2014","M³",6.0000000000000001E-3,313.33,1.88]
[{"$nulls":4},"CONCRETO USINADO FCK=10 MPA","M³",1.2999999999999999E-2,236,3.07]
[{"$nulls":4},"CONCRETO USINADO FCK=15 MPA","M³",1.2999999999999999E-2,242,3.15]
[{"$nulls":4},"ARAME RECOZIDO 18 BWG, 1,25 MM (0,01 KG/M)","KG    ",0.05,"9,80",0.49]
[{"$nulls":4},"ACO CA-25, 6,3 MM, VERGALHAO","KG    ",1.2,"4,63",5.56]
[{"$nulls":4},"PREGO DE ACO POLIDO COM CABECA 18 X 30 (2 3/4 X 10)","KG    ",0.05,"11,39",0.56999999999999995]
[{"$nulls":4},"TABUA MADEIRA 2A QUALIDADE 2,5 X 30,0CM (1 X 12\") NAO APARELHADA","M     ",0.4,"7,39",2.96]
[{"$nulls":4},"ESCAVAÇÃO MANUAL DE VALA COM PROFUNDIDADE MENOR OU IGUAL A 1,30 M. AF_03/2016","M³",0.17,61.99,10.54]
[{"$nulls":4},"PEDREIRO","H     ",1.25,"14,74",18.43]
[{"$nulls":4},"SERVENTE DE OBRAS","H     ",1.25,"11,09",13.86]
[{"$nulls":7},"SUB-TOTAL",180.4]
[{"$nulls":4},"SERVIÇOS / EQUIPAMENTOS"]
[null,"TIPO"," REFER.","CÓDIGO","DISCRIMINAÇÃO","UNID.","QUANT.","P.UNIT.","P.TOTAL"]
[{"$nulls":8},0]
[{"$nulls":7},"SUB-TOTAL",0]
[{"$nulls":5},"TOTAL DO SERVIÇO - R$",null,null,180.4]
[]
[null,"CODEVASF","ITEM","TIPO"," COMPOSIÇÃO DE PREÇO UNITÁRIO","SETEMBRO DE 2018",null,"UNIDADE: ","M²"]
[null,"COMPOSIÇÃO","3.8.4","SERVIÇO /\nMATERIAL:","RECUPERAÇÃO EM CONTENÇÃO DE DESNÍVEL DE CALÇADA EM ALVENARIA DE BLOCOS CERÂMICOS 8 FUROS ESP. 10CM, REVESTIDA EM CIMENTADO 1:3 ESPESSURA 2CM","COMP. DE REFERÊNCIA:",null,"CÓDIGO:"]
[{"$nulls":4},"MATERIAIS / MÃO DE OBRA"]
[null,"TIPO"," REFER.","CÓDIGO","DISCRIMINAÇÃO","UNID.","QUANT.","P.UNIT.","P.TOTAL"]
[{"$nulls":4},"ALVENARIA DE VEDAÇÃO DE BLOCOS CERÂMICOS FURADOS NA VERTICAL DE 9X19X39CM (ESPESSURA 9CM) DE PAREDES COM ÁREA LÍQUIDA MENOR QUE 6M² SEM VÃOS E ARGAMASSA DE ASSENTAMENTO COM PREPARO EM BETONEIRA. AF_06/2014","M²",1,36.78,36.78]
[{"$nulls":4},"PISO CIMENTADO, TRAÇO 1:3 (CIMENTO E AREIA), ACABAMENTO LISO, ESPESSURA 3,0 CM, PREPARO MECÂNICO DA ARGAMASSA. AF_06/2018","M²",1,31.93,31.93]
[{"$nulls":4},"PEDREIRO","H     ",1,"14,74",14.74]
[{"$nulls":4},"SERVENTE DE OBRAS","H     ",1,"11,09",11.09]
[{"$nulls":7},"SUB-TOTAL",94.54]
[{"$nulls":4},"SERVIÇOS / EQUIPAMENTOS"]
[null,"TIPO"," REFER.","CÓDIGO","DISCRIMINAÇÃO","UNID.","QUANT.","P.UNIT.","P.TOTAL"]
[{"$nulls":8},0]
[{"$nulls":7},"SUB-TOTAL",0]
[{"$nulls":5},"TOTAL DO SERVIÇO - R$",null,null,94.54]
[]
[null,"CODEVASF","ITEM","TIPO"," COMPOSIÇÃO DE PREÇO UNITÁRIO","SETEMBRO DE 2018",null,"UNIDADE: ","M³"]
[null,"COMPOSIÇÃO","7.3.11","SERVIÇO /\nMATERIAL:","CAMADA DRENANTE DE BRITA Nº 2 PARA LEITO DE SECAGEM","COMP. DE REFERÊNCIA:",null,"CÓDIGO:"]
[{"$nulls":4},"MATERIAIS / MÃO DE OBRA"]
[null,"TIPO"," REFER.","CÓDIGO","DISCRIMINAÇÃO","UNID.","QUANT.","P.UNIT.","P.TOTAL"]
[{"$nulls":4},"PEDRA BRITADA N. 2 (19 A 38 MM) POSTO PEDREIRA/FORNECEDOR, SEM FRETE","M³    ",1.1000000000000001,"55,38",60.92]
[{"$nulls":4},"SERVENTE DE OBRAS","H     ",0.25,"11,09",2.77]
[{"$nulls":7},"SUB-TOTAL",63.69]
[{"$nulls":4},"SERVIÇOS / EQUIPAMENTOS"]
[null,"TIPO"," REFER.","CÓDIGO","DISCRIMINAÇÃO","UNID.","QUANT.","P.UNIT.","P.TOTAL"]
[{"$nulls":8},0]
[{"$nulls":7},"SUB-TOTAL",0]
[{"$nulls":5},"TOTAL DO SERVIÇO - R$",null,null,63.69]
[]
[null,"CODEVASF","ITEM","TIPO"," COMPOSIÇÃO DE PREÇO UNITÁRIO","SETEMBRO DE 2018",null,"UNIDADE: ","M³"]
[null,"COMPOSIÇÃO","7.3.12","SERVIÇO /\nMATERIAL:","CAMADA DRENANTE DE AREIA GROSSA PARA LEITO DE SECAGEM","COMP. DE REFERÊNCIA:",null,"CÓDIGO:"]
[{"$nulls":4},"MATERIAIS / MÃO DE OBRA"]
[null,"TIPO"," REFER.","CÓDIGO","DISCRIMINAÇÃO","UNID.","QUANT.","P.UNIT.","P.TOTAL"]
[{"$nulls":4},"AREIA GROSSA - POSTO JAZIDA/FORNECEDOR (RETIRADO NA JAZIDA, SEM TRANSPORTE)","M³    ",1.1000000000000001,"65,00",71.5]
[{"$nulls":4},"SERVENTE DE OBRAS","H     ",0.25,"11,09",2.77]
[{"$nulls":7},"SUB-TOTAL",74.27]
[{"$nulls":4},"SERVIÇOS / EQUIPAMENTOS"]
[null,"TIPO"," REFER.","CÓDIGO","DISCRIMINAÇÃO","UNID.","QUANT.","P.UNIT.","P.TOTAL"]
[{"$nulls":8},0]
[{"$nulls":7},"SUB-TOTAL",0]
[{"$nulls":5},"TOTAL DO SERVIÇO - R$",null,null,74.27]
[]
[null,"CODEVASF","ITEM","TIPO"," COMPOSIÇÃO DE PREÇO UNITÁRIO","SETEMBRO DE 2018",null,"UNIDADE: ","M³"]
[null,"COMPOSIÇÃO","7.3.11","SERVIÇO /\nMATERIAL:","CAMADA DE BRITA Nº 4 PARA LEITO FILTRANTE","COMP. DE REFERÊNCIA:",null,"CÓDIGO:"]
[{"$nulls":4},"MATERIAIS / MÃO DE OBRA"]
[null,"TIPO"," REFER.","CÓDIGO","DISCRIMINAÇÃO","UNID.","QUANT.","P.UNIT.","P.TOTAL"]
[{"$nulls":4},"PEDRA BRITADA N. 4 (50 A 76 MM) POSTO PEDREIRA/FORNECEDOR, SEM FRETE","M³    ",1.1000000000000001,"60,42",66.459999999999994]
[{"$nulls":4},"SERVENTE DE OBRAS","H     ",0.25,"11,09",2.77]
[{"$nulls":7},"SUB-TOTAL",69.23]
[{"$nulls":4},"SERVIÇOS / EQUIPAMENTOS"]
[null,"TIPO"," REFER.","CÓDIGO","DISCRIMINAÇÃO","UNID.","QUANT.","P.UNIT.","P.TOTAL"]
[{"$nulls":8},0]
[{"$nulls":7},"SUB-TOTAL",0]
[{"$nulls":5},"TOTAL DO SERVIÇO - R$",null,null,69.23]
[]
[null,"CODEVASF","ITEM","TIPO"," COMPOSIÇÃO DE PREÇO UNITÁRIO","SETEMBRO DE 2018",null,"UNIDADE: ","UN"]
[null,"COMPOSIÇÃO","9.1.1","SERVIÇO /\nMATERIAL:","FORNECIMENTO DOS MATERIAIS PARA O SISTEMA ELÉTRICO DE UMA EEE","COMP. DE REFERÊNCIA:",null,"CÓDIGO:","ELE01"]
[{"$nulls":4},"MATERIAIS / MÃO DE OBRA"]
[null,"TIPO"," REFER.","CÓDIGO","DISCRIMINAÇÃO","UNID.","QUANT.","P.UNIT.","P.TOTAL"]
[{"$nulls":4},"CAIXA DE PVC 4\" X  2\" , EMBUTIR, P/ELETRODUTO (PRETA)","UN",9,1.26,11.34]
[{"$nulls":4},"TAMPA REFORÇADA EM FERRO FUNDIDO D=300MM, C/ESCOTILHA QUADRADA E ARTICULADA,  P/CX.ATERRAMENTO, REF:TEL-536 OU SIMILAR (SPDA)","UN",4,103.84,415.36]
[{"$nulls":4},"CORPO DA CAIXA DE INSPEÇÃO EM PVC P/ATERRAMENTO D=300MM, REDONDA, H=300MM, RE F: TEL-552 OU SIMILAR (SPDA)","UN",4,21.09,84.36]
[{"$nulls":4},"CAIXA DE PASSAGEM 30X30CM, EM CHAPA DE AÇO GALVANIZADO P/ELETRICA","UN",7,36,252]
[{"$nulls":4},"CAIXA OCTOGONAL DE FUNDO MOVEL, EM PVC, DE 4\" X 4\", PARA ELETRODUTO FLEXIVEL CORRUGADO","UN    ",6,"5,31",31.86]
[{"$nulls":4},"PAINEL ELETRICO C/2 SOFT START 7,5CV,380V/60Hz","UN",1,13400,13400]
[{"$nulls":4},"LUMINÁRIA EXTERNA EM CORPO DE AÇO C/ PINTURA ELETROSTÁTICA, REFLETOR EM ALUMÍ NIO MARTELADO, DIFUSOR EM VIDRO TEMPERADO, INCLUISIVE POSTE DE 4M, REF. EX08- S1E40T4 DA LUMICENTER OU SIMILAR","UN",4,1667.88,6671.52]
[{"$nulls":4},"ELETRODUTO PVC FLEXIVEL CORRUGADO, REFORCADO, COR LARANJA, DE 32 MM, PARA LAJES E PISOS","M     ",55.03,"4,16",228.92]
[{"$nulls":4},"ELETRODUTO PVC FLEXIVEL CORRUGADO, REFORCADO, COR LARANJA, DE 25 MM, PARA LAJES E PISOS","M     ",52.61,"2,16",113.64]
[{"$nulls":4},"ELETRODUTODUTO PEAD FLEXIVEL PAREDE SIMPLES, CORRUGACAO HELICOIDAL, COR PRETA, SEM ROSCA, DE 1 1/2\",  PARA CABEAMENTO SUBTERRANEO (NBR 15715)","M     ",3.98,"2,84",11.3]
[{"$nulls":4},"ELETRODUTODUTO PEAD FLEXIVEL PAREDE SIMPLES, CORRUGACAO HELICOIDAL, COR PRETA, SEM ROSCA, DE 1 1/4\",  PARA CABEAMENTO SUBTERRANEO (NBR 15715)","M     ",20.5,"2,47",50.64]
[{"$nulls":4},"ELETRODUTO FLEXIVEL, EM ACO GALVANIZADO, REVESTIDO EXTERNAMENTE COM PVC PRETO, DIAMETRO EXTERNO DE 32 MM (1\"), TIPO SEALTUBO","M     ",13.24,"15,64",207.07]
[{"$nulls":4},"ELETRODUTO FLEXIVEL, EM ACO GALVANIZADO, REVESTIDO EXTERNAMENTE COM PVC PRETO, DIAMETRO EXTERNO DE 25 MM (3/4\"), TIPO SEALTUBO","M     ",1.44,"11,93",17.18]
[{"$nulls":4},"LUMINARIA FLUORESCENTE 2X20W COMPLETA COM LAMPADA","UN",6,46,276]
[{"$nulls":4},"HASTE COBREADA COPPERWELD P/ ATERRAMENTO 254 MICR D= 3/4\" X 3,00 M C/CONECTOR","UN",4,49.5,198]
[{"$nulls":4},"INTERRUPTOR EMBUTIR 01 SEÇÃO SIMPLES COM PLACA","UN",3,3.4,10.199999999999999]
[{"$nulls":4},"QUADRO DE DISTRIBUICAO COM BARRAMENTO TRIFASICO, DE SOBREPOR, EM CHAPA DE ACO GALVANIZADO, PARA 12 DISJUNTORES DIN, 100 A","UN    ",2,"249,84",499.68]
[{"$nulls":4},"TOMADA DUPLA, DE EMBUTIR, PARA USO GERAL, 2P+T, ABNT, 20A, INCLUSIVE PLACA EM PVC","UN",6,11.52,69.12]
[{"$nulls":4},"RELE FOTOELETRICO INTERNO E EXTERNO BIVOLT 1000 W, DE CONECTOR, SEM BASE","UN    ",4,"15,45",61.8]
[{"$nulls":4},"BASE FIXA PARA RELÉ FOTO ELÉTRICO","UN",4,5.7,22.8]
[{"$nulls":4},"CONDULETE TIPO \"LB\" DE 1\" EM ALUMÍNIO FUNDIDO A PROVA DE TEMPO, GASES, VAPORE S E PÓS.","UN",2,12.9,25.8]
[{"$nulls":4},"CONDULETE TIPO \"LL\" DE 1\" EM ALUMÍNIO FUNDIDO A PROVA DE TEMPO, GASES, VAPORE S E PÓS.","UN",4,9.8000000000000007,39.200000000000003]
[{"$nulls":4},"CONDULETE TIPO \"LR\" DE 1\" EM ALUMÍNIO FUNDIDO A PROVA DE TEMPO, GASES, VAPORE S E PÓS.","UN",2,11.8,23.6]
[{"$nulls":4},"CONDULETE TIPO \"T\" DE 1\" EM ALUMÍNIO FUNDIDO A PROVA DE TEMPO, GASES, VAPORES E PÓS.","UN",1,11.62,11.62]
[{"$nulls":4},"BUCHA ALUMÍNIO P/ELETRODUTO D=1 \"","UN",18,0.6,10.8]
[{"$nulls":4},"ARRUELA DE ALUMÍNIO P/ELETRODUTO D=1 \"","UN",18,0.4,7.2]
[{"$nulls":4},"ELETRODUTO EM FERRO GALVANIZADO PESADO SEM COSTURA 1\" X 3M","UN",10,67.900000000000006,679]
[{"$nulls":4},"LUVA FERRO GALVANIZADO D=1 \"","UN",6,7.41,44.46]
[{"$nulls":4},"CABO FLEXÍVEL TETRAPOLAR 4 x 10,0 mm²","M",32.57,11.51,374.88]
[{"$nulls":4},"CABO FLEXÍVEL TETRAPOLAR 4 x 4,0 mm²","M",58.03,5.19,301.18]
[{"$nulls":4},"CABO DE COBRE ISOLADO EPR, FLEXIVEL,  10MM²,  0,6/1KV / 90º C (EPROTENAX-G7 O U SIMILAR)","M",9.64,4.5,43.38]
[{"$nulls":4},"CABO COBRE NU 10MM2","M",31.38,3.77,118.3]
[{"$nulls":4},"CABO MULTIPOLAR DE COBRE, FLEXIVEL, CLASSE 4 OU 5, ISOLACAO EM HEPR, COBERTURA EM PVC-ST2, ANTICHAMA BWF-B, 0,6/1 KV, 3 CONDUTORES DE 2,5 MM²","M     ",73.099999999999994,"6,81",497.81]
[{"$nulls":4},"TERMINAL A COMPRESSAO EM COBRE ESTANHADO PARA CABO 2,5 MM², 1 FURO E 1 COMPRESSAO, PARA PARAFUSO DE FIXACAO M5","UN    ",6,"0,65",3.9]
[{"$nulls":4},"TERMINAL A COMPRESSAO EM COBRE ESTANHADO PARA CABO 4 MM², 1 FURO E 1 COMPRESSAO, PARA PARAFUSO DE FIXACAO M5","UN    ",24,"0,85",20.399999999999999]
[{"$nulls":4},"TERMINAL A COMPRESSAO EM COBRE ESTANHADO PARA CABO 10 MM², 1 FURO E 1 COMPRESSAO, PARA PARAFUSO DE FIXACAO M6","UN    ",32,"1,09",34.880000000000003]
[{"$nulls":4},"DISJUNTOR TIPO DIN/IEC, MONOPOLAR DE 6  ATE  32A","UN    ",5,"9,42",47.1]
[{"$nulls":4},"DISJUNTOR TIPO DIN/IEC, TRIPOLAR DE 10 ATE 50A","UN    ",7,"66,15",463.05]
[{"$nulls":4},"CABO DE COBRE, FLEXIVEL, CLASSE 4 OU 5, ISOLACAO EM PVC/A, ANTICHAMA BWF-B, 1 CONDUTOR, 450/750 V, SECAO NOMINAL 2,5 MM²","M     ",27.12,"1,68",45.56]
[{"$nulls":4},"CABO DE COBRE, FLEXIVEL, CLASSE 4 OU 5, ISOLACAO EM PVC/A, ANTICHAMA BWF-B, 1 CONDUTOR, 450/750 V, SECAO NOMINAL 2,5 MM²","M     ",43.02,"1,68",72.27]
[{"$nulls":4},"CABO DE COBRE, FLEXIVEL, CLASSE 4 OU 5, ISOLACAO EM PVC/A, ANTICHAMA BWF-B, 1 CONDUTOR, 450/750 V, SECAO NOMINAL 2,5 MM²","M     ",62.18,"1,68",104.46]
[{"$nulls":4},"CABO DE COBRE, FLEXIVEL, CLASSE 4 OU 5, ISOLACAO EM PVC/A, ANTICHAMA BWF-B, 1 CONDUTOR, 450/750 V, SECAO NOMINAL 2,5 MM²","M     ",21.25,"1,68",35.700000000000003]
[{"$nulls":4},"CABO DE COBRE, FLEXIVEL, CLASSE 4 OU 5, ISOLACAO EM PVC/A, ANTICHAMA BWF-B, 1 CONDUTOR, 450/750 V, SECAO NOMINAL 2,5 MM²","M     ",62.18,"1,68",104.46]
[{"$nulls":4},"AUTOMATICO DE BOIA SUPERIOR / INFERIOR, *15* A / 250 V","UN    ",2,"38,10",76.2]
[{"$nulls":4},"GRUPO GERADOR PARA MOTOR DE 7,5 A 10 CV PARTIDA SOFT START, AUTOMÁTICO C/ QUADRO DE REVERSÃO, COMPLETO, CONFORME TR-04","UN",1,42728,42728]
[{"$nulls":7},"SUB-TOTAL",68546]
[{"$nulls":4},"SERVIÇOS / EQUIPAMENTOS"]
[null,"TIPO"," REFER.","CÓDIGO","DISCRIMINAÇÃO","UNID.","QUANT.","P.UNIT.","P.TOTAL"]
[{"$nulls":8},0]
[{"$nulls":7},"SUB-TOTAL",0]
[{"$nulls":5},"TOTAL DO SERVIÇO - R$",null,null,68546]
[]
[null,"CODEVASF","ITEM","TIPO"," COMPOSIÇÃO DE PREÇO UNITÁRIO","SETEMBRO DE 2018",null,"UNIDADE: ","UN "]
[null,"COMPOSIÇÃO","9.1.2","SERVIÇO /\nMATERIAL:","SERVIÇO PARA INSTALAÇÃO DOS MATERIAIS ELÉTRICOS DE UMA EEE","COMP. DE REFERÊNCIA:",null,"CÓDIGO:","ELE02"]
[{"$nulls":4},"MATERIAIS / MÃO DE OBRA"]
[null,"TIPO"," REFER.","CÓDIGO","DISCRIMINAÇÃO","UNID.","QUANT.","P.UNIT.","P.TOTAL"]
[{"$nulls":4},"ENGENHEIRO ELETRICISTA","H     ",24,"88,84",2132.16]
[{"$nulls":4},"ELETROTECNICO","H     ",48,"16,31",782.88]
[{"$nulls":4},"ELETRICISTA DE MANUTENCAO INDUSTRIAL","H     ",48,"14,74",707.52]
[{"$nulls":4},"AJUDANTE DE ELETRICISTA","H     ",48,"10,35",496.8]
[{"$nulls":7},"SUB-TOTAL",4119.3599999999997]
[{"$nulls":4},"SERVIÇOS / EQUIPAMENTOS"]
[null,"TIPO"," REFER.","CÓDIGO","DISCRIMINAÇÃO","UNID.","QUANT.","P.UNIT.","P.TOTAL"]
[{"$nulls":8},0]
[{"$nulls":7},"SUB-TOTAL",0]
[{"$nulls":5},"TOTAL DO SERVIÇO - R$",null,null,4119.3599999999997]
[]
[null,"CODEVASF","ITEM","TIPO"," COMPOSIÇÃO DE PREÇO UNITÁRIO","SETEMBRO DE 2018",null,"UNIDADE: ","UN "]
[null,"COMPOSIÇÃO","9.1.3","SERVIÇO /\nMATERIAL:","COMISSIONAMENTO E STARTUP PARA CADA EEE","COMP. DE REFERÊNCIA:",null,"CÓDIGO:","ELE03"]
[{"$nulls":4},"MATERIAIS / MÃO DE OBRA"]
[null,"TIPO"," REFER.","CÓDIGO","DISCRIMINAÇÃO","UNID.","QUANT.","P.UNIT.","P.TOTAL"]
[{"$nulls":4},"ENGENHEIRO ELETRICISTA","H     ",8,"88,84",710.72]
[{"$nulls":4},"ELETROTECNICO","H     ",16,"16,31",260.95999999999998]
[{"$nulls":4},"ELETRICISTA DE MANUTENCAO INDUSTRIAL","H     ",16,"14,74",235.84]
[{"$nulls":4},"AJUDANTE DE ELETRICISTA","H     ",16,"10,35",165.6]
[{"$nulls":7},"SUB-TOTAL",1373.12]
[{"$nulls":4},"SERVIÇOS / EQUIPAMENTOS"]
[null,"TIPO"," REFER.","CÓDIGO","DISCRIMINAÇÃO","UNID.","QUANT.","P.UNIT.","P.TOTAL"]
[{"$nulls":8},0]
[{"$nulls":7},"SUB-TOTAL",0]
[{"$nulls":5},"TOTAL DO SERVIÇO - R$",null,null,1373.12]
[]
[null,"CODEVASF","ITEM","TIPO"," COMPOSIÇÃO DE PREÇO UNITÁRIO","SETEMBRO DE 2018",null,"UNIDADE: ","UN"]
[null,"COMPOSIÇÃO","9.2.1","SERVIÇO /\nMATERIAL:","FORNECIMENTO DOS MATERIAIS PARA O SISTEMA ELÉTRICO DE UMA ETE","COMP. DE REFERÊNCIA:",null,"CÓDIGO:","ELE04"]
[{"$nulls":4},"MATERIAIS / MÃO DE OBRA"]
[null,"TIPO"," REFER.","CÓDIGO","DISCRIMINAÇÃO","UNID.","QUANT.","P.UNIT.","P.TOTAL"]
[{"$nulls":4},"CAIXA DE PASSAGEM 30X30CM, EM CHAPA DE AÇO GALVANIZADO P/ELETRICA","UN",4,36,144]
[{"$nulls":4},"LUMINÁRIA EXTERNA EM CORPO DE AÇO C/ PINTURA ELETROSTÁTICA, REFLETOR EM ALUMÍ NIO MARTELADO, DIFUSOR EM VIDRO TEMPERADO, INCLUISIVE POSTE DE 4M, REF. EX08- S1E40T4 DA LUMICENTER OU SIMILAR","UN",4,1667.88,6671.52]
[{"$nulls":4},"ELETRODUTO PVC FLEXIVEL CORRUGADO, REFORCADO, COR LARANJA, DE 25 MM, PARA LAJES E PISOS","M     ",57.77,"2,16",124.78]
[{"$nulls":4},"RELE FOTOELETRICO INTERNO E EXTERNO BIVOLT 1000 W, DE CONECTOR, SEM BASE","UN    ",4,"15,45",61.8]
[{"$nulls":4},"BASE FIXA PARA RELÉ FOTO ELÉTRICO","UN",4,5.7,22.8]
[{"$nulls":4},"CABO MULTIPOLAR DE COBRE, FLEXIVEL, CLASSE 4 OU 5, ISOLACAO EM HEPR, COBERTURA EM PVC-ST2, ANTICHAMA BWF-B, 0,6/1 KV, 3 CONDUTORES DE 4 MM²","M     ",85.67,"10,37",888.4]
[{"$nulls":4},"TERMINAL A COMPRESSAO EM COBRE ESTANHADO PARA CABO 4 MM², 1 FURO E 1 COMPRESSAO, PARA PARAFUSO DE FIXACAO M5","UN    ",6,"0,85",5.0999999999999996]
[{"$nulls":7},"SUB-TOTAL",7918.4]
[{"$nulls":4},"SERVIÇOS / EQUIPAMENTOS"]
[null,"TIPO"," REFER.","CÓDIGO","DISCRIMINAÇÃO","UNID.","QUANT.","P.UNIT.","P.TOTAL"]
[{"$nulls":8},0]
[{"$nulls":7},"SUB-TOTAL",0]
[{"$nulls":5},"TOTAL DO SERVIÇO - R$",null,null,7918.4]
[]
[null,"CODEVASF","ITEM","TIPO"," COMPOSIÇÃO DE PREÇO UNITÁRIO","SETEMBRO DE 2018",null,"UNIDADE: ","UN "]
[null,"COMPOSIÇÃO","9.2.2","SERVIÇO /\nMATERIAL:","SERVIÇO PARA INSTALAÇÃO DOS MATERIAIS ELÉTRICOS DE UMA ETE","COMP. DE REFERÊNCIA:",null,"CÓDIGO:","ELE05"]
[{"$nulls":4},"MATERIAIS / MÃO DE OBRA"]
[null,"TIPO"," REFER.","CÓDIGO","DISCRIMINAÇÃO","UNID.","QUANT.","P.UNIT.","P.TOTAL"]
[{"$nulls":4},"ENGENHEIRO ELETRICISTA","H     ",6,"88,84",533.04]
[{"$nulls":4},"ELETROTECNICO","H     ",18,"16,31",293.58]
[{"$nulls":4},"ELETRICISTA DE MANUTENCAO INDUSTRIAL","H     ",18,"14,74",265.32]
[{"$nulls":4},"AJUDANTE DE ELETRICISTA","H     ",18,"10,35",186.3]
[{"$nulls":7},"SUB-TOTAL",1278.24]
[{"$nulls":4},"SERVIÇOS / EQUIPAMENTOS"]
[null,"TIPO"," REFER.","CÓDIGO","DISCRIMINAÇÃO","UNID.","QUANT.","P.UNIT.","P.TOTAL"]
[{"$nulls":8},0]
[{"$nulls":7},"SUB-TOTAL",0]
[{"$nulls":5},"TOTAL DO SERVIÇO - R$",null,null,1278.24]
[]
[null,"CODEVASF","ITEM","TIPO"," COMPOSIÇÃO DE PREÇO UNITÁRIO","SETEMBRO DE 2018",null,"UNIDADE: ","KM"]
[null,"COMPOSIÇÃO","9.4.1","SERVIÇO /\nMATERIAL:","FORNECIMENTO DOS MATERIAIS PARA EXTENSÃO DE REDE BT PARA CADA EEE","COMP. DE REFERÊNCIA:",null,"CÓDIGO:","ELE06"]
[{"$nulls":4},"MATERIAIS / MÃO DE OBRA"]
[null,"TIPO"," REFER.","CÓDIGO","DISCRIMINAÇÃO","UNID.","QUANT.","P.UNIT.","P.TOTAL"]
[{"$nulls":4},"CABO DE ALUMÍNIO MULTIPLEX XLPE 06/1KV 2X1X50+50MM2","M",1000,12.65,12650]
[{"$nulls":4},"MATERIAIS E ACESSÓRIOS PARA REDE DE DISTRIBUIÇÃO SECUNDÁRIA, PARA CABO DE ALUMÍNIO, NA TENSÃO DE 380 V, COM ESTRUTURA DE ALINHAMENTO EM POSTE DE CONCRETO ARMADO DUPLO T 150/9 (CONDUTOR E TRANSFORMADOR NÃO INCLUSOS)","KM",1,19080.419999999998,19080.419999999998]
[{"$nulls":7},"SUB-TOTAL",31730.42]
[{"$nulls":4},"SERVIÇOS / EQUIPAMENTOS"]
[null,"TIPO"," REFER.","CÓDIGO","DISCRIMINAÇÃO","UNID.","QUANT.","P.UNIT.","P.TOTAL"]
[{"$nulls":8},0]
[{"$nulls":7},"SUB-TOTAL",0]
[{"$nulls":5},"TOTAL DO SERVIÇO - R$",null,null,31730.42]
[]
[null,"CODEVASF","ITEM","TIPO"," COMPOSIÇÃO DE PREÇO UNITÁRIO","SETEMBRO DE 2018",null,"UNIDADE: ","UN "]
[null,"COMPOSIÇÃO","9.4.2","SERVIÇO /\nMATERIAL:","SERVIÇO PARA PROJETO DA EXTENSÃO DE REDE BT PARA CADA EEE","COMP. DE REFERÊNCIA:",null,"CÓDIGO:","ELE07"]
[{"$nulls":4},"MATERIAIS / MÃO DE OBRA"]
[null,"TIPO"," REFER.","CÓDIGO","DISCRIMINAÇÃO","UNID.","QUANT.","P.UNIT.","P.TOTAL"]
[{"$nulls":4},"ENGENHEIRO ELETRICISTA","H     ",10,"88,84",888.4]
[{"$nulls":4},"DESENHISTA PROJETISTA","H     ",10,"20,63",206.3]
[{"$nulls":7},"SUB-TOTAL",1094.7]
[{"$nulls":4},"SERVIÇOS / EQUIPAMENTOS"]
[null,"TIPO"," REFER.","CÓDIGO","DISCRIMINAÇÃO","UNID.","QUANT.","P.UNIT.","P.TOTAL"]
[{"$nulls":8},0]
[{"$nulls":7},"SUB-TOTAL",0]
[{"$nulls":5},"TOTAL DO SERVIÇO - R$",null,null,1094.7]
[]
[null,"CODEVASF","ITEM","TIPO"," COMPOSIÇÃO DE PREÇO UNITÁRIO","SETEMBRO DE 2018",null,"UNIDADE: ","UN "]
[null,"COMPOSIÇÃO","9.4.3","SERVIÇO /\nMATERIAL:","SERVIÇO PARA EXECUÇÃO DA EXTENSÃO DE REDE BT PARA CADA EEE","COMP. DE REFERÊNCIA:",null,"CÓDIGO:","ELE08"]
[{"$nulls":4},"MATERIAIS / MÃO DE OBRA"]
[null,"TIPO"," REFER.","CÓDIGO","DISCRIMINAÇÃO","UNID.","QUANT.","P.UNIT.","P.TOTAL"]
[{"$nulls":4},"ENGENHEIRO ELETRICISTA","H     ",4,"88,84",355.36]
[{"$nulls":4},"ELETROTECNICO","H     ",12,"16,31",195.72]
[{"$nulls":4},"ELETRICISTA DE MANUTENCAO INDUSTRIAL","H     ",12,"14,74",176.88]
[{"$nulls":4},"AJUDANTE DE ELETRICISTA","H     ",12,"10,35",124.2]
[{"$nulls":4},"MOTORISTA OPERADOR DE CAMINHAO COM MUNCK","H     ",2,"30,01",60.02]
[{"$nulls":7},"SUB-TOTAL",912.18]
[{"$nulls":4},"SERVIÇOS / EQUIPAMENTOS"]
[null,"TIPO"," REFER.","CÓDIGO","DISCRIMINAÇÃO","UNID.","QUANT.","P.UNIT.","P.TOTAL"]
[{"$nulls":4},"CAMINHÃO COMERC. EQUIP. C/GUINDASTE (CHP)","H",2,99,198]
[{"$nulls":7},"SUB-TOTAL",198]
[{"$nulls":5},"TOTAL DO SERVIÇO - R$",null,null,1110.18]
[]
[null,"CODEVASF","ITEM","TIPO"," COMPOSIÇÃO DE PREÇO UNITÁRIO","SETEMBRO DE 2018",null,"UNIDADE: ","UN "]
[null,"COMPOSIÇÃO","10.1.1","SERVIÇO /\nMATERIAL:","ELABORAÇÃO DO PROJETO ESTRUTURAL","COMP. DE REFERÊNCIA:",null,"CÓDIGO:"]
[{"$nulls":4},"MATERIAIS / MÃO DE OBRA"]
[null,"TIPO"," REFER.","CÓDIGO","DISCRIMINAÇÃO","UNID.","QUANT.","P.UNIT.","P.TOTAL"]
[{"$nulls":4},"ENGENHEIRO CIVIL DE OBRA JUNIOR","H     ",120,"80,33",9639.6]
[{"$nulls":4},"DESENHISTA PROJETISTA","H     ",120,"20,63",2475.6]
[{"$nulls":7},"SUB-TOTAL",12115.2]
[{"$nulls":4},"SERVIÇOS / EQUIPAMENTOS"]
[null,"TIPO"," REFER.","CÓDIGO","DISCRIMINAÇÃO","UNID.","QUANT.","P.UNIT.","P.TOTAL"]
[{"$nulls":8},0]
[{"$nulls":7},"SUB-TOTAL",0]
[{"$nulls":5},"TOTAL DO SERVIÇO - R$",null,null,12115.2]
[]
[null,"CODEVASF","ITEM","TIPO"," COMPOSIÇÃO DE PREÇO UNITÁRIO","SETEMBRO DE 2018",null,"UNIDADE: ","UN "]
[null,"COMPOSIÇÃO","10.1.2","SERVIÇO /\nMATERIAL:","ELABORAÇÃO DO PROJETO ELÉTRICO","COMP. DE REFERÊNCIA:",null,"CÓDIGO:"]
[{"$nulls":4},"MATERIAIS / MÃO DE OBRA"]
[null,"TIPO"," REFER.","CÓDIGO","DISCRIMINAÇÃO","UNID.","QUANT.","P.UNIT.","P.TOTAL"]
[{"$nulls":4},"ENGENHEIRO ELETRICISTA","H     ",96,"88,84",8528.64]
[{"$nulls":4},"DESENHISTA PROJETISTA","H     ",96,"20,63",1980.48]
[{"$nulls":7},"SUB-TOTAL",10509.12]
[{"$nulls":4},"SERVIÇOS / EQUIPAMENTOS"]
[null,"TIPO"," REFER.","CÓDIGO","DISCRIMINAÇÃO","UNID.","QUANT.","P.UNIT.","P.TOTAL"]
[{"$nulls":8},0]
[{"$nulls":7},"SUB-TOTAL",0]
[{"$nulls":5},"TOTAL DO SERVIÇO - R$",null,null,10509.12]
[]
[null,"CODEVASF","ITEM","TIPO"," COMPOSIÇÃO DE PREÇO UNITÁRIO","SETEMBRO DE 2018",null,"UNIDADE: ","UN "]
[null,"COMPOSIÇÃO","10.1.3","SERVIÇO /\nMATERIAL:","ELABORAÇÃO DO PROJETO HIDRÁULICO/ARQUITETÔNICO  E RELATÓRIOS","COMP. DE REFERÊNCIA:",null,"CÓDIGO:"]
[{"$nulls":4},"MATERIAIS / MÃO DE OBRA"]
[null,"TIPO"," REFER.","CÓDIGO","DISCRIMINAÇÃO","UNID.","QUANT.","P.UNIT.","P.TOTAL"]
[{"$nulls":4},"ENGENHEIRO SANITARISTA","H     ",120,"86,78",10413.6]
[{"$nulls":4},"DESENHISTA PROJETISTA","H     ",120,"20,63",2475.6]
[{"$nulls":7},"SUB-TOTAL",12889.2]
[{"$nulls":4},"SERVIÇOS / EQUIPAMENTOS"]
[null,"TIPO"," REFER.","CÓDIGO","DISCRIMINAÇÃO","UNID.","QUANT.","P.UNIT.","P.TOTAL"]
[{"$nulls":8},0]
[{"$nulls":7},"SUB-TOTAL",0]
[{"$nulls":5},"TOTAL DO SERVIÇO - R$",null,null,12889.2]
[]
[null,"CODEVASF","ITEM","TIPO"," COMPOSIÇÃO DE PREÇO UNITÁRIO","SETEMBRO DE 2018",null,"UNIDADE: ","UN "]
[null,"COMPOSIÇÃO","10.1.4","SERVIÇO /\nMATERIAL:","ELABORAÇÃO DE PLANILHAS ORÇAMENTÁRIAS","COMP. DE REFERÊNCIA:",null,"CÓDIGO:"]
[{"$nulls":4},"MATERIAIS / MÃO DE OBRA"]
[null,"TIPO"," REFER.","CÓDIGO","DISCRIMINAÇÃO","UNID.","QUANT.","P.UNIT.","P.TOTAL"]
[null,"INSUMO","SINAPI",2706,"ENGENHEIRO CIVIL DE OBRA JUNIOR","H     ",80,"80,33",6426.4]
[{"$nulls":7},"SUB-TOTAL",6426.4]
[{"$nulls":4},"SERVIÇOS / EQUIPAMENTOS"]
[null,"TIPO"," REFER.","CÓDIGO","DISCRIMINAÇÃO","UNID.","QUANT.","P.UNIT.","P.TOTAL"]
[{"$nulls":8},0]
[{"$nulls":7},"SUB-TOTAL",0]
[{"$nulls":5},"TOTAL DO SERVIÇO - R$",null,null,6426.4]

{"sheet":"BDI's","index":3,"n_rows":61,"n_cols":9,"rows_kept":61,"cut":false,"hidden":false,"merged":[[61,1,61,6],[5,1,5,6],[6,1,7,6],[1,2,4,6],[39,2,40,2],[30,1,30,6],[60,1,60,6],[29,1,29,6],[33,2,35,6],[36,1,36,6],[37,1,38,6],[39,1,40,1],[8,1,9,1],[8,2,9,2]]}
[]
[null,null,"COMPANHIA DE DESENVOLVIMENTO DOS                                                                                                                                                         VALES DO SÃO FRANCISCO E DO PARNAÍBA\n3ª Superintendência Regional"]
[]
[]
[]
[null,"DETALHAMENTO DO BDI - SERVIÇOS (ACÓRDÃO Nº 2622/2013 - TCU - PLENÁRIO)"]
[null,"COMPLEMENTAÇÃO DAS OBRAS E DOS SERVIÇOS NECESSÁRIOS A IMPLANTAÇÃO DO SISTEMA DE ESGOTAMENTO SANITÁRIO DO MUNICÍPIO DE PETROLÂNDIA, NO ESTADO DE PERNAMBUCO, NA ÁREA DE ATUAÇÃO DA 3ª SUPERINTENDÊNCIA REGIONAL DA CODEVASF."]
[{"$nulls":8}," "]
[null,"Item","Descrição dos Serviços","%","%","%","%"," "]
[null,null,null,"LIMITE INFERIOR","VALOR MÉDIO","LIMITE SUPERIOR","VALOR ADOTADO"]
[null,1,"DESPESAS ADMINISTRATIVAS (DA)",4.71,6.81,9.1999999999999993,4.71," "]
[null,"1.1","Seguros + Garantias",0.28000000000000003,0.49,0.75,0.28000000000000003]
[null,"1.2","Riscos",1,1.39,1.74,1]
[null,"1.3","Administração Central",3.43,4.93,6.71,3.43]
[null," "," ",null,null," "," "]
[null,2,"TRIBUTOS (T)",8.65,8.65,8.65,8.65]
[null,"2.1","ISS",5,5,5,5]
[null,"2.2","PIS",0.65,0.65,0.65,0.65]
[null,"2.3","Cofins",3,3,3,3]
[null,"2.4","CPRB",0,0,0,0]
[]
[null,3,"DESPESAS FINANCEIRAS (DF)",0.94,0.99,1.17,0.94," "]
[]
[null,4,"LUCRO (L)",6.74,8.0399999999999991,9.4,8.0399999999999991]
[]
[null,5,"BDI RECOMENDADO",20.76,24.18,26.44]
[]
[null,6,"BDI CALCULADO",null,null,null,25.01]
[null,7,"BDI ADOTADO",null,null,null,25.01]
[null,"ACÓRDÃO Nº 2622/2013 - TCU - PLENÁRIO:"]
[]
[]
[]
[null,null,"COMPANHIA DE DESENVOLVIMENTO DOS                                                                                                                                                         VALES DO SÃO FRANCISCO E DO PARNAÍBA\n3ª Superintendência Regional"]
[]
[]
[null,"DETALHAMENTO DO BDI - MATERIAIS (ACÓRDÃO Nº 2622/2013 - TCU - PLENÁRIO)"]
[null,"COMPLEMENTAÇÃO DAS OBRAS E DOS SERVIÇOS NECESSÁRIOS A IMPLANTAÇÃO DO SISTEMA DE ESGOTAMENTO SANITÁRIO DO MUNICÍPIO DE PETROLÂNDIA, NO ESTADO DE PERNAMBUCO, NA ÁREA DE ATUAÇÃO DA 3ª SUPERINTENDÊNCIA REGIONAL DA CODEVASF."]
[]
[null,"Item","Descrição dos Serviços","%","%","%","%"]
[null,null,null,"LIMITE INFERIOR","VALOR MÉDIO","LIMITE SUPERIOR","VALOR ADOTADO"]
[null,1,"DESPESAS ADMINISTRATIVAS (DA)",2.36,4.78,6.2,2.36]
[null,"1.1","Seguros + Garantias",0.3,0.48,0.82,0.3]
[null,"1.2","Riscos",0.56000000000000005,0.85,0.89,0.56000000000000005]
[null,"1.3","Administração Central",1.5,3.45,4.49,1.5]
[null," "," ",null,null," "," "]
[null,2,"TRIBUTOS (T)",3.65,3.65,3.65,3.65]
[null,"2.1","ISS",0,0,0,0]
[null,"2.2","PIS",0.65,0.65,0.65,0.65]
[null,"2.3","Cofins",3,3,3,3]
[null,"2.4","CPRB",0,0,0,0]
[]
[null,3,"DESPESAS FINANCEIRAS (DF)",0.85,0.85,1.1100000000000001,1.1100000000000001]
[]
[null,4,"LUCRO (L)",3.5,5.1100000000000003,6.22,6.13]
[]
[null,5,"BDI RECOMENDADO",11.1,14.02,16.8,"-"]
[]
[null,6,"BDI CALCULADO",null,null,null,14]
[null,7,"BDI ADOTADO",null,null,null,14]
[null,"ACÓRDÃO Nº 2622/2013 - TCU - PLENÁRIO:"]

{"sheet":"Leis Sociais","index":4,"n_rows":44,"n_cols":4,"rows_kept":44,"cut":false,"hidden":false,"merged":[[1,0,1,3],[0,0,0,3],[2,0,2,3],[43,0,43,1],[42,0,42,3],[3,2,4,2],[3,3,4,3],[3,0,4,1],[14,0,14,3],[27,0,27,3],[35,0,35,3],[40,0,40,3]]}
["COMPLEMENTAÇÃO DAS OBRAS E DOS SERVIÇOS NECESSÁRIOS A IMPLANTAÇÃO DO SISTEMA DE ESGOTAMENTO SANITÁRIO DO MUNICÍPIO DE PETROLÂNDIA, NO ESTADO DE PERNAMBUCO, NA ÁREA DE ATUAÇÃO DA 3ª SUPERINTENDÊNCIA REGIONAL DA CODEVASF."]
["ENCARGOS SOCIAIS (%) - SEM DESONORAÇÃO"]
[]
["Taxas de leis sociais e riscos do trabalho (%)",null,"HORISTA","MENSALISTA"]
[]
["A1","INSS",20,20]
["A2","SESI",1.5,1.5]
["A3","SENAI",1,1]
["A4","INCRA",0.2,0.2]
["A5","SEBRAE",0.6,0.6]
["A6","Salário Educação",2.5,2.5]
["A7","Seguro Contra Acidentes de Trabalho",3,3]
["A8","FGTS",8,8]
["A9","SECONCI",0,0]
[]
["A","Total dos Encargos Sociais",36.799999999999997,36.799999999999997]
[]
["B1","Repouso Semanal Remunerado",18.079999999999998,"-"]
["B2","Feriados",4.34,"-"]
["B3","Auxílio-enfermidade",0.92,0.7]
["B4","13° salário",10.94,8.33]
["B5","Licença-paternidade",7.0000000000000007E-2,0.05]
["B6","Faltas Justificadas",0.73,0.56000000000000005]
["B7","Dias de chuva",2.2799999999999998,"-"]
["B8","Auxílio Acidente de Trabalho",0.11,0.08]
["B9","Férias Gozadas",8.9,6.78]
["B10","Salário Maternidade",0.03,0.02]
[]
["B","Total dos Encargos Sociais que recebem as incidências de A",46.4,16.52]
[]
["C1","Aviso Prévio Indenizado",5.65,4.3099999999999996]
["C2","Aviso Prévio Trabalhado",0.13,0.1]
["C3","Férias Indenizadas",5.08,3.87]
["C4","Depósito Rescisão Sem Justa Causa",5.0599999999999996,3.85]
["C5","Indenização Adicional",0.48,0.36]
[]
["C","Total dos Encargos Sociais que não recebem as incidências de A",16.399999999999999,12.49]
[]
["D1","Reincidência de A sobre B",17.079999999999998,6.08]
["D2","Reincidência de Grupo A sobre Aviso Prévio Trabalhado e Reincidência do FGTS sobre Aviso Prévio Indenizado",0.5,0.38]
[]
["D","Total da Reincidências",17.579999999999998,6.46]
[]
["T O T A L (%)",null,117.18,72.27]